Toutes les communes d'Occitanie sur une carte - Statistiques

Statistiques générales
  • Ce quiz a été pris 3 606 fois
    3 581 depuis la dernière actualisation
  • Le résultat moyen est 207 sur 4446
Réponses sur la Carte
Les réponses sont colorées sur une échelle allant du rouge au vert en fonction du pourcentage des utilisateurs qui les ont devinées à leur premier essai. Vous pouvez retrouver ces pourcentages ci-dessous.
 
Statistiques - réponses
Département Population Commune % Correct
Hautes-Pyrénées 35 Mont
89%
Gers 92 Mont-d'Astarac
89%
Haute-Garonne 36 Mont-de-Galié
89%
Gers 105 Mont-de-Marrast
89%
Tarn 187 Mont-Roc
89%
Haute-Garonne 498 003 Toulouse
86%
Hérault 302 454 Montpellier
80%
Pyrénées-Orientales 119 656 Perpignan
75%
Gard 148 104 Nîmes
66%
Aude 46 673 Carcassonne
64%
Aude 56 123 Narbonne
63%
Gard 323 Bez-et-Esparon
61%
Tarn 874 Le Bez
61%
Tarn 49714 Albi
60%
Hérault 80 341 Béziers
57%
Aveyron 281 Saint-Jean-et-Saint-Paul
56%
Hautes-Pyrénées 44 529 Tarbes
54%
Tarn-et-Garonne 3251 La Ville-Dieu-du-Temple
53%
Aveyron 24 397 Rodez
53%
Hérault 44 712 Sète
53%
Haute-Garonne 11 114 Saint-Jean
51%
Ariège 378 Saint-Jean-d'Aigues-Vives
51%
Aveyron 244 Saint-Jean-d'Alcapiès
51%
Aude 263 Saint-Jean-de-Barrou
51%
Hérault 211 Saint-Jean-de-Buèges
51%
Gard 178 Saint-Jean-de-Ceyrargues
51%
Hérault 809 Saint-Jean-de-Cornies
51%
Gard 244 Saint-Jean-de-Crieulon
51%
Hérault 525 Saint-Jean-de-Cuculles
51%
Hérault 1 741 Saint-Jean-de-Fos
51%
Hérault 675 Saint-Jean-de-la-Blaquière
51%
Lot 243 Saint-Jean-de-Laur
51%
Aveyron 393 Saint-Jean-Delnous
51%
Tarn 382 Saint-Jean-de-Marcel
51%
Gard 852 Saint-Jean-de-Maruéjols-et-Avéjan
51%
Hérault 137 Saint-Jean-de-Minervois
51%
Aude 131 Saint-Jean-de-Paracol
51%
Tarn 519 Saint-Jean-de-Rives
51%
Gard 529 Saint-Jean-de-Serres
51%
Gard 599 Saint-Jean-de-Valériscle
51%
Tarn 81 Saint-Jean-de-Vals
51%
Hérault 12 570 Saint-Jean-de-Védas
51%
Ariège 1 285 Saint-Jean-de-Verges
51%
Tarn-et-Garonne 52 Saint-Jean-du-Bouzet
51%
Aveyron 717 Saint-Jean-du-Bruel
51%
Ariège 23 Saint-Jean-du-Castillonnais
51%
Ariège 2 855 Saint-Jean-du-Falga
51%
Gard 2 480 Saint-Jean-du-Gard
51%
Gard 1 544 Saint-Jean-du-Pin
51%
Lozère 136 Saint-Jean-la-Fouillouse
51%
Lot 384 Saint-Jean-Lagineste
51%
Pyrénées-Orientales 1 570 Saint-Jean-Lasseille
51%
Gers 394 Saint-Jean-le-Comtal
51%
Lot 407 Saint-Jean-Lespinasse
51%
Haute-Garonne 394 Saint-Jean-Lherm
51%
Lot 299 Saint-Jean-Mirabel
51%
Pyrénées-Orientales 2 258 Saint-Jean-Pla-de-Corts
51%
Gers 311 Saint-Jean-Poutge
51%
Ariège 9 515 Foix
50%
Tarn-et-Garonne 61919 Montauban
50%
Haute-Garonne 521 Montauban-de-Luchon
50%
Gers 23041 Auch
46%
Hérault 6 523 Castries
45%
Gers 562 Castelnau-Barbarens
44%
Gers 88 Castelnau-d'Anglès
44%
Gers 228 Castelnau-d'Arbieu
44%
Aude 500 Castelnau-d'Aude
44%
Gers 1186 Castelnau-d'Auzan Labarrère
44%
Hérault 1 215 Castelnau-de-Guers
44%
Tarn 1617 Castelnau-de-Lévis
44%
Aveyron 570 Castelnau-de-Mandailles
44%
Tarn 1050 Castelnau-de-Montmiral
44%
Haute-Garonne 6 689 Castelnau-d'Estrétefonds
44%
Ariège 453 Castelnau-Durban
44%
Hérault 24 888 Castelnau-le-Lez
44%
Hautes-Pyrénées 765 Castelnau-Magnoac
44%
Lot 1835 Castelnau-Montratier
44%
Aveyron 348 Castelnau-Pégayrols
44%
Haute-Garonne 209 Castelnau-Picampeau
44%
Hautes-Pyrénées 648 Castelnau-Rivière-Basse
44%
Gers 146 Castelnau-sur-l'Auvignon
44%
Gard 485 Castelnau-Valence
44%
Tarn 42672 Castres
44%
Pyrénées-Orientales 261 Saint-Pierre-dels-Forcats
42%
Hérault 29 103 Agde
41%
Haute-Garonne 26 101 Blagnac
41%
Lozère 12316 Mende
41%
Haute-Garonne 247 Saint-Pierre
41%
Gers 58 Saint-Pierre-d'Aubézies
41%
Hérault 127 Saint-Pierre-de-la-Fage
41%
Haute-Garonne 896 Saint-Pierre-de-Lages
41%
Lozère 175 Saint-Pierre-de-Nogaret
41%
Ariège 668 Saint-Pierre-de-Rivière
41%
Aude 182 Saint-Pierre-des-Champs
41%
Lozère 93 Saint-Pierre-des-Tripiers
41%
Tarn 616 Saint-Pierre-de-Trivisy
41%
Lot 378 Saint-Pierre-Lafeuille
41%
Lozère 319 Saint-Pierre-le-Vieux
41%
Lot 162 Saint-Pierre-Toirac
41%
Lot 20141 Cahors
40%
Aveyron 21 482 Millau
40%
Pyrénées-Orientales 4 784 Sainte-Marie-la-Mer
40%
Pyrénées-Orientales 1 757 Saint-Paul-de-Fenouillet
40%
Gard 43 892 Alès
39%
Pyrénées-Orientales 554 Angoustrine-Villeneuve-des-Escaldes
38%
Hautes-Pyrénées 103 Argelès-Bagnères
38%
Hautes-Pyrénées 2 805 Argelès-Gazost
38%
Pyrénées-Orientales 10 792 Argelès-sur-Mer
38%
Haute-Garonne 93 Lourde
38%
Aveyron 696 Mur-de-Barrez
38%
Hautes-Pyrénées 322 Saint-Paul
38%
Tarn 1063 Saint-Paul-Cap-de-Joux
38%
Gers 107 Saint-Paul-de-Baïse
38%
Ariège 1 337 Saint-Paul-de-Jarrat
38%
Tarn-et-Garonne 557 Saint-Paul-d'Espis
38%
Lot 175 Saint-Paul-de-Vern
38%
Haute-Garonne 34 Saint-Paul-d'Oueil
38%
Hérault 1 342 Saint-Paul-et-Valmalle
38%
Lot 984 Saint-Paul-Flaugnac
38%
Gard 315 Saint-Paul-la-Coste
38%
Lozère 136 Saint-Paul-le-Froid
38%
Gard 1 038 Saint-Paul-les-Fonts
38%
Haute-Garonne 1 615 Saint-Paul-sur-Save
38%
Ariège 41 Villeneuve
38%
Aveyron 1 976 Villeneuve
38%
Pyrénées-Orientales 4 270 Villeneuve-de-la-Raho
38%
Haute-Garonne 1 756 Villeneuve-de-Rivière
38%
Ariège 957 Villeneuve-d'Olmes
38%
Ariège 154 Villeneuve-du-Latou
38%
Ariège 778 Villeneuve-du-Paréage
38%
Aude 1 380 Villeneuve-la-Comptal
38%
Pyrénées-Orientales 1 366 Villeneuve-la-Rivière
38%
Haute-Garonne 562 Villeneuve-Lécussan
38%
Gard 12 617 Villeneuve-lès-Avignon
38%
Hérault 4 098 Villeneuve-lès-Béziers
38%
Haute-Garonne 1 629 Villeneuve-lès-Bouloc
38%
Aude 251 Villeneuve-les-Corbières
38%
Tarn 138 Villeneuve-lès-Lavaur
38%
Hérault 10 405 Villeneuve-lès-Maguelone
38%
Aude 335 Villeneuve-lès-Montréal
38%
Aude 955 Villeneuve-Minervois
38%
Tarn 529 Villeneuve-sur-Vère
38%
Haute-Garonne 10 112 Villeneuve-Tolosane
38%
Gers 407 Sainte-Marie
37%
Hautes-Pyrénées 59 Sainte-Marie
37%
Ariège 165 Le Port
36%
Ariège 3 232 La Tour-du-Crieu
35%
Aveyron 200 Bor-et-Bar
34%
Aude 851 Leuc
32%
Hérault 4 488 Lunel-Viel
32%
Haute-Garonne 24 762 Muret
32%
Aveyron 362 Muret-le-Château
32%
Lot 314 Tour-de-Faure
31%
Tarn 1239 Villefranche-d'Albigeois
31%
Gers 153 Villefranche-d'Astarac
31%
Pyrénées-Orientales 207 Villefranche-de-Conflent
31%
Haute-Garonne 4 848 Villefranche-de-Lauragais
31%
Aveyron 684 Villefranche-de-Panat
31%
Aveyron 11 681 Villefranche-de-Rouergue
31%
Ariège 15 938 Pamiers
30%
Pyrénées-Orientales 50 Saint-Martin-de-Fenouillet
30%
Aude 12 467 Castelnaudary
29%
Gers 450 Saint-Martin
29%
Hautes-Pyrénées 437 Saint-Martin
29%
Gers 234 Saint-Martin-d'Armagnac
29%
Lozère 194 Saint-Martin-de-Boubaux
29%
Ariège 365 Saint-Martin-de-Caralp
29%
Gers 123 Saint-Martin-de-Goyne
29%
Lozère 193 Saint-Martin-de-Lansuscle
29%
Hérault 116 Saint-Martin-de-l'Arçon
29%
Aveyron 324 Saint-Martin-de-Lenne
29%
Hérault 2 759 Saint-Martin-de-Londres
29%
Aude 28 Saint-Martin-des-Puits
29%
Gard 4 603 Saint-Martin-de-Valgalgues
29%
Aude 370 Saint-Martin-de-Villereglan
29%
Ariège 230 Saint-Martin-d'Oydes
29%
Gers 86 Saint-Martin-Gimois
29%
Lot 189 Saint-Martin-Labouval
29%
Tarn 392 Saint-Martin-Laguépie
29%
Aude 1 117 Saint-Martin-Lalande
29%
Lot 196 Saint-Martin-le-Redon
29%
Aude 212 Saint-Martin-le-Vieil
29%
Aude 24 Saint-Martin-Lys
29%
Gers 480 Cap-d'Astarac
27%
Pyrénées-Orientales 2 517 Collioure
27%
Haute-Garonne 39866 Colomiers
27%
Hérault 8 573 La Grande-Motte
27%
Aveyron 177 La Roque-Sainte-Marguerite
27%
Aveyron 1 086 Agen-d'Aveyron
26%
Haute-Garonne 11 664 Saint-Gaudens
26%
Hautes-Pyrénées 7 060 Bagnères-de-Bigorre
25%
Haute-Garonne 2 222 Bagnères-de-Luchon
25%
Aveyron 1 586 Conques-en-Rouergue
25%
Lot 9770 Figeac
25%
Hérault 26 185 Lunel
25%
Hérault 5 881 Palavas-les-Flots
25%
Haute-Garonne 383 Saint-Béat-Lez
25%
Hérault 23 808 Frontignan
24%
Haute-Garonne 78 Frontignan-de-Comminges
24%
Haute-Garonne 71 Frontignan-Savès
24%
Hautes-Pyrénées 13 266 Lourdes
24%
Pyrénées-Orientales 1 027 Saint-Laurent-de-Cerdans
24%
Pyrénées-Orientales 10 010 Saint-Laurent-de-la-Salanque
24%
Pyrénées-Orientales 2 794 Arles-sur-Tech
23%
Lozère 289 Cans et Cévennes
23%
Pyrénées-Orientales 1 780 Font-Romeu-Odeillo-Via
23%
Aude 29 Pécharic-et-le-Py
23%
Pyrénées-Orientales 79 Py
23%
Haute-Garonne 178 Saint-Laurent
23%
Gard 3 613 Saint-Laurent-d'Aigouze
23%
Gard 517 Saint-Laurent-de-Carnols
23%
Aude 735 Saint-Laurent-de-la-Cabrerisse
23%
Aveyron 153 Saint-Laurent-de-Lévézou
23%
Lozère 190 Saint-Laurent-de-Muret
23%
Hautes-Pyrénées 960 Saint-Laurent-de-Neste
23%
Gard 2 981 Saint-Laurent-des-Arbres
23%
Lozère 37 Saint-Laurent-de-Veyrès
23%
Aveyron 648 Saint-Laurent-d'Olt
23%
Gard 689 Saint-Laurent-la-Vernède
23%
Gard 368 Saint-Laurent-le-Minier
23%
Lot 847 Saint-Laurent-les-Tours
23%
Hautes-Pyrénées 38 Uz
23%
Haute-Garonne 17 006 Balma
22%
Gard 8 438 Le Grau-du-Roi
22%
Lot 208 Le Roc
22%
Aude 1 832 Canet
21%
Hérault 3 570 Canet
21%
Aveyron 447 Canet-de-Salars
21%
Pyrénées-Orientales 12 598 Canet-en-Roussillon
21%
Gers 6466 Condom
21%
Aveyron 292 Condom-d'Aubrac
21%
Tarn 15663 Gaillac
21%
Aveyron 318 Gaillac-d'Aveyron
21%
Haute-Garonne 1 320 Gaillac-Toulza
21%
Hautes-Pyrénées 508 Lau-Balagnas
21%
Hautes-Pyrénées 175 Luc
21%
Lozère 206 Luc
21%
Aveyron 5 962 Luc-la-Primaube
21%
Aude 244 Luc-sur-Aude
21%
Aude 1 132 Luc-sur-Orbieu
21%
Gard 1 542 Mus
21%
Ariège 31 Prades
21%
Pyrénées-Orientales 6 124 Prades
21%
Tarn 120 Prades
21%
Aveyron 348 Prades-d'Aubrac
21%
Hérault 6 107 Prades-le-Lez
21%
Aveyron 319 Prades-Salars
21%
Hérault 349 Prades-sur-Vernazobre
21%
Pyrénées-Orientales 11 398 Saint-Cyprien
21%
Haute-Garonne 28 763 Tournefeuille
21%
Gard 8 379 Uzès
21%
Aude 194 Festes-et-Saint-André
20%
Gers 127 Saint-André
20%
Haute-Garonne 237 Saint-André
20%
Pyrénées-Orientales 3 400 Saint-André
20%
Tarn 101 Saint-André
20%
Lozère 197 Saint-André-Capcèze
20%
Hérault 43 Saint-André-de-Buèges
20%
Lozère 159 Saint-André-de-Lancize
20%
Gard 602 Saint-André-de-Majencoules
20%
Aveyron 455 Saint-André-de-Najac
20%
Aude 1 377 Saint-André-de-Roquelongue
20%
Gard 591 Saint-André-de-Roquepertuis
20%
Hérault 6 344 Saint-André-de-Sangonis
20%
Gard 354 Saint-André-de-Valborgne
20%
Aveyron 133 Saint-André-de-Vézines
20%
Gard 441 Saint-André-d'Olérargues
20%
Hérault 300 Saint-Étienne-d'Albagnan
20%
Hérault 522 Saint-Étienne-de-Gourgas
20%
Gard 396 Saint-Étienne-de-l'Olm
20%
Gard 539 Saint-Étienne-des-Sorts
20%
Tarn-et-Garonne 4029 Saint-Étienne-de-Tulmont
20%
Lozère 638 Saint-Étienne-du-Valdonnez
20%
Hérault 254 Saint-Étienne-Estréchoux
20%
Lozère 496 Saint-Étienne-Vallée-Française
20%
Ariège 6 415 Saint-Girons
20%
Aude 51 Saint-Louis-et-Parahou
20%
Ariège 85 Saint-Michel
20%
Gers 242 Saint-Michel
20%
Haute-Garonne 316 Saint-Michel
20%
Hérault 58 Saint-Michel
20%
Tarn-et-Garonne 288 Saint-Michel
20%
Lot 328 Saint-Michel-de-Bannières
20%
Lozère 229 Saint-Michel-de-Dèze
20%
Aude 481 Saint-Michel-de-Lanès
20%
Pyrénées-Orientales 357 Saint-Michel-de-Llotes
20%
Gard 691 Saint-Michel-d'Euzet
20%
Tarn 80 Saint-Michel-de-Vax
20%
Tarn 88 Saint-Michel-Labadié
20%
Lot 410 Saint-Michel-Loubéjou
20%
Gard 8 685 Aigues-Mortes
19%
Pyrénées-Orientales 1 257 Cerbère
19%
Ariège 62 Le Pla
19%
Hérault 7 289 Lodève
19%
Tarn 10064 Mazamet
19%
Tarn 2786 Pont-de-Larn
19%
Aveyron 1 632 Pont-de-Salars
19%
Ariège 1 285 Ax-les-Thermes
18%
Tarn-et-Garonne 14178 Castelsarrasin
18%
Pyrénées-Orientales 7 648 Céret
18%
Ariège 116 Clermont
18%
Haute-Garonne 518 Clermont-le-Fort
18%
Hérault 9 269 Clermont-l'Hérault
18%
Gers 160 Clermont-Pouyguillès
18%
Gers 418 Clermont-Savès
18%
Aude 27 Clermont-sur-Lauquet
18%
Gers 287 Jû-Belloc
18%
Aveyron 1 576 Le Bas Ségala
18%
Aude 4 581 Leucate
18%
Aude 10 161 Limoux
18%
Lot 547 Porte-du-Quercy
18%
Pyrénées-Orientales 104 Porté-Puymorens
18%
Aveyron 8 018 Saint-Affrique
18%
Tarn 742 Saint-Affrique-les-Montagnes
18%
Aude 500 Saint-Denis
18%
Gard 293 Saint-Denis
18%
Lot 199 Saint-Denis-Catus
18%
Lozère 147 Saint-Denis-en-Margeride
18%
Lot 333 Saint-Denis-lès-Martel
18%
Hérault 222 Saint-Julien
18%
Aude 85 Saint-Julien-de-Briola
18%
Gard 726 Saint-Julien-de-Cassagnas
18%
Ariège 72 Saint-Julien-de-Gras-Capou
18%
Gard 144 Saint-Julien-de-la-Nef
18%
Gard 1 470 Saint-Julien-de-Peyrolas
18%
Lozère 119 Saint-Julien-des-Points
18%
Tarn 445 Saint-Julien-du-Puy
18%
Tarn 225 Saint-Julien-Gaulène
18%
Gard 3 436 Saint-Julien-les-Rosiers
18%
Haute-Garonne 551 Saint-Julien-sur-Garonne
18%
Aude 5 131 Gruissan
17%
Aveyron 113 La Bastide-Pradines
17%
Haute-Garonne 14 730 Ramonville-Saint-Agne
17%
Hautes-Pyrénées 4 830 Vic-en-Bigorre
17%
Gers 3581 Vic-Fezensac
17%
Hérault 3 416 Vic-la-Gardiole
17%
Gard 571 Vic-le-Fesq
17%
Pyrénées-Orientales 1 310 Banyuls-dels-Aspres
16%
Pyrénées-Orientales 4 671 Banyuls-sur-Mer
16%
Gers 353 Castin
16%
Gers 314 Laas
16%
Pyrénées-Orientales 65 La Bastide
16%
Ariège 381 La Bastide-de-Besplas
16%
Ariège 339 La Bastide-de-Bousignac
16%
Ariège 289 La Bastide-de-Lordat
16%
Ariège 992 La Bastide-de-Sérou
16%
Ariège 205 La Bastide-du-Salat
16%
Lozère 170 La Bastide-Puylaurent
16%
Aveyron 104 La Bastide-Solages
16%
Ariège 672 La Bastide-sur-l'Hers
16%
Hérault 17 544 Lattes
16%
Ariège 1 181 Le Mas-d'Azil
16%
Gers 195 L'Isle-Arné
16%
Gers 245 L'Isle-Bouzon
16%
Gers 556 L'Isle-de-Noé
16%
Haute-Garonne 1 636 L'Isle-en-Dodon
16%
Gers 9324 L'Isle-Jourdain
16%
Tarn 4775 Lisle-sur-Tarn
16%
Haute-Garonne 12 339 L'Union
16%
Gers 84 Marseillan
16%
Hautes-Pyrénées 267 Marseillan
16%
Hérault 7 643 Marseillan
16%
Aude 582 Val-du-Faby
16%
Hautes-Pyrénées 148 Labastide
15%
Haute-Garonne 1 248 Labastide-Beauvoir
15%
Haute-Garonne 680 Labastide-Clermont
15%
Tarn 958 Labastide-de-Lévis
15%
Gard 203 La Bastide-d'Engras
15%
Tarn-et-Garonne 127 Labastide-de-Penne
15%
Lot 46 Labastide-du-Haut-Mont
15%
Tarn-et-Garonne 1143 Labastide-du-Temple
15%
Lot 273 Labastide-du-Vert
15%
Aude 90 Labastide-en-Val
15%
Aude 61 Labastide-Esparbairenque
15%
Tarn 529 Labastide-Gabausse
15%
Lot 1291 Labastide-Marnhac
15%
Haute-Garonne 147 Labastide-Paumès
15%
Tarn 1417 Labastide-Rouairoux
15%
Tarn 1968 Labastide-Saint-Georges
15%
Tarn-et-Garonne 3792 Labastide-Saint-Pierre
15%
Haute-Garonne 1 954 Labastide-Saint-Sernin
15%
Gers 186 Labastide-Savès
15%
Hautes-Pyrénées 604 Lanne
15%
Gers 145 Lanne-Soubiran
15%
Tarn 10830 Lavaur
15%
Pyrénées-Orientales 6 049 Le Barcarès
15%
Tarn-et-Garonne 119 Le Pin
15%
Aude 176 Mas-Cabardès
15%
Gers 170 Mas-d'Auvignon
15%
Hérault 669 Mas-de-Londres
15%
Aude 25 Mas-des-Cours
15%
Tarn-et-Garonne 1324 Mas-Grenier
15%
Aude 929 Mas-Saintes-Puelles
15%
Lot 1900 Puy-l'Évêque
15%
Lot 611 Rocamadour
15%
Gers 190 Saint-Georges
15%
Tarn-et-Garonne 268 Saint-Georges
15%
Gard 14 264 Saint-Gilles
15%
Haute-Garonne 206 Saint-Vincent
15%
Tarn-et-Garonne 284 Saint-Vincent-d'Autéjac
15%
Hérault 753 Saint-Vincent-de-Barbeyrargues
15%
Hérault 356 Saint-Vincent-d'Olargues
15%
Lot 227 Saint-Vincent-du-Pendit
15%
Tarn-et-Garonne 282 Saint-Vincent-Lespinasse
15%
Lot 423 Saint-Vincent-Rive-d'Olt
15%
Ariège 3 013 Tarascon-sur-Ariège
15%
Pyrénées-Orientales 348 Ur
15%
Lot 192 Cahus
14%
Lozère 2096 Florac Trois Rivières
14%
Aveyron 181 Le Fel
14%
Hautes-Pyrénées 358 Lézignan
14%
Aude 11 112 Lézignan-Corbières
14%
Hérault 1 568 Lézignan-la-Cèbe
14%
Tarn-et-Garonne 13748 Moissac
14%
Lozère 218 Moissac-Vallée-Française
14%
Gers 126 Sainte-Anne
14%
Lot 142 Saint-Sulpice
14%
Tarn 9576 Saint-Sulpice-la-Pointe
14%
Haute-Garonne 2 293 Saint-Sulpice-sur-Lèze
14%
Hautes-Pyrénées 196 Bourg-de-Bigorre
13%
Tarn-et-Garonne 381 Bourg-de-Visa
13%
Haute-Garonne 7 Bourg-d'Oueil
13%
Pyrénées-Orientales 1 204 Bourg-Madame
13%
Haute-Garonne 1 110 Bourg-Saint-Bernard
13%
Aveyron 516 Castanet
13%
Tarn 196 Castanet
13%
Tarn-et-Garonne 277 Castanet
13%
Hérault 225 Castanet-le-Haut
13%
Haute-Garonne 14 377 Castanet-Tolosan
13%
Lot 239 Corn
13%
Lot 304 Le Bourg
13%
Hautes-Pyrénées 131 Les Angles
13%
Pyrénées-Orientales 539 Les Angles
13%
Hérault 152 Les Rives
13%
Lot 1539 Le Vigan
13%
Hérault 16 596 Mauguio
13%
Hérault 7 788 Pézenas
13%
Aveyron 219 Plaisance
13%
Gers 1421 Plaisance
13%
Haute-Garonne 19 462 Plaisance-du-Touch
13%
Hérault 1 545 Plaissan
13%
Haute-Garonne 9 652 Revel
13%
Gers 274 Roquefort
13%
Aude 83 Roquefort-de-Sault
13%
Aude 1 005 Roquefort-des-Corbières
13%
Ariège 90 Roquefort-les-Cascades
13%
Haute-Garonne 794 Roquefort-sur-Garonne
13%
Aveyron 555 Roquefort-sur-Soulzon
13%
Ariège 125 Saint-Lary
13%
Gers 276 Saint-Lary
13%
Haute-Garonne 127 Saint-Lary-Boujean
13%
Hautes-Pyrénées 837 Saint-Lary-Soulan
13%
Hérault 4 167 Valras-Plage
13%
Aveyron 3 640 Aubin
12%
Gard 15 680 Beaucaire
12%
Gers 236 Beaucaire
12%
Haute-Garonne 4 122 Labège
12%
Hautes-Pyrénées 5 810 Lannemezan
12%
Lot 289 Laval-de-Cère
12%
Lozère 98 Laval-du-Tarn
12%
Gard 1 096 Laval-Pradel
12%
Aveyron 277 Laval-Roquecezière
12%
Gard 213 Laval-Saint-Roman
12%
Gard 3 706 Le Vigan
12%
Hautes-Pyrénées 914 Luz-Saint-Sauveur
12%
Gers 3454 Mirande
12%
Tarn 220 Saint-Marcel-Campes
12%
Gard 875 Saint-Marcel-de-Careiret
12%
Haute-Garonne 439 Saint-Marcel-Paulel
12%
Aude 2 028 Saint-Marcel-sur-Aude
12%
Gard 18 248 Bagnols-sur-Cèze
11%
Tarn 808 Cordes-sur-Ciel
11%
Tarn-et-Garonne 361 Cordes-Tolosannes
11%
Haute-Garonne 20100 Cugnaux
11%
Lot 3946 Gourdon
11%
Haute-Garonne 76 Latour
11%
Haute-Garonne 172 Le Pin-Murelet
11%
Aveyron 138 Marnhagues-et-Latour
11%
Hérault 12 664 Mèze
11%
Ariège 3 114 Mirepoix
11%
Gers 231 Mirepoix
11%
Haute-Garonne 1 114 Mirepoix-sur-Tarn
11%
Aude 75 Pech-Luna
11%
Haute-Garonne 59 Portet-d'Aspet
11%
Haute-Garonne 39 Portet-de-Luchon
11%
Haute-Garonne 9 832 Portet-sur-Garonne
11%
Pyrénées-Orientales 3 969 Port-Vendres
11%
Pyrénées-Orientales 9 099 Rivesaltes
11%
Aude 107 Saint-Benoît
11%
Tarn 2059 Saint-Benoît-de-Carmaux
11%
Tarn 125 Saint-Christophe
11%
Aveyron 1 171 Saint-Christophe-Vallon
11%
Lozère 470 Saint-Germain-de-Calberte
11%
Tarn 924 Saint-Germain-des-Prés
11%
Lot 585 Saint-Germain-du-Bel-Air
11%
Lozère 858 Saint-Germain-du-Teil
11%
Hérault 4 896 Saint-Mathieu-de-Tréviers
11%
Gers 82 Saint-Orens
11%
Haute-Garonne 13 163 Saint-Orens-de-Gameville
11%
Gers 195 Saint-Orens-Pouy-Petit
11%
Haute-Garonne 592 Saint-Thomas
11%
Tarn-et-Garonne 5256 Valence d'Agen
11%
Tarn 1285 Valence-d'Albigeois
11%
Gers 1127 Valence-sur-Baïse
11%
Ariège 634 Aigues-Vives
10%
Aude 550 Aigues-Vives
10%
Gard 3 331 Aigues-Vives
10%
Hérault 467 Aigues-Vives
10%
Haute-Garonne 228 Arnaud-Guilhem
10%
Tarn 9898 Carmaux
10%
Gard 650 Deaux
10%
Aveyron 5 196 Decazeville
10%
Haute-Garonne 5 462 Fenouillet
10%
Pyrénées-Orientales 92 Fenouillet
10%
Aude 77 Fenouillet-du-Razès
10%
Tarn 13166 Graulhet
10%
Haute-Garonne 289 Larroque
10%
Hautes-Pyrénées 98 Larroque
10%
Tarn 155 Larroque
10%
Gers 44 Larroque-Engalin
10%
Gers 162 Larroque-Saint-Sernin
10%
Gers 220 Larroque-sur-l'Osse
10%
Lot 132 Larroque-Toirac
10%
Gard 8 480 Les Angles
10%
Aude 5 905 Port-la-Nouvelle
10%
Gers 186 Saint-Antoine
10%
Aude 713 Saint-Hilaire
10%
Haute-Garonne 1 571 Saint-Hilaire
10%
Lot 58 Saint-Hilaire
10%
Hérault 444 Saint-Hilaire-de-Beauvoir
10%
Gard 4 616 Saint-Hilaire-de-Brethmas
10%
Lozère 99 Saint-Hilaire-de-Lavit
10%
Gard 1 111 Saint-Hilaire-d'Ozilhan
10%
Gers 136 Saint-Maur
10%
Gard 3 046 Saint-Quentin-la-Poterie
10%
Ariège 338 Saint-Quentin-la-Tour
10%
Hautes-Pyrénées 248 Salles
10%
Tarn 195 Salles
10%
Hautes-Pyrénées 568 Salles-Adour
10%
Gers 129 Salles-d'Armagnac
10%
Aude 3 251 Salles-d'Aude
10%
Haute-Garonne 127 Salles-et-Pratviel
10%
Aveyron 2 286 Salles-la-Source
10%
Haute-Garonne 592 Salles-sur-Garonne
10%
Aude 715 Salles-sur-l'Hers
10%
Aude 5 542 Sigean
10%
Aveyron 918 Anglars-Saint-Félix
9%
Gard 268 Arre
9%
Haute-Garonne 9 245 Aucamville
9%
Tarn-et-Garonne 1541 Aucamville
9%
Gers 527 Auterive
9%
Haute-Garonne 9 966 Auterive
9%
Tarn-et-Garonne 71 Auterive
9%
Ariège 454 Bézac
9%
Aude 3 226 Bram
9%
Tarn-et-Garonne 6804 Caussade
9%
Hautes-Pyrénées 98 Caussade-Rivière
9%
Aude 146 Escueillens-et-Saint-Just-de-Bélengard
9%
Hérault 6 650 Gignac
9%
Lot 675 Gignac
9%
Haute-Garonne 8 846 Grenade
9%
Hérault 12 783 Juvignac
9%
Aveyron 1 230 Laguiole
9%
Hérault 1 655 Laroque
9%
Aude 150 Laroque-de-Fa
9%
Pyrénées-Orientales 2 219 Laroque-des-Albères
9%
Ariège 2 391 Laroque-d'Olmes
9%
Gard 177 La Roque-sur-Cèze
9%
Tarn-et-Garonne 931 La Salvetat-Belmontet
9%
Haute-Garonne 151 La Salvetat-Lauragais
9%
Aveyron 989 La Salvetat-Peyralès
9%
Haute-Garonne 8 497 La Salvetat-Saint-Gilles
9%
Hérault 1 121 La Salvetat-sur-Agout
9%
Gard 1 765 Mons
9%
Haute-Garonne 1 789 Mons
9%
Hérault 663 Mons
9%
Aveyron 11 797 Onet-le-Château
9%
Ariège 37 Pech
9%
Hérault 9 561 Pérols
9%
Pyrénées-Orientales 10 733 Pia
9%
Tarn 5775 Rabastens
9%
Hautes-Pyrénées 1 464 Rabastens-de-Bigorre
9%
Haute-Garonne 6 269 Saint-Alban
9%
Lozère 1377 Saint-Alban-sur-Limagnole
9%
Lot 536 Saint-Félix
9%
Hérault 33 Saint-Félix-de-l'Héras
9%
Hérault 1 149 Saint-Félix-de-Lodez
9%
Aveyron 354 Saint-Félix-de-Lunel
9%
Gard 207 Saint-Félix-de-Pallières
9%
Ariège 466 Saint-Félix-de-Rieutord
9%
Aveyron 187 Saint-Félix-de-Sorgues
9%
Ariège 153 Saint-Félix-de-Tournegat
9%
Haute-Garonne 1 261 Saint-Félix-Lauragais
9%
Hérault 244 Saint-Guilhem-le-Désert
9%
Hérault 3 282 Saint-Just
9%
Aude 51 Saint-Just-et-le-Bézu
9%
Gard 323 Saint-Just-et-Vacquières
9%
Aveyron 204 Saint-Just-sur-Viaur
9%
Gard 758 Saint-Maurice-de-Cazevieille
9%
Lot 204 Saint-Maurice-en-Quercy
9%
Hérault 182 Saint-Maurice-Navacelles
9%
Gard 1 281 Saint-Nazaire
9%
Pyrénées-Orientales 2 785 Saint-Nazaire
9%
Aude 2 076 Saint-Nazaire-d'Aude
9%
Hérault 321 Saint-Nazaire-de-Ladarez
9%
Hérault 613 Saint-Nazaire-de-Pézan
9%
Gard 84 Saint-Nazaire-des-Gardies
9%
Tarn-et-Garonne 315 Saint-Nazaire-de-Valentane
9%
Tarn-et-Garonne 2293 Saint-Nicolas-de-la-Grave
9%
Ariège 27 Sor
9%
Gard 3 324 Anduze
8%
Tarn 209 Barre
8%
Lozère 200 Barre-des-Cévennes
8%
Haute-Garonne 5 841 Carbonne
8%
Aude 2 585 Conques-sur-Orbiel
8%
Gard 1 734 Fons
8%
Lot 406 Fons
8%
Gard 233 Fons-sur-Lussan
8%
Haute-Garonne 6 413 Fronton
8%
Ariège 6 052 Lavelanet
8%
Haute-Garonne 628 Lavelanet-de-Comminges
8%
Pyrénées-Orientales 5 321 Le Boulou
8%
Hérault 9 295 Le Crès
8%
Aveyron 308 L'Hospitalet-du-Larzac
8%
Ariège 103 L'Hospitalet-près-l'Andorre
8%
Lozère 4738 Marvejols
8%
Lozère 103 Mas-Saint-Chély
8%
Hautes-Pyrénées 238 Montastruc
8%
Tarn-et-Garonne 291 Montastruc
8%
Haute-Garonne 310 Montastruc-de-Salies
8%
Haute-Garonne 3 616 Montastruc-la-Conseillère
8%
Haute-Garonne 66 Montastruc-Savès
8%
Lot 1812 Montcuq-en-Quercy-Blanc
8%
Aude 1 980 Montréal
8%
Gers 1180 Montréal
8%
Aude 3 141 Quillan
8%
Aveyron 346 Rullac-Saint-Cirq
8%
Aude 60 Saint-Amans
8%
Gers 154 Saint-Antonin
8%
Tarn-et-Garonne 1918 Saint-Antonin-Noble-Val
8%
Lozère 256 Saint Bonnet-Laval
8%
Lozère 4096 Saint-Chély-d'Apcher
8%
Aveyron 518 Saint-Chély-d'Aubrac
8%
Tarn-et-Garonne 563 Saint-Cirq
8%
Lot 203 Saint-Cirq-Lapopie
8%
Lot 143 Saint-Cirq-Madelon
8%
Lot 167 Saint-Cirq-Souillaguet
8%
Gard 350 Saint-Clément
8%
Hérault 5 058 Saint-Clément-de-Rivière
8%
Ariège 631 Sainte-Croix-Volvestre
8%
Lozère 88 Saint-Gal
8%
Haute-Garonne 159 Saint-Pé-d'Ardet
8%
Hautes-Pyrénées 1 150 Saint-Pé-de-Bigorre
8%
Haute-Garonne 143 Saint-Pé-Delbosc
8%
Aveyron 306 Saint-Rémy
8%
Haute-Garonne 1 940 Saint-Sauveur
8%
Gard 216 Saint-Sauveur-Camprieu
8%
Lozère 59 Saint-Sauveur-de-Ginestoux
8%
Hérault 8 123 Sérignan
8%
Lot 3198 Souillac
8%
Ariège 554 Val-de-Sos
8%
Gard 11 774 Vauvert
8%
Hérault 5 882 Vias
8%
Aveyron 1 602 Argences en Aubrac
7%
Hérault 7 735 Baillargues
7%
Hérault 7 073 Balaruc-les-Bains
7%
Hérault 2 719 Balaruc-le-Vieux
7%
Gers 126 Beaumont
7%
Tarn-et-Garonne 3768 Beaumont-de-Lomagne
7%
Haute-Garonne 1 590 Beaumont-sur-Lèze
7%
Haute-Garonne 447 Bois-de-la-Pierre
7%
Hautes-Pyrénées 278 Burg
7%
Hautes-Pyrénées 76 Castillon
7%
Gers 328 Castillon-Debats
7%
Haute-Garonne 76 Castillon-de-Larboust
7%
Haute-Garonne 392 Castillon-de-Saint-Martory
7%
Gard 1 676 Castillon-du-Gard
7%
Ariège 412 Castillon-en-Couserans
7%
Gers 232 Castillon-Massas
7%
Gers 338 Castillon-Savès
7%
Hautes-Pyrénées 859 Cauterets
7%
Pyrénées-Orientales 9 428 Elne
7%
Hautes-Pyrénées 341 Gavarnie-Gèdre
7%
Hautes-Pyrénées 158 Ger
7%
Pyrénées-Orientales 5 538 Ille-sur-Têt
7%
Gers 146 Labarthe
7%
Tarn-et-Garonne 400 Labarthe
7%
Tarn 75 Labarthe-Bleys
7%
Hautes-Pyrénées 1 245 La Barthe-de-Neste
7%
Haute-Garonne 867 Labarthe-Inard
7%
Haute-Garonne 1 299 Labarthe-Rivière
7%
Haute-Garonne 6 364 Labarthe-sur-Lèze
7%
Aveyron 2 153 Laissac-Sévérac l'Église
7%
Ariège 727 Le Vernet
7%
Hérault 75 Montesquieu
7%
Tarn-et-Garonne 747 Montesquieu
7%
Ariège 253 Montesquieu-Avantès
7%
Pyrénées-Orientales 1 273 Montesquieu-des-Albères
7%
Haute-Garonne 177 Montesquieu-Guittaut
7%
Haute-Garonne 1 025 Montesquieu-Lauragais
7%
Haute-Garonne 3 109 Montesquieu-Volvestre
7%
Aveyron 701 Najac
7%
Haute-Garonne 8 523 Pibrac
7%
Ariège 861 Prat-Bonrepaux
7%
Pyrénées-Orientales 69 Réal
7%
Aveyron 1 029 Rivière-sur-Tarn
7%
Gers 108 Roques
7%
Haute-Garonne 4 939 Roques
7%
Aveyron 744 Sainte-Croix
7%
Tarn 411 Sainte-Croix
7%
Gard 105 Sainte-Croix-de-Caderle
7%
Hérault 955 Sainte-Croix-de-Quintillargues
7%
Lozère 294 Sainte-Croix-Vallée-Française
7%
Pyrénées-Orientales 11 550 Saint-Estève
7%
Aveyron 1 606 Saint-Georges-de-Luzençon
7%
Hérault 5 600 Saint-Georges-d'Orques
7%
Aveyron 424 Saint-Hippolyte
7%
Pyrénées-Orientales 3 227 Saint-Hippolyte
7%
Gard 260 Saint-Hippolyte-de-Caton
7%
Gard 250 Saint-Hippolyte-de-Montaigu
7%
Gard 3 747 Saint-Hippolyte-du-Fort
7%
Haute-Garonne 6 777 Saint-Jory
7%
Haute-Garonne 1 300 Saint-Léon
7%
Gard 836 Saint-Victor-de-Malcap
7%
Gard 316 Saint-Victor-des-Oules
7%
Aveyron 322 Saint-Victor-et-Melvieu
7%
Gard 2 205 Saint-Victor-la-Coste
7%
Ariège 221 Saint-Victor-Rouzaud
7%
Gard 1 925 Sauve
7%
Aveyron 4 079 Sévérac d'Aveyron
7%
Haute-Garonne 9 725 Seysses
7%
Gers 246 Seysses-Savès
7%
Gard 5 040 Sommières
7%
Pyrénées-Orientales 8 173 Thuir
7%
Hérault 2 736 Vendres
7%
Haute-Garonne 592 Ausson
6%
Aude 782 Bages
6%
Pyrénées-Orientales 4 482 Bages
6%
Haute-Garonne 3 456 Baziège
6%
Hérault 5 778 Bédarieux
6%
Aude 19 Campagna-de-Sault
6%
Lot 1091 Capdenac
6%
Aveyron 4 400 Capdenac-Gare
6%
Haute-Garonne 10 784 Castelginest
6%
Haute-Garonne 4 753 Cazères
6%
Lozère 523 Châteauneuf-de-Randon
6%
Aude 29 Corbières
6%
Haute-Garonne 7 715 Cornebarrieu
6%
Gers 4014 Eauze (Éauze)
6%
Aveyron 4 643 Espalion
6%
Aveyron 476 Estaing
6%
Hautes-Pyrénées 94 Estaing
6%
Gers 6012 Fleurance
6%
Haute-Garonne 232 Fos
6%
Hérault 128 Fos
6%
Hérault 3 984 Ganges
6%
Hérault 6 823 Jacou
6%
Tarn 2471 Lacaune
6%
Aveyron 525 Lacroix-Barrez
6%
Haute-Garonne 2 089 Lacroix-Falgarde
6%
Aveyron 126 La Serre
6%
Tarn 1694 Lautrec
6%
Gers 3690 Lectoure
6%
Haute-Garonne 9 361 Léguevin
6%
Pyrénées-Orientales 560 Le Perthus
6%
Ariège 332 Les Cabannes
6%
Tarn 367 Les Cabannes
6%
Hautes-Pyrénées 348 Loudenvielle
6%
Gard 8 467 Marguerittes
6%
Tarn-et-Garonne 6650 Montech
6%
Haute-Garonne 2 726 Montréjeau
6%
Haute-Garonne 3 955 Nailloux
6%
Gers 2161 Nogaro
6%
Aude 205 Payra-sur-l'Hers
6%
Aude 1 322 Portel-des-Corbières
6%
Haute-Garonne 5 950 Quint-Fonsegrives
6%
Ariège 1 270 Rieux-de-Pelleport
6%
Aude 85 Rieux-en-Val
6%
Aude 1 937 Rieux-Minervois
6%
Haute-Garonne 2 627 Rieux-Volvestre
6%
Haute-Garonne 237 Saint-Bertrand-de-Comminges
6%
Aude 518 Sainte-Eulalie
6%
Lozère 36 Sainte-Eulalie
6%
Aveyron 299 Sainte-Eulalie-de-Cernon
6%
Aveyron 377 Sainte-Eulalie-d'Olt
6%
Hérault 10 537 Saint-Gély-du-Fesc
6%
Haute-Garonne 2 512 Saint-Geniès-Bellevue
6%
Gard 2 010 Saint-Geniès-de-Comolas
6%
Hérault 1 682 Saint-Geniès-de-Fontedit
6%
Gard 3 120 Saint-Geniès-de-Malgoirès
6%
Hérault 2 077 Saint-Geniès-des-Mourgues
6%
Hérault 216 Saint-Geniès-de-Varensal
6%
Tarn-et-Garonne 539 Saint-Loup
6%
Haute-Garonne 2 315 Saint-Loup-Cammas
6%
Haute-Garonne 38 Saint-Loup-en-Comminges
6%
Haute-Garonne 9 555 Saint-Lys
6%
Hérault 635 Saint-Pons-de-Mauchiens
6%
Hérault 1 735 Saint-Pons-de-Thomières
6%
Gard 484 Saint-Pons-la-Calm
6%
Gard 508 Saint-Sébastien-d'Aigrefeuille
6%
Aude 41 Saint-Sernin
6%
Tarn 167 Saint-Sernin-lès-Lavaur
6%
Aveyron 607 Saint-Sernin-sur-Rance
6%
Lot 193 Saint-Simon
6%
Pyrénées-Orientales 3 752 Salses-le-Château
6%
Ariège 704 Seix
6%
Aude 5 438 Trèbes
6%
Hérault 7 044 Vendargues
6%
Ariège 213 Verdun
6%
Aude 286 Verdun-en-Lauragais
6%
Tarn-et-Garonne 4866 Verdun-sur-Garonne
6%
Gard 5 621 Vergèze
6%
Hautes-Pyrénées 65 Villemur
6%
Haute-Garonne 6 105 Villemur-sur-Tarn
6%
Tarn 512 Anglès
5%
Hautes-Pyrénées 732 Arreau
5%
Haute-Garonne 888 Aspet
5%
Ariège 159 Aulus-les-Bains
5%
Aveyron 3 158 Baraqueville
5%
Haute-Garonne 7 127 Beauzelle
5%
Gard 7 740 Bellegarde
5%
Gers 162 Bellegarde
5%
Aude 247 Bellegarde-du-Razès
5%
Tarn 701 Bellegarde-Marsal
5%
Haute-Garonne 195 Bellegarde-Sainte-Marie
5%
Ariège 193 Bompas
5%
Pyrénées-Orientales 7 619 Bompas
5%
Ariège 212 Bordes-Uchentein
5%
Ariège 622 Brassac
5%
Tarn 1294 Brassac
5%
Tarn-et-Garonne 250 Brassac
5%
Pyrénées-Orientales 10 338 Cabestany
5%
Hautes-Pyrénées 1 264 Campan
5%
Haute-Garonne 2 524 Caraman
5%
Ariège 379 Cos
5%
Aude 5 785 Coursan
5%
Gers 137 Durban
5%
Aude 651 Durban-Corbières
5%
Ariège 174 Durban-sur-Arize
5%
Haute-Garonne 6 982 Escalquens
5%
Hérault 7 197 Fabrègues
5%
Aude 1 096 Fitou
5%
Aude 3 713 Fleury
5%
Haute-Garonne 12 119 Fonsorbes
5%
Aude 297 Gaja-et-Villedieu
5%
Hérault 6 565 Gigean
5%
Gers 3055 Gimont
5%
Lot 3482 Gramat
5%
Aude 479 Issel
5%
Aveyron 337 La Capelle-Balaguier
5%
Tarn-et-Garonne 118 Lachapelle
5%
Lot 795 Lachapelle-Auzac
5%
Ariège 200 Lagarde
5%
Gers 122 Lagarde
5%
Haute-Garonne 429 Lagarde
5%
Hautes-Pyrénées 530 Lagarde
5%
Gers 166 Lagarde-Hachan
5%
Lozère 2867 Langogne
5%
Haute-Garonne 9 309 Launaguet
5%
Aveyron 75 Le Clapier
5%
Ariège 499 Les Bordes-sur-Arize
5%
Ariège 194 L'Herm
5%
Haute-Garonne 3 804 Lherm
5%
Lot 235 Lherm
5%
Ariège 513 Luzenac
5%
Gers 1206 Marciac
5%
Tarn 3449 Marssac-sur-Tarn
5%
Lot 1636 Martel
5%
Ariège 3 872 Mazères
5%
Hautes-Pyrénées 346 Mazères-de-Neste
5%
Haute-Garonne 637 Mazères-sur-Salat
5%
Hérault 99 Minerve
5%
Hérault 1 033 Montaud
5%
Ariège 553 Montferrier
5%
Hérault 4 054 Montferrier-sur-Lez
5%
Lot 301 Montredon
5%
Aude 1 482 Montredon-des-Corbières
5%
Tarn 2049 Montredon-Labessonnié
5%
Tarn 312 Moulin-Mage
5%
Aveyron 992 Nant
5%
Haute-Garonne 2 938 Noé
5%
Haute-Garonne 102
5%
Lot 174 Padirac
5%
Haute-Garonne 4 335 Pins-Justaret
5%
Gard 10 600 Pont-Saint-Esprit
5%
Tarn 3529 Réalmont
5%
Tarn 625 Rouffiac
5%
Aude 453 Rouffiac-d'Aude
5%
Aude 76 Rouffiac-des-Corbières
5%
Haute-Garonne 1 989 Rouffiac-Tolosan
5%
Lot 3438 Saint-Céré
5%
Haute-Garonne 2 312 Sainte-Foy-d'Aigrefeuille
5%
Haute-Garonne 2 101 Sainte-Foy-de-Peyrolières
5%
Aveyron 294 Saint-Juéry
5%
Lozère 59 Saint-Juéry
5%
Tarn 6600 Saint-Juéry
5%
Ariège 1 367 Saint-Lizier
5%
Gers 148 Saint-Lizier-du-Planté
5%
Haute-Garonne 59 Saint-Rome
5%
Aveyron 957 Saint-Rome-de-Cernon
5%
Aveyron 889 Saint-Rome-de-Tarn
5%
Gard 2 029 Sauveterre
5%
Gers 286 Sauveterre
5%
Hautes-Pyrénées 159 Sauveterre
5%
Tarn 178 Sauveterre
5%
Tarn-et-Garonne 154 Sauveterre
5%
Haute-Garonne 706 Sauveterre-de-Comminges
5%
Aveyron 713 Sauveterre-de-Rouergue
5%
Ariège 4 815 Saverdun
5%
Ariège 176 Soula
5%
Pyrénées-Orientales 877 Tautavel
5%
Pyrénées-Orientales 3 821 Torreilles
5%
Pyrénées-Orientales 7 334 Toulouges
5%
Aude 737 Val-de-Dagne
5%
Haute-Garonne 3 138 Vernet
5%
Pyrénées-Orientales 1 445 Vernet-les-Bains
5%
Haute-Garonne 1 211 Vieille-Toulouse
5%
Gard 5 749 Aimargues
4%
Tarn 930 Alban
4%
Pyrénées-Orientales 3 565 Amélie-les-Bains-Palalda
4%
Hautes-Pyrénées 8 033 Aureilhan
4%
Haute-Garonne 7 265 Aussonne
4%
Ariège 501 Auzat
4%
Haute-Garonne 4 075 Auzeville-Tolosane
4%
Aude 513 Axat
4%
Haute-Garonne 498 Barbazan
4%
Hautes-Pyrénées 3 495 Barbazan-Debat
4%
Hautes-Pyrénées 164 Barbazan-Dessus
4%
Hautes-Pyrénées 136 Barèges
4%
Ariège 42 Barjac
4%
Gard 1 611 Barjac
4%
Lozère 773 Barjac
4%
Hérault 2 213 Beaulieu
4%
Aveyron 193 Belcastel
4%
Tarn 236 Belcastel
4%
Aude 61 Belcastel-et-Buc
4%
Ariège 1 072 Bélesta
4%
Pyrénées-Orientales 212 Bélesta
4%
Haute-Garonne 109 Bélesta-en-Lauragais
4%
Hérault 5 572 Bessan
4%
Hautes-Pyrénées 208 Bize
4%
Aude 1 243 Bize-Minervois
4%
Tarn 1112 Blan
4%
Hautes-Pyrénées 753 Bordes
4%
Haute-Garonne 470 Bordes-de-Rivière
4%
Haute-Garonne 4 754 Bouloc
4%
Tarn-et-Garonne 189 Bouloc-en-Quercy
4%
Haute-Garonne 1 654 Boulogne-sur-Gesse
4%
Tarn 1272 Bout-du-Pont-de-Larn
4%
Hérault 1 626 Bouzigues
4%
Aveyron 2 951 Bozouls
4%
Haute-Garonne 2 887 Brax
4%
Haute-Garonne 6 005 Bruguières
4%
Haute-Garonne 129 Cabanac-Cazaux
4%
Tarn 2594 Cagnac-les-Mines
4%
Aude 28 Cahuzac
4%
Tarn 359 Cahuzac
4%
Gers 202 Cahuzac-sur-Adour
4%
Tarn 1189 Cahuzac-sur-Vère
4%
Hérault 305 Campagne
4%
Gers 211 Campagne-d'Armagnac
4%
Ariège 283 Campagne-sur-Arize
4%
Aude 606 Campagne-sur-Aude
4%
Hautes-Pyrénées 1 286 Capvern
4%
Haute-Garonne 4 406 Castelmaurou
4%
Hérault 429 Causse-de-la-Selle
4%
Aveyron 797 Causse-et-Diège
4%
Ariège 61 Cazenave-Serres-et-Allens
4%
Hérault 406 Cazouls-d'Hérault
4%
Hérault 5 146 Cazouls-lès-Béziers
4%
Pyrénées-Orientales 4 681 Claira
4%
Aude 113 Cucugnan
4%
Tarn 495 Cuq
4%
Tarn 708 Cuq-Toulza
4%
Aude 4 044 Cuxac-d'Aude
4%
Haute-Garonne 2 649 Drémil-Lafage
4%
Ariège 625 Dun
4%
Pyrénées-Orientales 380 Eus
4%
Haute-Garonne 9 382 Frouzins
4%
Lozère 901 Gorges du Tarn Causses
4%
Hérault 8 973 Grabels
4%
Hautes-Pyrénées 2 921 Ibos
4%
Lozère 2099 La Canourgue
4%
Aveyron 347 La Capelle-Bleys
4%
Aveyron 83 La Capelle-Bonance
4%
Lot 172 Lacapelle-Cabanac
4%
Tarn 42 Lacapelle-Escroux
4%
Gard 415 La Capelle-et-Masmolène
4%
Tarn-et-Garonne 194 Lacapelle-Livron
4%
Lot 1281 Lacapelle-Marival
4%
Tarn 73 Lacapelle-Pinet
4%
Tarn 89 Lacapelle-Ségalar
4%
Aveyron 2 188 La Cavalerie
4%
Aveyron 191 La Couvertoirade
4%
Tarn-et-Garonne 2852 Lafrançaise
4%
Aude 1 712 La Palme
4%
Haute-Garonne 2 919 Lapeyrouse-Fossat
4%
Haute-Garonne 2 114 Larra
4%
Haute-Garonne 745 Le Castéra
4%
Haute-Garonne 439 Le Plan
4%
Hérault 257 Le Puech
4%
Ariège 489 Lescure
4%
Tarn 4589 Lescure-d'Albigeois
4%
Aveyron 219 Lescure-Jaoul
4%
Haute-Garonne 2 862 Lespinasse
4%
Pyrénées-Orientales 161 Llo
4%
Gers 2143 Lombez
4%
Aude 241 Loupia
4%
Aveyron 1 724 Marcillac-Vallon
4%
Aude 19 Marsa
4%
Haute-Garonne 373 Martres-de-Rivière
4%
Haute-Garonne 2 407 Martres-Tolosane
4%
Ariège 734 Massat
4%
Gers 2239 Mauvezin
4%
Haute-Garonne 87 Mauvezin
4%
Hautes-Pyrénées 240 Mauvezin
4%
Ariège 102 Mauvezin-de-Prat
4%
Ariège 49 Mauvezin-de-Sainte-Croix
4%
Gers 68 Mérens
4%
Ariège 168 Mérens-les-Vals
4%
Haute-Garonne 6 241 Merville
4%
Gard 5 987 Milhaud
4%
Pyrénées-Orientales 4 294 Millas
4%
Hérault 3 302 Mireval
4%
Aude 185 Mireval-Lauragais
4%
Ariège 85 Montfa
4%
Tarn 476 Montfa
4%
Aude 38 Montgaillard
4%
Hautes-Pyrénées 813 Montgaillard
4%
Tarn 360 Montgaillard
4%
Tarn-et-Garonne 146 Montgaillard
4%
Haute-Garonne 105 Montgaillard-de-Salies
4%
Haute-Garonne 695 Montgaillard-Lauragais
4%
Haute-Garonne 77 Montgaillard-sur-Save
4%
Haute-Garonne 2 561 Montgiscard
4%
Pyrénées-Orientales 147 Mont-Louis
4%
Haute-Garonne 4 099 Montrabé
4%
Ariège 117 Montségur
4%
Hérault 3 077 Murviel-lès-Béziers
4%
Hérault 1 930 Murviel-lès-Montpellier
4%
Aveyron 2 023 Naucelle
4%
Lozère 371 Naussac-Fontanes
4%
Tarn-et-Garonne 5743 Nègrepelisse
4%
Hérault 4 049 Nissan-lez-Enserune
4%
Hérault 522 Notre-Dame-de-Londres
4%
Hérault 8 221 Pignan
4%
Hérault 6 283 Poussan
4%
Hautes-Pyrénées 40 Pouy
4%
Haute-Garonne 419 Pouy-de-Touges
4%
Gers 84 Pouy-Loubrin
4%
Gers 117 Pouy-Roquelaure
4%
Tarn 3204 Puylaurens
4%
Gard 3 373 Quissac
4%
Lot 107 Quissac-en-Quercy
4%
Gard 2 260 Remoulins
4%
Aveyron 1 978 Réquista
4%
Haute-Garonne 3 659 Rieumes
4%
Hautes-Pyrénées 13 Ris
4%
Gard 7 921 Rochefort-du-Gard
4%
Hérault 922 Saint-Bauzille-de-la-Sylve
4%
Hérault 1 178 Saint-Bauzille-de-Montmel
4%
Hérault 1 911 Saint-Bauzille-de-Putois
4%
Gard 160 Saint-Christol-de-Rodières
4%
Gard 7 115 Saint-Christol-lez-Alès
4%
Lot 140 Saint-Clair
4%
Tarn-et-Garonne 258 Saint-Clair
4%
Aveyron 1 426 Saint-Côme-d'Olt
4%
Gard 795 Saint-Côme-et-Maruéjols
4%
Gard 550 Sainte-Cécile-d'Andorge
4%
Tarn 115 Sainte-Cécile-du-Cayrou
4%
Pyrénées-Orientales 162 Sainte-Colombe-de-la-Commanderie
4%
Gard 1 188 Saint-Florent-sur-Auzonnet
4%
Lozère 186 Saint-Flour-de-Mercoire
4%
Aveyron 2 217 Saint Geniez d'Olt et d'Aubrac
4%
Tarn 463 Saint-Grégoire
4%
Tarn 3680 Saïx
4%
Tarn 825 Saliès
4%
Haute-Garonne 1 755 Salies-du-Salat
4%
Aveyron 367 Salvagnac-Cajarc
4%
Gers 2429 Samatan
4%
Haute-Garonne 3 287 Seilh
4%
Pyrénées-Orientales 2 171 Théza
4%
Hautes-Pyrénées 993 Trie-sur-Baïse
4%
Ariège 3 495 Varilhes
4%
Haute-Garonne 3 727 Verfeil
4%
Tarn-et-Garonne 429 Verfeil
4%
Gard 1 773 Vers-Pont-du-Gard
4%
Hautes-Pyrénées 488 Vielle-Adour
4%
Hautes-Pyrénées 304 Vielle-Aure
4%
Hautes-Pyrénées 81 Vielle-Louron
4%
Aude 24 Villar-en-Val
4%
Aude 125 Villar-Saint-Anselme
4%
Aude 85 Villefort
4%
Lozère 594 Villefort
4%
Hautes-Pyrénées 353 Villelongue
4%
Aude 299 Villelongue-d'Aude
4%
Pyrénées-Orientales 3 301 Villelongue-de-la-Salanque
4%
Pyrénées-Orientales 1 858 Villelongue-dels-Monts
4%
Hautes-Pyrénées 834 Adé
3%
Haute-Garonne 1 271 Aigrefeuille
3%
Ariège 120 Alos
3%
Tarn 97 Alos
3%
Gard 173 Alzon
3%
Hérault 2 943 Aniane
3%
Hautes-Pyrénées 286 Aragnouet
3%
Aude 2 155 Argeliers
3%
Hérault 970 Argelliers
3%
Aude 1 495 Armissan
3%
Haute-Garonne 31 Artigue
3%
Ariège 203 Aston
3%
Aude 35 Auriac
3%
Aveyron 229 Auriac-Lagast
3%
Haute-Garonne 1 062 Auriac-sur-Vendinelle
3%
Haute-Garonne 1 615 Avignonet-Lauragais
3%
Aude 308 Bagnoles
3%
Pyrénées-Orientales 2 727 Baixas
3%
Tarn 208 Bannières
3%
Gers 1358 Barcelonne-du-Gers
3%
Lozère 547 Bel-Air-Val-d'Ance
3%
Tarn-et-Garonne 218 Belvèze
3%
Aude 853 Belvèze-du-Razès
3%
Haute-Garonne 4 194 Bessières
3%
Ariège 92 Bethmale
3%
Aveyron 520 Boisse-Penchot
3%
Hautes-Pyrénées 143 Bordères-Louron
3%
Hautes-Pyrénées 5 394 Bordères-sur-l'Échez
3%
Gard 6 192 Bouillargues
3%
Aude 104 Bouisse
3%
Lozère 2078 Bourgs sur Colagne
3%
Haute-Garonne 1 054 Boussens
3%
Tarn-et-Garonne 3729 Bressols
3%
Ariège 211 Brie
3%
Tarn 435 Brousse
3%
Aveyron 165 Brousse-le-Château
3%
Tarn-et-Garonne 626 Bruniquel
3%
Aude 240 Bugarach
3%
Haute-Garonne 2 859 Buzet-sur-Tarn
3%
Gard 4 097 Caissargues
3%
Aveyron 2 184 Calmont
3%
Haute-Garonne 2 371 Calmont
3%
Gard 6 105 Calvisson
3%
Aude 51 Camps-sur-l'Agly
3%
Gard 584 Cannes-et-Clairan
3%
Aude 1 473 Capendu
3%
Hérault 3 318 Capestang
3%
Ariège 797 Carla-Bayle
3%
Ariège 172 Carla-de-Roquefort
3%
Haute-Garonne 645 Cassagne
3%
Tarn-et-Garonne 114 Castéra-Bouzet
3%
Hautes-Pyrénées 45 Castéra-Lanusse
3%
Gers 346 Castéra-Lectourois
3%
Hautes-Pyrénées 225 Castéra-Lou
3%
Gers 1039 Castéra-Verduzan
3%
Haute-Garonne 61 Castéra-Vignoles
3%
Hérault 2 640 Caux
3%
Aude 1 005 Caux-et-Sauzens
3%
Tarn-et-Garonne 1470 Caylus
3%
Lot 644 Cazals
3%
Tarn-et-Garonne 238 Cazals
3%
Ariège 56 Cazals-des-Baylès
3%
Ariège 38 Cazaux
3%
Gers 113 Cazaux-d'Anglès
3%
Hautes-Pyrénées 33 Cazaux-Debat
3%
Hautes-Pyrénées 65 Cazaux-Fréchet-Anéran-Camors
3%
Haute-Garonne 66 Cazaux-Layrisse
3%
Gers 333 Cazaux-Savès
3%
Gers 72 Cazaux-Villecomtal
3%
Haute-Garonne 85 Cazeneuve-Montaut
3%
Ariège 151 Celles
3%
Hérault 27 Celles
3%
Aude 408 Cenne-Monestiés
3%
Haute-Garonne 719 Cierp-Gaud
3%
Haute-Garonne 2 959 Cintegabelle
3%
Gard 2 458 Codognan
3%
Hérault 2 668 Colombiers
3%
Pyrénées-Orientales 531 Corneilla-de-Conflent
3%
Pyrénées-Orientales 2 561 Corneilla-del-Vercol
3%
Pyrénées-Orientales 2 022 Corneilla-la-Rivière
3%
Hérault 6 654 Cournonterral
3%
Ariège 184 Durfort
3%
Tarn 248 Durfort
3%
Gard 753 Durfort-et-Saint-Martin-de-Sossenac
3%
Tarn-et-Garonne 843 Durfort-Lacapelette
3%
Haute-Garonne 6 448 Eaunes
3%
Aveyron 981 Entraygues-sur-Truyère
3%
Pyrénées-Orientales 699 Err
3%
Aude 1 712 Espéraza
3%
Pyrénées-Orientales 2 087 Estagel
3%
Hautes-Pyrénées 87 Ferrières
3%
Hérault 47 Ferrières-les-Verreries
3%
Hérault 59 Ferrières-Poussarou
3%
Ariège 749 Ferrières-sur-Ariège
3%
Hérault 5 022 Florensac
3%
Aude 412 Floure
3%
Haute-Garonne 5 872 Fontenilles
3%
Gard 2 719 Fourques
3%
Pyrénées-Orientales 1 316 Fourques
3%
Lot 664 Gagnac-sur-Cère
3%
Haute-Garonne 3 161 Gagnac-sur-Garonne
3%
Haute-Garonne 81 Galié
3%
Gard 3 592 Gallargues-le-Montueux
3%
Haute-Garonne 158 Garin
3%
Gard 5 106 Garons
3%
Hautes-Pyrénées 129 Gazost
3%
Tarn-et-Garonne 1011 Golfech
3%
Haute-Garonne 1 182 Gourdan-Polignan
3%
Haute-Garonne 2 141 Gragnague
3%
Tarn-et-Garonne 131 Gramont
3%
Tarn-et-Garonne 4197 Grisolles
3%
Aude 56 Jonquières
3%
Hérault 558 Jonquières
3%
Tarn 441 Jonquières
3%
Gard 3 851 Jonquières-Saint-Vincent
3%
Gard 329 La Bruguière
3%
Tarn 6538 Labruguière
3%
Tarn-et-Garonne 170 Lacour
3%
Lozère 140 La Fage-Montivernoux
3%
Lozère 304 La Fage-Saint-Julien
3%
Gard 4 891 La Grand-Combe
3%
Aude 544 Lagrasse
3%
Tarn-et-Garonne 637 Laguépie
3%
Lot 1858 Lalbenque
3%
Haute-Garonne 2 197 Lanta
3%
Pyrénées-Orientales 461 Latour-de-Carol
3%
Aude 1 013 Laure-Minervois
3%
Tarn-et-Garonne 1448 Lauzerte
3%
Aude 1 517 Lavalette
3%
Haute-Garonne 773 Lavalette
3%
Hérault 54 Lavalette
3%
Haute-Garonne 3 394 Lavernose-Lacasse
3%
Hérault 3 312 Lavérune
3%
Ariège 115 Le Bosc
3%
Hérault 1 376 Le Bosc
3%
Hérault 465 Le Caylar
3%
Hérault 328 Le Pradal
3%
Tarn 261 Le Ségur
3%
Pyrénées-Orientales 7 846 Le Soler
3%
Pyrénées-Orientales 67 Le Vivier
3%
Ariège 2 360 Lézat-sur-Lèze
3%
Hérault 336 Lieuran-Cabrières
3%
Gard 7 109 Manduel
3%
Hérault 6 587 Marsillargues
3%
Hautes-Pyrénées 2 232 Maubourguet
3%
Hautes-Pyrénées 103 Mauléon-Barousse
3%
Gers 263 Mauléon-d'Armagnac
3%
Pyrénées-Orientales 785 Maury
3%
Lot 1130 Mercuès
3%
Ariège 1 203 Mercus-Garrabet
3%
Haute-Garonne 5 483 Mondonville
3%
Haute-Garonne 84 Monès
3%
Gard 216 Montagnac
3%
Hérault 4 436 Montagnac
3%
Tarn-et-Garonne 1296 Montaigu-de-Quercy
3%
Ariège 695 Montaut
3%
Gers 121 Montaut
3%
Haute-Garonne 512 Montaut
3%
Gers 711 Montaut-les-Créneaux
3%
Hérault 2 928 Montbazin
3%
Ariège 97 Montbel
3%
Lozère 137 Montbel
3%
Hérault 2 854 Montblanc
3%
Lot 110 Montbrun
3%
Haute-Garonne 506 Montbrun-Bocage
3%
Aude 339 Montbrun-des-Corbières
3%
Haute-Garonne 679 Montbrun-Lauragais
3%
Gers 616 Montégut
3%
Hautes-Pyrénées 128 Montégut
3%
Gers 281 Montégut-Arros
3%
Haute-Garonne 138 Montégut-Bourjac
3%
Ariège 78 Montégut-en-Couserans
3%
Haute-Garonne 418 Montégut-Lauragais
3%
Ariège 335 Montégut-Plantaurel
3%
Gers 67 Montégut-Savès
3%
Ariège 154 Montels
3%
Hérault 246 Montels
3%
Tarn 105 Montels
3%
Aude 35 Montjoi
3%
Tarn-et-Garonne 170 Montjoi
3%
Aveyron 633 Montlaur
3%
Haute-Garonne 1 791 Montlaur
3%
Gard 1 394 Montpezat
3%
Gers 241 Montpezat
3%
Tarn-et-Garonne 1597 Montpezat-de-Quercy
3%
Tarn 871 Murat-sur-Vèbre
3%
Lozère 570 Nasbinals
3%
Gard 302 Navacelles
3%
Hérault 1 687 Olonzac
3%
Ariège 165 Orlu
3%
Hautes-Pyrénées 2 352 Ossun
3%
Hautes-Pyrénées 57 Ossun-ez-Angles
3%
Ariège 562 Oust
3%
Gers 2510 Pavie
3%
Haute-Garonne 4 624 Pechbonnieu
3%
Tarn 592 Penne
3%
Aveyron 85 Peux-et-Couffouleux
3%
Lozère 2300 Peyre en Aubrac
3%
Hautes-Pyrénées 1 101 Pierrefitte-Nestalas
3%
Haute-Garonne 954 Pin-Balma
3%
Gard 929 Pompignan
3%
Tarn-et-Garonne 1721 Pompignan
3%
Pyrénées-Orientales 113 Porta
3%
Hérault 3 247 Portiragnes
3%
Pyrénées-Orientales 1 134 Prats-de-Mollo-la-Preste
3%
Aude 91 Rennes-le-Château
3%
Aude 197 Rennes-les-Bains
3%
Pyrénées-Orientales 1 324 Ria-Sirach
3%
Aveyron 1 940 Rieupeyroux
3%
Aveyron 2 006 Rignac
3%
Lot 288 Rignac
3%
Gers 1702 Riscle
3%
Gard 415 Rivières
3%
Tarn 1071 Rivières
3%
Hérault 604 Roquebrun
3%
Gard 5 526 Roquemaure
3%
Tarn 471 Roquemaure
3%
Tarn-et-Garonne 211 Saint-Amans-de-Pellagal
3%
Aveyron 749 Saint-Amans-des-Cots
3%
Tarn-et-Garonne 228 Saint-Amans-du-Pech
3%
Tarn 1501 Saint-Amans-Soult
3%
Tarn 861 Saint-Amans-Valtoret
3%
Gard 3 361 Saint-Ambroix
3%
Hérault 4 136 Saint-Aunès
3%
Hérault 1 740 Saint-Chinian
3%
Gers 1048 Saint-Clar
3%
Haute-Garonne 1 495 Saint-Clar-de-Rivière
3%
Lot 230 Sainte-Colombe
3%
Aude 45 Sainte-Colombe-sur-Guette
3%
Aude 438 Sainte-Colombe-sur-l'Hers
3%
Ariège 30 Sainte-Foi
3%
Lozère 100 Sainte-Hélène
3%
Ariège 238 Sainte-Suzanne
3%
Haute-Garonne 61 Saint-Ferréol-de-Comminges
3%
Pyrénées-Orientales 2 911 Saint-Génis-des-Fontaines
3%
Gard 792 Saint-Gervais
3%
Hérault 843 Saint-Gervais-sur-Mare
3%
Haute-Garonne 413 Saint-Julia
3%
Aude 104 Saint-Julia-de-Bec
3%
Lozère 192 Saint-Léger-de-Peyre
3%
Lozère 209 Saint-Léger-du-Malzieu
3%
Haute-Garonne 1 056 Saint-Martory
3%
Gard 794 Saint-Maximin
3%
Gers 343 Saint-Médard
3%
Haute-Garonne 224 Saint-Médard
3%
Lot 181 Saint-Médard
3%
Lot 194 Saint-Médard-de-Presque
3%
Lot 97 Saint-Médard-Nicourby
3%
Hérault 436 Saint-Privat
3%
Gard 347 Saint-Privat-de-Champclos
3%
Gard 5 482 Saint-Privat-des-Vieux
3%
Lozère 223 Saint-Privat-de-Vallongue
3%
Lozère 111 Saint-Privat-du-Fau
3%
Lozère 60 Saint-Saturnin
3%
Aveyron 297 Saint-Saturnin-de-Lenne
3%
Hérault 276 Saint-Saturnin-de-Lucian
3%
Pyrénées-Orientales 5 671 Saleilles
3%
Aude 121 Sallèles-Cabardès
3%
Aude 3 039 Sallèles-d'Aude
3%
Aveyron 752 Savignac
3%
Ariège 398 Savignac-les-Ormeaux
3%
Gers 144 Savignac-Mona
3%
Aveyron 547 Ségur
3%
Hautes-Pyrénées 5 202 Séméac
3%
Gers 78 Sère
3%
Hautes-Pyrénées 83 Sère-en-Lavedan
3%
Hautes-Pyrénées 41 Sère-Lanso
3%
Hautes-Pyrénées 128 Sère-Rustaing
3%
Aude 81 Serres
3%
Ariège 678 Serres-sur-Arget
3%
Hérault 5 337 Servian
3%
Pyrénées-Orientales 3 448 Sorède
3%
Tarn 2963 Sorèze
3%
Tarn 2638 Soual
3%
Tarn 169 Souel
3%
Hautes-Pyrénées 3 000 Soues
3%
Ariège 372 Soulan
3%
Tarn 1732 Terre-de-Bancalié
3%
Hautes-Pyrénées 1 296 Tournay
3%
Gard 4 761 Uchaud
3%
Tarn 722 Vabre
3%
Ariège 90 Vals
3%
Haute-Garonne 2 747 Venerque
3%
Ariège 2 295 Verniolle
3%
Tarn 228 Vieux
3%
Aude 4 501 Villemoustaussou
3%
Haute-Garonne 1 438 Villenouvelle
3%
Aude 2 662 Vinassan
3%
Pyrénées-Orientales 2 156 Vinça
3%
Hérault 215 Viols-en-Laval
3%
Hérault 1 226 Viols-le-Fort
3%
Aveyron 887 Aguessac
2%
Ariège 57 Aigues-Juntes
2%
Aude 1 338 Alairac
2%
Aude 78 Albas
2%
Lot 526 Albas
2%
Tarn-et-Garonne 3305 Albias
2%
Ariège 120 Albiès
2%
Pyrénées-Orientales 3 619 Alénya
2%
Aude 388 Alet-les-Bains
2%
Ariège 128 Aleu
2%
Ariège 56 Alliat
2%
Hautes-Pyrénées 441 Allier
2%
Ariège 267 Alzen
2%
Aude 1 592 Alzonne
2%
Tarn 470 Ambialet
2%
Hautes-Pyrénées 286 Ancizan
2%
Hautes-Pyrénées 40 Antichan
2%
Haute-Garonne 187 Antichan-de-Frontignes
2%
Ariège 28 Appy
2%
Aude 467 Aragon
2%
Gard 4 127 Aramon
2%
Haute-Garonne 273 Arbas
2%
Ariège 192 Argein
2%
Aude 355 Argens-Minervois
2%
Ariège 702 Arignac
2%
Aveyron 36 Arnac-sur-Dourdou
2%
Ariège 217 Arnave
2%
Aude 261 Arques
2%
Aveyron 158 Arques
2%
Hautes-Pyrénées 494 Arras-en-Lavedan
2%
Hautes-Pyrénées 696 Arrens-Marsous
2%
Ariège 112 Arrien-en-Bethmale
2%
Ariège 90 Arrout
2%
Tarn 2523 Arthès
2%
Ariège 560 Artigat
2%
Ariège 35 Artigues
2%
Aude 75 Artigues
2%
Hautes-Pyrénées 13 Artigues
2%
Ariège 118 Artix
2%
Ariège 119 Ascou
2%
Hautes-Pyrénées 41 Aspin-Aure
2%
Hautes-Pyrénées 301 Aspin-en-Lavedan
2%
Hautes-Pyrénées 572 Asté
2%
Gard 2 958 Aubais
2%
Gard 2 339 Aubord
2%
Hautes-Pyrénées 254 Aucun
2%
Ariège 151 Audressein
2%
Haute-Garonne 311 Aulon
2%
Hautes-Pyrénées 99 Aulon
2%
Ariège 150 Aulos-Sinsat
2%
Haute-Garonne 1 242 Aurignac
2%
Tarn 5706 Aussillon
2%
Tarn-et-Garonne 910 Auvillar
2%
Gers 276 Aux-Aussat
2%
Haute-Garonne 1 587 Auzielle
2%
Hérault 288 Avène
2%
Ariège 43 Axiat
2%
Haute-Garonne 2 721 Ayguesvives
2%
Hautes-Pyrénées 146 Azet
2%
Aude 1 123 Azille
2%
Lot 196 Bach
2%
Pyrénées-Orientales 3 327 Baho
2%
Hautes-Pyrénées 133 Barry
2%
Tarn-et-Garonne 934 Barry-d'Islemade
2%
Ariège 167 Baulou
2%
Hautes-Pyrénées 1 877 Bazet
2%
Haute-Garonne 592 Bazus
2%
Hautes-Pyrénées 144 Bazus-Aure
2%
Hautes-Pyrénées 46 Bazus-Neste
2%
Hautes-Pyrénées 392 Beaudéan
2%
Haute-Garonne 472 Beaufort
2%
Hérault 218 Beaufort
2%
Gers 210 Beaupuy
2%
Haute-Garonne 1 302 Beaupuy
2%
Tarn-et-Garonne 268 Beaupuy
2%
Gard 5 581 Beauvoisin
2%
Ariège 197 Bédeilhac-et-Aynat
2%
Haute-Garonne 1 520 Belberaud
2%
Haute-Garonne 129 Belbèze-de-Lauragais
2%
Haute-Garonne 114 Belbèze-en-Comminges
2%
Tarn-et-Garonne 163 Belbèze-en-Lomagne
2%
Aude 376 Belcaire
2%
Lot 511 Belfort-du-Quercy
2%
Aude 21 Belfort-sur-Rebenty
2%
Ariège 82 Belloc
2%
Gers 138 Belloc-Saint-Clamens
2%
Gers 150 Belmont
2%
Lot 405 Belmont-Bretenoux
2%
Lot 123 Belmont-Sainte-Foi
2%
Aveyron 970 Belmont-sur-Rance
2%
Aude 1 339 Belpech
2%
Ariège 177 Bénac
2%
Hautes-Pyrénées 530 Bénac
2%
Haute-Garonne 168 Benque
2%
Haute-Garonne 28 Benque-Dessous-et-Dessus
2%
Hautes-Pyrénées 137 Benqué-Molère
2%
Haute-Garonne 3 063 Bérat
2%
Tarn 184 Bernac
2%
Hautes-Pyrénées 739 Bernac-Debat
2%
Hautes-Pyrénées 283 Bernac-Dessus
2%
Gard 3 397 Bernis
2%
Gard 2 695 Bessèges
2%
Ariège 166 Besset
2%
Lot 1973 Biars-sur-Cère
2%
Ariège 315 Biert
2%
Aude 1 754 Bizanet
2%
Tarn 2914 Blaye-les-Mines
2%
Pyrénées-Orientales 808 Bolquère
2%
Ariège 122 Bonac-Irazein
2%
Ariège 761 Bonnac
2%
Hautes-Pyrénées 193 Bonrepos
2%
Haute-Garonne 289 Bonrepos-Riquet
2%
Haute-Garonne 1 249 Bonrepos-sur-Aussonnelle
2%
Ariège 40 Bouan
2%
Hérault 3 452 Boujan-sur-Libron
2%
Tarn 2393 Brens
2%
Lot 1389 Bretenoux
2%
Tarn 1980 Briatexte
2%
Pyrénées-Orientales 1 581 Brouilla
2%
Tarn 2018 Burlats
2%
Ariège 44 Burret
2%
Hautes-Pyrénées 304 Cabanac
2%
Haute-Garonne 179 Cabanac-Séguenville
2%
Aveyron 268 Cabanès
2%
Tarn 310 Cabanès
2%
Aude 167 Cabrespine
2%
Gard 1 746 Cabrières
2%
Hérault 551 Cabrières
2%
Tarn 1531 Cadalen
2%
Haute-Garonne 1 102 Cadours
2%
Aude 50 Cailla
2%
Lot 1119 Cajarc
2%
Aveyron 201 Calmels-et-le-Viala
2%
Ariège 200 Camarade
2%
Aveyron 1 025 Camarès
2%
Tarn 2129 Cambon
2%
Hérault 50 Cambon-et-Salvergues
2%
Tarn 351 Cambon-lès-Lavaur
2%
Ariège 149 Camon
2%
Aveyron 450 Campagnac
2%
Tarn 158 Campagnac
2%
Hérault 221 Camplong
2%
Aude 373 Camplong-d'Aude
2%
Aude 104 Camurac
2%
Hérault 2 107 Candillargues
2%
Pyrénées-Orientales 6 534 Canohès
2%
Ariège 202 Canté
2%
Ariège 190 Capoulet-et-Junac
2%
Lot 229 Carnac-Rouffiac
2%
Lot 175 Cassagnes
2%
Pyrénées-Orientales 283 Cassagnes
2%
Aveyron 936 Cassagnes-Bégonhès
2%
Pyrénées-Orientales 286 Castelnou
2%
Ariège 97 Castex
2%
Gers 77 Castex
2%
Gers 134 Castex-d'Armagnac
2%
Lot 917 Catus
2%
Pyrénées-Orientales 18 Caudiès-de-Conflent
2%
Pyrénées-Orientales 589 Caudiès-de-Fenouillèdes
2%
Ariège 334 Caumont
2%
Gers 103 Caumont
2%
Tarn-et-Garonne 348 Caumont
2%
Aude 1 601 Caunes-Minervois
2%
Gard 4 351 Caveirac
2%
Aude 897 Caves
2%
Aude 1 640 Cazilhac
2%
Hérault 1 566 Cazilhac
2%
Haute-Garonne 2 224 Cépet
2%
Hérault 2 535 Cers
2%
Aude 1 139 Chalabre
2%
Lozère 1437 Chanac
2%
Haute-Garonne 195 Chaum
2%
Haute-Garonne 234 Cier-de-Luchon
2%
Haute-Garonne 274 Cier-de-Rivière
2%
Hérault 5 811 Clapiers
2%
Pyrénées-Orientales 266 Clara-Villerach
2%
Hautes-Pyrénées 502 Clarens
2%
Gard 4 280 Clarensac
2%
Gard 1 064 Collias
2%
Gers 920 Cologne
2%
Gard 1 720 Comps
2%
Aveyron 628 Comps-la-Grand-Ville
2%
Aveyron 514 Cornus
2%
Ariège 95 Couflens
2%
Tarn 3001 Coufouleux
2%
Aude 1 122 Couiza
2%
Hérault 3 550 Cournonsec
2%
Ariège 287 Coussa
2%
Aude 116 Coustouge
2%
Ariège 895 Crampagna
2%
Aveyron 1 472 Cransac
2%
Lozère 192 Cubières
2%
Aude 83 Cubières-sur-Cinoble
2%
Ariège 775 Dalou
2%
Ariège 741 Daumazan-sur-Arize
2%
Haute-Garonne 2 440 Daux
2%
Haute-Garonne 1 300 Deyme
2%
Tarn-et-Garonne 1634 Dieupentale
2%
Tarn 1308 Dourgne
2%
Aveyron 3 196 Druelle Balsac
2%
Aude 148 Duilhac-sous-Peyrepertuse
2%
Ariège 307 Engomer
2%
Hautes-Pyrénées 25 Ens
2%
Pyrénées-Orientales 626 Enveitg
2%
Ariège 569 Ercé
2%
Ariège 132 Erp
2%
Pyrénées-Orientales 202 Espira-de-Conflent
2%
Pyrénées-Orientales 3 532 Espira-de-l'Agly
2%
Ariège 106 Esplas
2%
Ariège 179 Esplas-de-Sérou
2%
Gers 666 Estang
2%
Gard 472 Euzet
2%
Pyrénées-Orientales 146 Eyne
2%
Ariège 348 Fabas
2%
Haute-Garonne 200 Fabas
2%
Tarn-et-Garonne 688 Fabas
2%
Aude 1 256 Fabrezan
2%
Haute-Garonne 143 Falga
2%
Aude 859 Fanjeaux
2%
Aude 1 256 Ferrals-les-Corbières
2%
Hérault 150 Ferrals-les-Montagnes
2%
Aude 110 Feuilla
2%
Tarn 925 Fiac
2%
Aveyron 2 363 Firmi
2%
Aveyron 2 365 Flavin
2%
Lot 240 Floirac
2%
Tarn 697 Florentin
2%
Aveyron 283 Florentin-la-Capelle
2%
Haute-Garonne 2 048 Flourens
2%
Haute-Garonne 2 993 Fonbeauzard
2%
Gard 685 Fontanès
2%
Hérault 353 Fontanès
2%
Lot 523 Fontanes
2%
Aude 5 Fontanès-de-Sault
2%
Aude 131 Fontjoncouse
2%
Pyrénées-Orientales 120 Fontpédrouse
2%
Pyrénées-Orientales 496 Formiguères
2%
Aude 105 Fraisse-Cabardès
2%
Aude 212 Fraissé-des-Corbières
2%
Hérault 339 Fraisse-sur-Agout
2%
Aude 137 Gaja-la-Selve
2%
Hautes-Pyrénées 698 Galan
2%
Ariège 730 Ganac
2%
Ariège 147 Garanou
2%
Haute-Garonne 1 312 Gardouch
2%
Haute-Garonne 1 918 Garidech
2%
Hérault 231 Garrigues
2%
Tarn 302 Garrigues
2%
Gard 748 Garrigues-Sainte-Eulalie
2%
Gard 4 025 Générac
2%
Gard 822 Génolhac
2%
Haute-Garonne 71 Génos
2%
Hautes-Pyrénées 132 Génos
2%
Hautes-Pyrénées 33 Germ
2%
Aude 1 515 Ginestas
2%
Tarn 1514 Giroussens
2%
Hautes-Pyrénées 55 Gouaux
2%
Haute-Garonne 56 Gouaux-de-Larboust
2%
Haute-Garonne 45 Gouaux-de-Luchon
2%
Haute-Garonne 4 501 Gratentour
2%
Haute-Garonne 743 Grazac
2%
Tarn 634 Grazac
2%
Hautes-Pyrénées 149 Guchan
2%
Hautes-Pyrénées 313 Guchen
2%
Hautes-Pyrénées 589 Hèches
2%
Hautes-Pyrénées 265 Hiis
2%
Aude 597 Homps
2%
Gers 110 Homps
2%
Lozère 898 Ispagnac
2%
Hautes-Pyrénées 4 019 Juillan
2%
Ariège 177 Labatut
2%
Hautes-Pyrénées 386 Labatut-Rivière
2%
Hérault 1 038 La Boissière
2%
Pyrénées-Orientales 696 La Cabanasse
2%
Gard 2 516 La Calmette
2%
Ariège 121 Lacave
2%
Lot 257 Lacave
2%
Ariège 192 Lacourt
2%
Tarn-et-Garonne 1275 Lacourt-Saint-Pierre
2%
Aveyron 323 La Cresse
2%
Aude 293 La Digne-d'Amont
2%
Aude 527 La Digne-d'Aval
2%
Aude 93 Lafage
2%
Tarn 2244 Lagrave
2%
Pyrénées-Orientales 218 La Llagonne
2%
Hautes-Pyrénées 1 858 Laloubère
2%
Aveyron 1 518 La Loubière
2%
Hérault 2 454 Lamalou-les-Bains
2%
Tarn-et-Garonne 1053 Lamothe-Capdeville
2%
Lot 115 Lamothe-Cassel
2%
Tarn-et-Garonne 126 Lamothe-Cumont
2%
Lot 305 Lamothe-Fénélon
2%
Gers 80 Lamothe-Goas
2%
Gard 2 265 Langlade
2%
Hérault 3 107 Lansargues
2%
Gard 1 129 Lasalle
2%
Ariège 254 Lasserre
2%
Aude 282 Lasserre-de-Prouille
2%
Haute-Garonne 1 622 Lasserre-Pradère
2%
Pyrénées-Orientales 3 221 Latour-Bas-Elne
2%
Pyrénées-Orientales 1 043 Latour-de-France
2%
Gard 6 511 Laudun-l'Ardoise
2%
Aude 48 Le Bousquet
2%
Hérault 1 584 Le Bousquet-d'Orb
2%
Gard 2 517 Le Cailar
2%
Haute-Garonne 2 178 Le Fauga
2%
Ariège 1 041 Le Fossat
2%
Haute-Garonne 1 895 Le Fousseret
2%
Haute-Garonne 33 Lège
2%
Lozère 497 Le Malzieu-Forain
2%
Lozère 741 Le Malzieu-Ville
2%
Aveyron 2 306 Le Monastère
2%
Ariège 618 Léran
2%
Lozère 130 Le Rozier
2%
Hérault 608 Les Aires
2%
Lot 217 Les Arques
2%
Aude 307 Les Cassés
2%
Tarn 1988 Le Sequestre
2%
Hérault 2 047 Les Matelles
2%
Hérault 3 325 Lespignan
2%
Ariège 840 Les Pujols
2%
Pyrénées-Orientales 98 Le Tech
2%
Haute-Garonne 2 206 Lévignac
2%
Hérault 3 224 Lignan-sur-Orb
2%
Ariège 250 Lissac
2%
Lot 930 Lissac-et-Mouret
2%
Haute-Garonne 3 213 Longages
2%
Ariège 70 Lordat
2%
Ariège 1 461 Lorp-Sentaraille
2%
Ariège 283 Loubens
2%
Haute-Garonne 452 Loubens-Lauragais
2%
Lot 267 Loupiac
2%
Tarn 439 Loupiac
2%
Hérault 2 195 Loupian
2%
Hautes-Pyrénées 653 Loures-Barousse
2%
Tarn-et-Garonne 123 Loze
2%
Hérault 822 Lunas-les-Châteaux
2%
Haute-Garonne 232 Lussan-Adeilhac
2%
Hautes-Pyrénées 424 Madiran
2%
Hérault 3 478 Magalas
2%
Aude 47 Maisons
2%
Haute-Garonne 958 Mane
2%
Hérault 4 671 Maraussan
2%
Haute-Garonne 497 Marignac
2%
Tarn-et-Garonne 103 Marignac
2%
Haute-Garonne 465 Marignac-Lasclares
2%
Haute-Garonne 200 Marignac-Laspeyres
2%
Pyrénées-Orientales 573 Marquixanes
2%
Hautes-Pyrénées 230 Marsac
2%
Tarn-et-Garonne 183 Marsac
2%
Aude 702 Marseillette
2%
Aude 27 Massac
2%
Tarn 462 Massac-Séran
2%
Gers 1524 Masseube
2%
Pyrénées-Orientales 278 Matemale
2%
Pyrénées-Orientales 2 762 Maureillas-las-Illas
2%
Haute-Garonne 1 327 Mauzac
2%
Tarn-et-Garonne 1424 Meauzac
2%
Gard 732 Méjannes-le-Clap
2%
Gard 1 218 Méjannes-lès-Alès
2%
Lozère 784 Meyrueis
2%
Gers 1125 Miélan
2%
Ariège 112 Miglos
2%
Ariège 60 Mijanès
2%
Tarn-et-Garonne 1039 Mirabel
2%
Gers 349 Miramont-d'Astarac
2%
Haute-Garonne 759 Miramont-de-Comminges
2%
Tarn-et-Garonne 309 Miramont-de-Quercy
2%
Gers 148 Miramont-Latour
2%
Haute-Garonne 2 687 Miremont
2%
Lot 358 Molières
2%
Tarn-et-Garonne 1245 Molières
2%
Gard 908 Molières-Cavaillac
2%
Gard 1 197 Molières-sur-Cèze
2%
Gers 223 Monclar
2%
Tarn-et-Garonne 2026 Monclar-de-Quercy
2%
Gers 109 Monclar-sur-Losse
2%
Hérault 4 005 Montady
2%
Tarn 1544 Montans
2%
Hérault 4 164 Montarnaud
2%
Tarn-et-Garonne 1643 Montbartier
2%
Tarn-et-Garonne 4299 Montbeton
2%
Aude 175 Montclar
2%
Aveyron 150 Montclar
2%
Haute-Garonne 74 Montclar-de-Comminges
2%
Haute-Garonne 240 Montclar-Lauragais
2%
Aveyron 481 Monteils
2%
Gard 662 Monteils
2%
Tarn-et-Garonne 1361 Monteils
2%
Aude 90 Montfort-sur-Boulzane
2%
Gard 3 129 Montfrin
2%
Ariège 1 476 Montgailhard
2%
Hautes-Pyrénées 136 Montignac
2%
Lozère 1085 Mont Lozère et Goulet
2%
Aude 833 Montolieu
2%
Ariège 411 Montoulieu
2%
Hérault 176 Montoulieu
2%
Haute-Garonne 217 Montoulieu-Saint-Bernard
2%
Aveyron 528 Montpeyroux
2%
Hérault 1 386 Montpeyroux
2%
Ariège 768 Moulis
2%
Aude 2 041 Moussan
2%
Tarn 339 Nages
2%
Gard 2 107 Nages-et-Solorgues
2%
Aveyron 373 Naussac
2%
Ariège 154 Niaux
2%
Aude 41 Niort-de-Sault
2%
Haute-Garonne 93 Nogaret
2%
Hautes-Pyrénées 3 291 Odos
2%
Hérault 550 Olargues
2%
Aveyron 3 471 Olemps
2%
Pyrénées-Orientales 342 Olette
2%
Pyrénées-Orientales 344 Oms
2%
Haute-Garonne 775 Ondes
2%
Pyrénées-Orientales 1 202 Opoul-Périllos
2%
Haute-Garonne 121 Ore
2%
Ariège 92 Orgeix
2%
Ariège 248 Ornolac-Ussat-les-Bains
2%
Ariège 27 Orus
2%
Pyrénées-Orientales 1 372 Osséja
2%
Aude 2 554 Ouveillan
2%
Ariège 486 Pailhès
2%
Hérault 592 Pailhès
2%
Pyrénées-Orientales 412 Palau-de-Cerdagne
2%
Pyrénées-Orientales 3 135 Palau-del-Vidre
2%
Tarn 919 Pampelonne
2%
Tarn 985 Parisot
2%
Tarn-et-Garonne 554 Parisot
2%
Hérault 4 031 Paulhan
2%
Tarn 2188 Payrin-Augmontel
2%
Haute-Garonne 2 363 Péchabou
2%
Haute-Garonne 996 Pechbusque
2%
Hautes-Pyrénées 62 Péré
2%
Ariège 226 Perles-et-Castelet
2%
Aude 1 143 Peyriac-de-Mer
2%
Aude 1 177 Peyriac-Minervois
2%
Pyrénées-Orientales 38 Pézilla-de-Conflent
2%
Pyrénées-Orientales 3 942 Pézilla-la-Rivière
2%
Hérault 2 004 Pinet
2%
Haute-Garonne 2 829 Pinsaguel
2%
Pyrénées-Orientales 5 402 Pollestres
2%
Haute-Garonne 2 298 Pompertuzat
2%
Lozère 545 Pont de Montvert - Sud Mont Lozère
2%
Pyrénées-Orientales 2 922 Ponteilla
2%
Gard 327 Portes
2%
Gard 4 237 Poulx
2%
Hautes-Pyrénées 650 Pouyastruc
2%
Lot 3584 Pradines
2%
Lot 2460 Prayssac
2%
Aude 436 Puivert
2%
Gers 1657 Pujaudran
2%
Hautes-Pyrénées 670 Pujo
2%
Tarn 456 Puycelsi
2%
Tarn 3540 Puygouzon
2%
Hérault 1 791 Quarante
2%
Ariège 138 Quérigut
2%
Ariège 295 Quié
2%
Ariège 368 Rabat-les-Trois-Seigneurs
2%
Ariège 54 Raissac
2%
Aude 258 Raissac-d'Aude
2%
Aude 462 Raissac-sur-Lampy
2%
Tarn-et-Garonne 1863 Réalville
2%
Gard 4 181 Redessan
2%
Aude 267 Ribaute
2%
Gard 2 057 Ribaute-les-Tavernes
2%
Ariège 532 Rimont
2%
Pyrénées-Orientales 677 Rodès
2%
Gard 2 821 Rodilhan
2%
Tarn 2183 Roquecourbe
2%
Aude 131 Roquecourbe-Minervois
2%
Ariège 146 Roquefixade
2%
Aude 273 Roquetaillade-et-Conilhac
2%
Haute-Garonne 4 294 Roquettes
2%
Hérault 2 260 Roujan
2%
Gard 4 359 Rousson
2%
Pyrénées-Orientales 1 173 Saillagouse
2%
Tarn-et-Garonne 393 Saint-Aignan
2%
Gard 1 247 Saint-Alexandre
2%
Ariège 249 Saint-Amadou
2%
Aveyron 624 Saint-Beauzély
2%
Tarn 130 Saint-Beauzile
2%
Lozère 71 Saint-Bonnet-de-Chirac
2%
Gard 120 Saint-Bonnet-de-Salendrinque
2%
Gard 833 Saint-Bonnet-du-Gard
2%
Gard 666 Saint-Brès
2%
Gers 72 Saint-Brès
2%
Hérault 3 378 Saint-Brès
2%
Gard 2 004 Saint-Chaptes
2%
Hérault 2 882 Saint-Drézéry
2%
Gers 181 Saint-Élix-d'Astarac
2%
Haute-Garonne 921 Saint-Élix-le-Château
2%
Haute-Garonne 43 Saint-Élix-Séglan
2%
Gers 87 Saint-Élix-Theux
2%
Gers 206 Sainte-Mère
2%
Aveyron 1 759 Sainte-Radegonde
2%
Gers 173 Sainte-Radegonde
2%
Pyrénées-Orientales 1 231 Saint-Féliu-d'Amont
2%
Pyrénées-Orientales 2 918 Saint-Féliu-d'Avall
2%
Gers 127 Saint-Justin
2%
Gers 186 Saint-Léonard
2%
Haute-Garonne 554 Saint-Mamet
2%
Gard 187 Saint-Martial
2%
Gard 161 Saint-Roman-de-Codières
2%
Hautes-Pyrénées 366 Saint-Savin
2%
Hautes-Pyrénées 158 Saint-Sever-de-Rustan
2%
Aveyron 189 Saint-Sever-du-Moustier
2%
Aveyron 210 Saint-Symphorien-de-Thénières
2%
Hérault 2 963 Saint-Thibéry
2%
Ariège 690 Saint-Ybars
2%
Aude 919 Saissac
2%
Tarn 1238 Salvagnac
2%
Hautes-Pyrénées 550 Sarrancolin
2%
Ariège 659 Saurat
2%
Hérault 1 783 Saussan
2%
Hérault 5 459 Sauvian
2%
Aveyron 3 330 Sébazac-Concourès
2%
Ariège 158 Sentein
2%
Ariège 58 Sentenac-de-Sérou
2%
Ariège 105 Sentenac-d'Oust
2%
Lot 319 Sérignac
2%
Tarn-et-Garonne 516 Sérignac
2%
Ariège 430 Soueix-Rogalle
2%
Pyrénées-Orientales 486 Sournia
2%
Hérault 2 824 Sussargues
2%
Ariège 352 Tabre
2%
Tarn 535 Tanus
2%
Lot 458 Tauriac
2%
Tarn 379 Tauriac
2%
Aveyron 35 Tauriac-de-Camarès
2%
Aveyron 359 Tauriac-de-Naucelle
2%
Ariège 154 Taurignan-Castet
2%
Gard 2 031 Tavel
2%
Aude 47 Termes
2%
Lozère 222 Termes
2%
Gers 190 Termes-d'Armagnac
2%
Tarn 1210 Terssac
2%
Hérault 4 685 Teyran
2%
Aude 554 Thézan-des-Corbières
2%
Hérault 3 062 Thézan-lès-Béziers
2%
Pyrénées-Orientales 31 Thuès-Entre-Valls
2%
Hautes-Pyrénées 757 Trébons
2%
Haute-Garonne 7 Trébons-de-Luchon
2%
Haute-Garonne 470 Trébons-sur-la-Grasse
2%
Pyrénées-Orientales 2 257 Trouillas
2%
Ariège 109 Troye-d'Ariège
2%
Aude 790 Tuchan
2%
Ariège 310 Ussat
2%
Lot 97 Ussel
2%
Ariège 268 Ustou
2%
Tarn 328 Vaour
2%
Tarn-et-Garonne 652 Varen
2%
Haute-Garonne 308 Vaux
2%
Lot 1291 Vayrac
2%
Tarn 730 Vénès
2%
Ariège 235 Ventenac
2%
Aude 955 Ventenac-Cabardès
2%
Aude 575 Ventenac-en-Minervois
2%
Ariège 698 Vernajoul
2%
Gard 1 836 Vézénobres
2%
Aveyron 97 Viala-du-Pas-de-Jaux
2%
Aveyron 528 Viala-du-Tarn
2%
Tarn 1378 Vielmur-sur-Agout
2%
Haute-Garonne 967 Vigoulet-Auzil
2%
Aveyron 417 Villecomtal
2%
Gers 835 Villecomtal-sur-Arros
2%
Hautes-Pyrénées 69 Villenave-près-Béarn
2%
Hautes-Pyrénées 110 Villenave-près-Marsac
2%
Hérault 3 934 Villeveyrac
2%
Gard 1 841 Villevieille
2%
Ariège 156 Vira
2%
Pyrénées-Orientales 27 Vira
2%
Pyrénées-Orientales 173 Vivès
2%
Tarn 252 Viviers-lès-Lavaur
2%
Tarn 1984 Viviers-lès-Montagnes
2%
Hérault 1 818 Abeilhan
1%
Hautes-Pyrénées 302 Adast
1%
Hautes-Pyrénées 147 Adervielle-Pouchergues
1%
Hérault 1 324 Adissan
1%
Haute-Garonne 120 Agassac
1%
Hérault 248 Agel
1%
Hérault 304 Agonès
1%
Hautes-Pyrénées 393 Agos-Vidalos
1%
Tarn 236 Aguts
1%
Gard 530 Aigaliers
1%
Gers 720 Aignan
1%
Hérault 288 Aigne
1%
Haute-Garonne 242 Aignes
1%
Gard 773 Aigremont
1%
Tarn 2510 Aiguefonde
1%
Gard 213 Aiguèze
1%
Aude 170 Airoux
1%
Aude 201 Ajac
1%
Aude 337 Alaigne
1%
Haute-Garonne 291 Alan
1%
Lozère 151 Albaret-le-Comtal
1%
Lozère 554 Albaret-Sainte-Marie
1%
Haute-Garonne 226 Albiac
1%
Lot 80 Albiac
1%
Aude 119 Albières
1%
Tarn 512 Albine
1%
Tarn 203 Algans
1%
Hérault 1 757 Alignan-du-Vent
1%
Gard 1 003 Allègre-les-Fumades
1%
Lozère 262 Allenc
1%
Ariège 73 Allières
1%
Tarn 295 Almayrac
1%
Aveyron 441 Almont-les-Junies
1%
Aveyron 345 Alrance
1%
Lozère 217 Altier
1%
Lot 691 Alvignac
1%
Aveyron 177 Ambeyrac
1%
Tarn 1036 Ambres
1%
Haute-Garonne 258 Anan
1%
Tarn 118 Andillac
1%
Tarn 400 Andouque
1%
Hautes-Pyrénées 1 349 Andrest
1%
Hautes-Pyrénées 168 Anères
1%
Lot 224 Anglars
1%
Lot 331 Anglars-Juillac
1%
Lot 394 Anglars-Nozac
1%
Hautes-Pyrénées 227 Angos
1%
Hautes-Pyrénées 82 Anla
1%
Pyrénées-Orientales 167 Ansignan
1%
Hautes-Pyrénées 57 Ansost
1%
Haute-Garonne 90 Antignac
1%
Hautes-Pyrénées 94 Antin
1%
Hautes-Pyrénées 187 Antist
1%
Ariège 74 Antras
1%
Gers 43 Antras
1%
Lozère 329 Antrenas
1%
Aude 270 Antugnac
1%
Tarn 72 Appelle
1%
Ariège 81 Arabaux
1%
Hautes-Pyrénées 78 Arbéost
1%
Haute-Garonne 97 Arbon
1%
Hérault 107 Arboras
1%
Pyrénées-Orientales 128 Arboussols
1%
Lot 993 Arcambal
1%
Hautes-Pyrénées 600 Arcizac-Adour
1%
Hautes-Pyrénées 254 Arcizac-ez-Angles
1%
Hautes-Pyrénées 392 Arcizans-Avant
1%
Hautes-Pyrénées 115 Arcizans-Dessus
1%
Hautes-Pyrénées 12 Ardengost
1%
Haute-Garonne 354 Ardiège
1%
Tarn 167 Arfons
1%
Gard 448 Argilliers
1%
Haute-Garonne 86 Arguenos
1%
Haute-Garonne 22 Argut-Dessous
1%
Hautes-Pyrénées 86 Aries-Espénan
1%
Tarn 139 Arifat
1%
Haute-Garonne 102 Arlos
1%
Hautes-Pyrénées 182 Arné
1%
Gard 1 046 Arpaillargues-et-Aureillac
1%
Gard 140 Arphy
1%
Aude 80 Arquettes-en-Val
1%
Hautes-Pyrénées 99 Arrayou-Lahitte
1%
Gard 213 Arrigas
1%
Hautes-Pyrénées 23 Arrodets
1%
Hautes-Pyrénées 113 Arrodets-ez-Angles
1%
Hautes-Pyrénées 509 Artagnan
1%
Hautes-Pyrénées 135 Artalens-Souin
1%
Hautes-Pyrénées 84 Artiguemy
1%
Aveyron 764 Arvieu
1%
Ariège 222 Arvigna
1%
Lozère 51 Arzenc-d'Apcher
1%
Lozère 187 Arzenc-de-Randon
1%
Aude 1 211 Arzens
1%
Gard 542 Aspères
1%
Hérault 1 676 Aspiran
1%
Haute-Garonne 124 Aspret-Sarrat
1%
Aveyron 755 Asprières
1%
Hautes-Pyrénées 120 Asque
1%
Tarn 148 Assac
1%
Hérault 1 455 Assas
1%
Lot 684 Assier
1%
Hérault 162 Assignan
1%
Hautes-Pyrénées 265 Astugue
1%
Hautes-Pyrénées 286 Aubarède
1%
Gers 1123 Aubiet
1%
Ariège 53 Aucazein
1%
Ariège 79 Augirein
1%
Gard 168 Aujac
1%
Gard 779 Aujargues
1%
Gard 447 Aulas
1%
Hérault 557 Aumelas
1%
Hérault 501 Aumes
1%
Gard 241 Aumessas
1%
Aude 62 Aunat
1%
Haute-Garonne 418 Auragne
1%
Gers 134 Aurensan
1%
Hautes-Pyrénées 768 Aurensan
1%
Haute-Garonne 969 Aureville
1%
Haute-Garonne 198 Auribail
1%
Hautes-Pyrénées 239 Auriébat
1%
Haute-Garonne 344 Aurin
1%
Lozère 364 Auroux
1%
Tarn 266 Aussac
1%
Haute-Garonne 80 Ausseing
1%
Hérault 942 Autignac
1%
Lot 369 Autoire
1%
Tarn-et-Garonne 147 Auty
1%
Haute-Garonne 227 Auzas
1%
Aveyron 817 Auzits
1%
Hautes-Pyrénées 81 Avajan
1%
Hautes-Pyrénées 207 Aventignan
1%
Hautes-Pyrénées 86 Averan
1%
Hautes-Pyrénées 41 Aveux
1%
Hautes-Pyrénées 582 Avezac-Prat-Lahitte
1%
Gard 1 063 Avèze
1%
Pyrénées-Orientales 40 Ayguatébia-Talau
1%
Hautes-Pyrénées 345 Ayros-Arbouix
1%
Aveyron 218 Ayssènes
1%
Hautes-Pyrénées 463 Ayzac-Ost
1%
Haute-Garonne 664 Azas
1%
Hautes-Pyrénées 968 Azereix
1%
Hérault 355 Azillanet
1%
Hérault 305 Babeau-Bouldoux
1%
Haute-Garonne 86 Bachas
1%
Haute-Garonne 35 Bachos
1%
Lozère 990 Badaroux
1%
Aude 745 Badens
1%
Gard 2 577 Bagard
1%
Ariège 36 Bagert
1%
Haute-Garonne 112 Bagiry
1%
Lot 1477 Bagnac-sur-Célé
1%
Pyrénées-Orientales 121 Baillestavy
1%
Ariège 38 Balacet
1%
Ariège 198 Balaguères
1%
Aveyron 180 Balaguier-d'Olt
1%
Aveyron 88 Balaguier-sur-Rance
1%
Haute-Garonne 137 Balesta
1%
Lozère 567 Balsièges
1%
Lozère 1072 Banassac-Canilhac
1%
Hautes-Pyrénées 65 Banios
1%
Aude 172 Baraigne
1%
Hautes-Pyrénées 42 Barbachen
1%
Aude 793 Barbaira
1%
Hautes-Pyrénées 39 Bareilles
1%
Haute-Garonne 12 Baren
1%
Hautes-Pyrénées 320 Barlest
1%
Gard 348 Baron
1%
Gers 653 Barran
1%
Hautes-Pyrénées 38 Barrancoueu
1%
Gers 126 Bars
1%
Hautes-Pyrénées 26 Barthe
1%
Hautes-Pyrénées 510 Bartrès
1%
Hérault 2 287 Bassan
1%
Gers 327 Bassoues
1%
Hautes-Pyrénées 36 Batsère
1%
Haute-Garonne 93 Bax
1%
Hautes-Pyrénées 369 Bazillac
1%
Hautes-Pyrénées 109 Bazordan
1%
Hautes-Pyrénées 417 Beaucens
1%
Haute-Garonne 645 Beauchalot
1%
Gers 669 Beaumarchés
1%
Lot 229 Beauregard
1%
Tarn 372 Beauvais-sur-Tescou
1%
Haute-Garonne 173 Beauville
1%
Ariège 66 Bédeille
1%
Lozère 446 Bédouès-Cocurès
1%
Lot 714 Béduer
1%
Hautes-Pyrénées 191 Bégole
1%
Hérault 668 Bélarga
1%
Aude 114 Belflou
1%
Tarn 161 Belleserre
1%
Haute-Garonne 105 Bellesserre
1%
Gard 238 Belvézet
1%
Aude 238 Belvianes-et-Cavirac
1%
Aude 161 Belvis
1%
Ariège 529 Benagues
1%
Ariège 151 Bénaix
1%
Hautes-Pyrénées 44 Berbérust-Lias
1%
Tarn 107 Berlats
1%
Hérault 219 Berlou
1%
Hautes-Pyrénées 99 Bernadets-Debat
1%
Hautes-Pyrénées 147 Bernadets-Dessus
1%
Gers 113 Berrac
1%
Aude 950 Berriac
1%
Aveyron 1 060 Bertholène
1%
Tarn 110 Bertre
1%
Hautes-Pyrénées 155 Bertren
1%
Aude 46 Bessède-de-Sault
1%
Tarn-et-Garonne 1478 Bessens
1%
Aveyron 209 Bessuéjouls
1%
Ariège 19 Bestiac
1%
Lot 1067 Bétaille
1%
Ariège 354 Betchat
1%
Hautes-Pyrénées 80 Betpouey
1%
Hautes-Pyrénées 74 Betpouy
1%
Hautes-Pyrénées 210 Beyrède-Jumet-Camous
1%
Gard 2 328 Bezouce
1%
Haute-Garonne 29 Billière
1%
Haute-Garonne 45 Binos
1%
Lot 333 Bio
1%
Tarn-et-Garonne 1178 Bioule
1%
Hautes-Pyrénées 128 Bizous
1%
Haute-Garonne 446 Blajan
1%
Gard 126 Blandas
1%
Gard 1 228 Blauzac
1%
Aude 235 Blomac
1%
Hérault 2 153 Boisseron
1%
Hérault 39 Boisset
1%
Gard 2 591 Boisset-et-Gaujac
1%
Tarn 386 Boissezon
1%
Gard 590 Boissières
1%
Lot 404 Boissières
1%
Haute-Garonne 720 Bondigoux
1%
Hautes-Pyrénées 319 Bonnefont
1%
Hautes-Pyrénées 319 Boô-Silhen
1%
Gard 391 Bordezac
1%
Gard 1 000 Boucoiran-et-Nozières
1%
Tarn-et-Garonne 753 Boudou
1%
Hautes-Pyrénées 22 Bouilh-Devant
1%
Aude 221 Bouilhonnac
1%
Hautes-Pyrénées 121 Bouilh-Péreuilh
1%
Aveyron 376 Bouillac
1%
Tarn-et-Garonne 581 Bouillac
1%
Pyrénées-Orientales 61 Boule-d'Amont
1%
Pyrénées-Orientales 955 Bouleternère
1%
Hautes-Pyrénées 300 Boulin
1%
Gard 190 Bouquet
1%
Gard 368 Bourdic
1%
Aude 144 Bouriège
1%
Aude 55 Bourigeole
1%
Hautes-Pyrénées 190 Bourisp
1%
Aveyron 346 Bournazel
1%
Tarn 231 Bournazel
1%
Hautes-Pyrénées 118 Bourréac
1%
Tarn-et-Garonne 977 Bourret
1%
Hautes-Pyrénées 889 Bours
1%
Aveyron 598 Boussac
1%
Lot 179 Boussac
1%
Haute-Garonne 234 Boussan
1%
Ariège 223 Boussenac
1%
Aude 722 Boutenac
1%
Haute-Garonne 253 Boutx
1%
Gard 1 315 Branoux-les-Taillades
1%
Aveyron 173 Brasc
1%
Gard 666 Bréau-Mars
1%
Lozère 387 Brenoux
1%
Gers 391 Bretagne-d'Armagnac
1%
Haute-Garonne 675 Bretx
1%
Aude 184 Brézilhac
1%
Hérault 965 Brignac
1%
Haute-Garonne 369 Brignemont
1%
Gard 738 Brignon
1%
Lozère 83 Brion
1%
Hérault 599 Brissac
1%
Aveyron 637 Brommat
1%
Aveyron 609 Broquiès
1%
Aude 340 Brousses-et-Villaret
1%
Gard 676 Brouzet-lès-Alès
1%
Gard 300 Brouzet-lès-Quissac
1%
Tarn 111 Broze
1%
Aude 287 Brugairolles
1%
Aveyron 261 Brusque
1%
Hautes-Pyrénées 97 Bugard
1%
Hautes-Pyrénées 59 Bulan
1%
Hautes-Pyrénées 153 Bun
1%
Haute-Garonne 119 Burgalays
1%
Tarn 722 Busque
1%
Ariège 25 Buzan
1%
Hérault 368 Buzignargues
1%
Hautes-Pyrénées 81 Buzon
1%
Lot 223 Cabrerets
1%
Hérault 337 Cabrerolles
1%
Ariège 220 Cadarcet
1%
Hautes-Pyrénées 304 Cadéac
1%
Gers 141 Cadeilhan
1%
Hautes-Pyrénées 45 Cadeilhan-Trachère
1%
Tarn 216 Cadix
1%
Hautes-Pyrénées 30 Caharet
1%
Haute-Garonne 409 Caignac
1%
Aude 251 Cailhau
1%
Aude 144 Cailhavel
1%
Pyrénées-Orientales 133 Caixas
1%
Hautes-Pyrénées 346 Caixon
1%
Hautes-Pyrénées 332 Calavanté
1%
Pyrénées-Orientales 220 Calce
1%
Lot 166 Calès
1%
Pyrénées-Orientales 60 Calmeilles
1%
Ariège 37 Calzan
1%
Hautes-Pyrénées 377 Camalès
1%
Haute-Garonne 477 Cambernard
1%
Haute-Garonne 227 Cambiac
1%
Aude 313 Cambieure
1%
Aveyron 380 Camboulazet
1%
Tarn 336 Cambounès
1%
Tarn 971 Cambounet-sur-le-Sor
1%
Pyrénées-Orientales 457 Camélas
1%
Aveyron 574 Camjac
1%
Hautes-Pyrénées 51 Camparan
1%
Gard 145 Campestre-et-Luc
1%
Hautes-Pyrénées 314 Campistrous
1%
Pyrénées-Orientales 115 Campôme
1%
Aveyron 341 Campouriez
1%
Pyrénées-Orientales 41 Campoussy
1%
Tarn-et-Garonne 1446 Campsas
1%
Aveyron 457 Campuac
1%
Hautes-Pyrénées 144 Campuzan
1%
Tarn-et-Garonne 816 Canals
1%
Gard 472 Canaules-et-Argentières
1%
Pyrénées-Orientales 33 Canaveilles
1%
Haute-Garonne 58 Canens
1%
Hautes-Pyrénées 433 Cantaous
1%
Aveyron 310 Cantoin
1%
Haute-Garonne 677 Capens
1%
Pyrénées-Orientales 131 Caramany
1%
Tarn 236 Carbes
1%
Ariège 73 Carcanières
1%
Lot 622 Cardaillac
1%
Gard 910 Cardet
1%
Lot 421 Carennac
1%
Aude 338 Carlipa
1%
Tarn 661 Carlus
1%
Gard 523 Carnas
1%
Gard 780 Carsan
1%
Aude 223 Cascastel-des-Corbières
1%
Pyrénées-Orientales 43 Casefabre
1%
Pyrénées-Orientales 969 Cases-de-Pène
1%
Haute-Garonne 467 Cassagnabère-Tournas
1%
Lozère 125 Cassagnas
1%
Gard 430 Cassagnoles
1%
Hérault 110 Cassagnoles
1%
Gers 231 Cassaigne
1%
Aude 59 Cassaignes
1%
Aveyron 105 Cassuéjouls
1%
Haute-Garonne 293 Castagnac
1%
Haute-Garonne 189 Castagnède
1%
Aude 134 Castans
1%
Pyrénées-Orientales 142 Casteil
1%
Hautes-Pyrénées 137 Castelbajac
1%
Tarn-et-Garonne 490 Castelferrus
1%
Tarn-et-Garonne 1201 Castelmayran
1%
Aude 206 Castelreng
1%
Tarn-et-Garonne 543 Castelsagrat
1%
Ariège 21 Castéras
1%
Hautes-Pyrénées 17 Casterets
1%
Gers 174 Castet-Arrouy
1%
Haute-Garonne 36 Cathervielle
1%
Pyrénées-Orientales 743 Catllar
1%
Haute-Garonne 411 Caubiac
1%
Haute-Garonne 4 Caubous
1%
Hautes-Pyrénées 30 Caubous
1%
Tarn 285 Caucalières
1%
Aude 215 Caudebronde
1%
Haute-Garonne 856 Caujac
1%
Aude 56 Caunettes-en-Val
1%
Aude 10 Caunette-sur-Lauquet
1%
Gers 584 Caussens
1%
Hérault 625 Causses-et-Veyran
1%
Ariège 45 Caussou
1%
Lot 422 Cavagnac
1%
Aude 960 Cavanac
1%
Gard 846 Cavillargues
1%
Ariège 20 Caychax-et-Senconac
1%
Tarn-et-Garonne 561 Cayrac
1%
Tarn-et-Garonne 277 Cayriech
1%
Aude 93 Cazalrenoux
1%
Hautes-Pyrénées 58 Cazarilh
1%
Haute-Garonne 16 Cazarilh-Laspènes
1%
Haute-Garonne 85 Cazaril-Tambourès
1%
Gers 1662 Cazaubon
1%
Haute-Garonne 69 Cazaunous
1%
Ariège 200 Cazavet
1%
Haute-Garonne 102 Cazeaux-de-Larboust
1%
Hérault 628 Cazedarnes
1%
Gers 163 Cazeneuve
1%
Tarn-et-Garonne 1214 Cazes-Mondenard
1%
Hérault 229 Cazevieille
1%
Hérault 634 Cébazan
1%
Hérault 274 Ceilhes-et-Rocozels
1%
Gard 1 626 Cendras
1%
Aveyron 464 Centrès
1%
Aude 615 Cépie
1%
Ariège 138 Cérizols
1%
Ariège 154 Cescau
1%
Hérault 2 373 Cessenon-sur-Orb
1%
Tarn 466 Cestayrols
1%
Hérault 1 382 Ceyras
1%
Lozère 122 Chadenet
1%
Gard 260 Chambon
1%
Gard 887 Chamborigaud
1%
Lozère 926 Chastel-Nouvel
1%
Ariège 41 Château-Verdun
1%
Haute-Garonne 187 Chein-Dessus
1%
Hautes-Pyrénées 215 Chelle-Debat
1%
Hautes-Pyrénées 107 Chelle-Spou
1%
Hautes-Pyrénées 86 Cheust
1%
Hautes-Pyrénées 49 Chèze
1%
Hautes-Pyrénées 302 Chis
1%
Gard 971 Chusclan
1%
Hautes-Pyrénées 606 Cieutat
1%
Haute-Garonne 14 Cirès
1%
Aude 91 Citou
1%
Hautes-Pyrénées 136 Cizos
1%
Aveyron 1 146 Clairvaux-d'Aveyron
1%
Haute-Garonne 668 Clarac
1%
Hautes-Pyrénées 162 Clarac
1%
Hérault 1 695 Claret
1%
Pyrénées-Orientales 357 Codalet
1%
Gard 604 Codolet
1%
Lot 895 Cœur de Causse
1%
Hautes-Pyrénées 152 Collongues
1%
Gard 214 Colognac
1%
Hérault 480 Colombières-sur-Orb
1%
Aveyron 872 Colombiès
1%
Hérault 1 909 Combaillaux
1%
Gard 720 Combas
1%
Hérault 322 Combes
1%
Aveyron 261 Combret
1%
Aude 312 Comigne
1%
Aveyron 518 Compeyre
1%
Aveyron 337 Compolibat
1%
Aveyron 228 Comprégnac
1%
Aude 32 Comus
1%
Pyrénées-Orientales 61 Conat
1%
Gard 266 Concoules
1%
Gard 1 645 Congénies
1%
Aude 899 Conilhac-Corbières
1%
Aveyron 104 Connac
1%
Gard 1 698 Connaux
1%
Ariège 67 Contrazy
1%
Tarn-et-Garonne 1702 Corbarieu
1%
Pyrénées-Orientales 778 Corbère
1%
Pyrénées-Orientales 1 098 Corbère-les-Cabanes
1%
Gard 621 Corconne
1%
Hérault 1 663 Corneilhan
1%
Gard 922 Cornillon
1%
Haute-Garonne 871 Corronsac
1%
Pyrénées-Orientales 244 Corsavy
1%
Aveyron 488 Coubisou
1%
Aude 52 Coudons
1%
Aude 571 Couffoulens
1%
Aude 52 Counozouls
1%
Aveyron 363 Coupiac
1%
Aude 706 Cournanel
1%
Hérault 616 Courniou
1%
Gard 282 Courry
1%
Aude 77 Courtauly
1%
Hautes-Pyrénées 110 Coussan
1%
Aude 52 Coustaussa
1%
Pyrénées-Orientales 90 Coustouges
1%
Ariège 174 Coutens
1%
Haute-Garonne 366 Cox
1%
Lot 100 Cras
1%
Hautes-Pyrénées 46 Créchets
1%
Hérault 1 371 Creissan
1%
Aveyron 1 558 Creissels
1%
Aveyron 315 Crespin
1%
Tarn 112 Crespin
1%
Tarn 181 Crespinet
1%
Lot 1140 Cressensac-Sarrazac
1%
Gard 246 Cros
1%
Aude 921 Cruscades
1%
Hérault 953 Cruzy
1%
Aude 41 Cumiès
1%
Tarn 1618 Cunac
1%
Aveyron 293 Curan
1%
Aveyron 223 Curières
1%
Tarn 387 Curvalle
1%
Aude 916 Cuxac-Cabardès
1%
Tarn 1054 Damiatte
1%
Aude 114 Davejean
1%
Lot 642 Dégagnac
1%
Gers 322 Dému
1%
Tarn 822 Dénat
1%
Aude 46 Dernacueillette
1%
Gard 537 Dions
1%
Gard 956 Domazan
1%
Gard 755 Domessargues
1%
Aude 111 Donazac
1%
Tarn 65 Donnazac
1%
Haute-Garonne 1 117 Donneville
1%
Tarn-et-Garonne 1035 Donzac
1%
Pyrénées-Orientales 173 Dorres
1%
Lot 829 Douelle
1%
Gard 137 Dourbies
1%
Hautes-Pyrénées 219 Dours
1%
Aude 771 Douzens
1%
Ariège 359 Dreuilhe
1%
Haute-Garonne 201 Drudas
1%
Aveyron 458 Drulhe
1%
Gers 140 Duffort
1%
Tarn-et-Garonne 1210 Dunes
1%
Gers 853 Duran
1%
Lot 942 Duravel
1%
Aveyron 523 Durenque
1%
Pyrénées-Orientales 418 Égat
1%
Aude 152 Embres-et-Castelmaure
1%
Haute-Garonne 291 Empeaux
1%
Gers 438 Encausse
1%
Haute-Garonne 699 Encausse-les-Thermes
1%
Ariège 93 Encourtiech
1%
Hérault 2 160 Entre-Vignes
1%
Haute-Garonne 130 Eoux
1%
Hautes-Pyrénées 79 Esbareich
1%
Hautes-Pyrénées 351 Escala
1%
Aude 477 Escales
1%
Pyrénées-Orientales 119 Escaro
1%
Tarn-et-Garonne 1115 Escatalens
1%
Hautes-Pyrénées 117 Escaunets
1%
Ariège 126 Esclagne
1%
Hautes-Pyrénées 281 Escondeaux
1%
Ariège 370 Escosse
1%
Hautes-Pyrénées 44 Escots
1%
Hautes-Pyrénées 94 Escoubès-Pouts
1%
Aude 71 Escouloubre
1%
Tarn 616 Escoussens
1%
Haute-Garonne 290 Espanès
1%
Haute-Garonne 42 Esparron
1%
Hautes-Pyrénées 166 Esparros
1%
Haute-Garonne 266 Esperce
1%
Lot 1012 Espère
1%
Aveyron 250 Espeyrac
1%
Aude 229 Espezel
1%
Tarn-et-Garonne 198 Espinas
1%
Hérault 1 162 Espondeilhan
1%
Hautes-Pyrénées 417 Esquièze-Sère
1%
Haute-Garonne 534 Estadens
1%
Lot 114 Estal
1%
Haute-Garonne 610 Estancarbon
1%
Hautes-Pyrénées 34 Estarvielle
1%
Pyrénées-Orientales 467 Estavar
1%
Haute-Garonne 192 Esténos
1%
Hautes-Pyrénées 45 Estensan
1%
Hautes-Pyrénées 186 Esterre
1%
Gard 605 Estézargues
1%
Hautes-Pyrénées 103 Estirac
1%
Pyrénées-Orientales 144 Estoher
1%
Haute-Garonne 135 Eup
1%
Ariège 540 Eycheil
1%
Gers 215 Faget-Abbatial
1%
Aude 45 Fajac-en-Val
1%
Aude 50 Fajac-la-Relenque
1%
Tarn 587 Fauch
1%
Hérault 554 Faugères
1%
Aveyron 238 Fayet
1%
Tarn 365 Fayssac
1%
Pyrénées-Orientales 61 Feilluns
1%
Hérault 494 Félines-Minervois
1%
Aude 129 Félines-Termenès
1%
Aude 523 Fendeille
1%
Tarn 250 Fénols
1%
Aude 124 Ferran
1%
Hautes-Pyrénées 38 Ferrère
1%
Haute-Garonne 315 Figarol
1%
Pyrénées-Orientales 202 Fillols
1%
Pyrénées-Orientales 201 Finestret
1%
Tarn-et-Garonne 1499 Finhan
1%
Aveyron 1 081 Flagnac
1%
Aveyron 487 Foissac
1%
Gard 444 Foissac
1%
Aveyron 334 Fondamente
1%
Aude 559 Fontcouverte
1%
Aude 79 Fonters-du-Razès
1%
Hérault 1 053 Fontès
1%
Aude 449 Fontiers-Cabardès
1%
Aude 523 Fontiès-d'Aude
1%
Pyrénées-Orientales 131 Fontrabiouse
1%
Hautes-Pyrénées 168 Fontrailles
1%
Tarn 940 Fontrieu
1%
Haute-Garonne 223 Forgues
1%
Ariège 114 Fornex
1%
Pyrénées-Orientales 41 Fosse
1%
Ariège 429 Fougax-et-Barrineuf
1%
Gers 261 Fourcès
1%
Lozère 369 Fournels
1%
Gard 1 064 Fournès
1%
Aude 51 Fournes-Cabardès
1%
Haute-Garonne 774 Fourquevaux
1%
Aude 79 Fourtou
1%
Lozère 81 Fraissinet-de-Fourques
1%
Haute-Garonne 30 Francazal
1%
Haute-Garonne 242 Francon
1%
Hautes-Pyrénées 16 Fréchet-Aure
1%
Hautes-Pyrénées 173 Fréchou-Fréchet
1%
Tarn 1330 Fréjairolles
1%
Tarn 731 Fréjeville
1%
Ariège 82 Freychenet
1%
Haute-Garonne 195 Fronsac
1%
Pyrénées-Orientales 434 Fuilla
1%
Hérault 843 Gabian
1%
Ariège 125 Gabre
1%
Aveyron 549 Gabriac
1%
Lozère 100 Gabriac
1%
Gard 1 089 Gagnières
1%
Hautes-Pyrénées 126 Gaillagos
1%
Ariège 316 Gajan
1%
Gard 727 Gajan
1%
Hérault 756 Galargues
1%
Ariège 114 Galey
1%
Hautes-Pyrénées 176 Galez
1%
Aveyron 374 Galgan
1%
Aude 35 Galinagues
1%
Haute-Garonne 320 Ganties
1%
Haute-Garonne 153 Garac
1%
Hautes-Pyrénées 440 Gardères
1%
Aude 127 Gardie
1%
Tarn-et-Garonne 680 Garganvillar
1%
Haute-Garonne 703 Gargas
1%
Tarn 400 Garrevaques
1%
Hautes-Pyrénées 38 Gaudent
1%
Ariège 245 Gaudiès
1%
Gard 1 065 Gaujac
1%
Gers 73 Gaujac
1%
Haute-Garonne 465 Gauré
1%
Hautes-Pyrénées 94 Gaussan
1%
Hautes-Pyrénées 267 Gayan
1%
Hautes-Pyrénées 70 Gazave
1%
Gers 45 Gée-Rivière
1%
Hautes-Pyrénées 91 Gembrie
1%
Haute-Garonne 279 Gémil
1%
Ariège 23 Génat
1%
Tarn-et-Garonne 610 Génébrières
1%
Gard 696 Générargues
1%
Hautes-Pyrénées 93 Générest
1%
Aude 57 Generville
1%
Hautes-Pyrénées 87 Gensac
1%
Tarn-et-Garonne 105 Gensac
1%
Haute-Garonne 113 Gensac-de-Boulogne
1%
Haute-Garonne 448 Gensac-sur-Garonne
1%
Hautes-Pyrénées 1 194 Gerde
1%
Hautes-Pyrénées 101 Germs-sur-l'Oussouet
1%
Ariège 33 Gestiès
1%
Hautes-Pyrénées 184 Geu
1%
Hautes-Pyrénées 328 Gez
1%
Hautes-Pyrénées 23 Gez-ez-Angles
1%
Haute-Garonne 383 Gibel
1%
Tarn 128 Gijounet
1%
Tarn-et-Garonne 248 Gimat
1%
Aude 46 Gincla
1%
Aude 303 Ginoles
1%
Aveyron 98 Gissac
1%
Pyrénées-Orientales 19 Glorianes
1%
Aveyron 340 Golinhac
1%
Gers 1184 Gondrin
1%
Hérault 110 Gorniès
1%
Gard 1 116 Goudargues
1%
Hautes-Pyrénées 239 Goudon
1%
Ariège 72 Gourbit
1%
Hautes-Pyrénées 60 Gourgue
1%
Aude 77 Gourvieille
1%
Aveyron 488 Goutrens
1%
Haute-Garonne 843 Goyrans
1%
Hautes-Pyrénées 23 Grailhen
1%
Aude 125 Gramazie
1%
Aveyron 517 Gramond
1%
Lozère 748 Grandrieu
1%
Aude 102 Granès
1%
Haute-Garonne 706 Gratens
1%
Aude 90 Greffeil
1%
Haute-Garonne 1 003 Grépiac
1%
Lot 163 Grèzes
1%
Lozère 222 Grèzes
1%
Hautes-Pyrénées 82 Grézian
1%
Hautes-Pyrénées 37 Grust
1%
Ariège 201 Gudas
1%
Tarn 829 Guitalens-L'Albarède
1%
Hautes-Pyrénées 116 Guizerix
1%
Haute-Garonne 49 Guran
1%
Hérault 492 Guzargues
1%
Hautes-Pyrénées 46 Hachan
1%
Hautes-Pyrénées 42 Hagedet
1%
Gers 342 Haget
1%
Hérault 1 525 Hérépian
1%
Hautes-Pyrénées 101 Hères
1%
Haute-Garonne 71 Herran
1%
Hautes-Pyrénées 233 Hibarette
1%
Haute-Garonne 236 His
1%
Hautes-Pyrénées 137 Hitte
1%
Hautes-Pyrénées 1 201 Horgues
1%
Hautes-Pyrénées 284 Houeydets
1%
Aude 129 Hounoux
1%
Hautes-Pyrénées 109 Hourc
1%
Haute-Garonne 482 Huos
1%
Aveyron 261 Huparlac
1%
Lozère 221 Hures-la-Parade
1%
Ariège 122 Ignaux
1%
Ariège 125 Ilhat
1%
Hautes-Pyrénées 121 Ilhet
1%
Hautes-Pyrénées 53 Ilheu
1%
Ariège 73 Illartein
1%
Ariège 37 Illier-et-Laramade
1%
Haute-Garonne 620 Issus
1%
Tarn 178 Itzac
1%
Hautes-Pyrénées 257 Izaourt
1%
Haute-Garonne 295 Izaut-de-l'Hôtel
1%
Hautes-Pyrénées 210 Izaux
1%
Hautes-Pyrénées 67 Jacque
1%
Hautes-Pyrénées 303 Jarret
1%
Gers 1173 Jegun
1%
Hautes-Pyrénées 104 Jézeau
1%
Pyrénées-Orientales 367 Joch
1%
Aude 31 Joucou
1%
Gers 117 Juillac
1%
Pyrénées-Orientales 43 Jujols
1%
Hautes-Pyrénées 457 Julos
1%
Gard 1 178 Junas
1%
Hautes-Pyrénées 167 Juncalas
1%
Haute-Garonne 17 Jurvielle
1%
Ariège 58 Justiniac
1%
Haute-Garonne 378 Juzet-de-Luchon
1%
Haute-Garonne 188 Juzet-d'Izaut
1%
Aude 1 278 Labastide-d'Anjou
1%
Haute-Garonne 2 940 Labastidette
1%
Aude 406 Labécède-Lauragais
1%
Tarn 742 Labessière-Candeil
1%
Aude 47 La Bezole
1%
Tarn-et-Garonne 173 Labourgade
1%
Tarn 494 Laboutarie
1%
Haute-Garonne 322 Labroquère
1%
Haute-Garonne 293 Labruyère-Dorsa
1%
Lot 368 Laburgade
1%
Tarn 291 Lacabarède
1%
Aude 163 La Cassaigne
1%
Haute-Garonne 242 Lacaugne
1%
Hérault 319 La Caunette
1%
Tarn 314 Lacaze
1%
Aude 175 Lacombe
1%
Hérault 308 Lacoste
1%
Tarn 180 Lacougotte-Cadoul
1%
Aude 46 La Courtète
1%
Tarn 103 Lacroisille
1%
Tarn 1551 Lacrouzette
1%
Aude 268 Ladern-sur-Lauquet
1%
Aude 12 La Fajolle
1%
Haute-Garonne 98 Laffite-Toupière
1%
Hautes-Pyrénées 439 Lafitole
1%
Tarn-et-Garonne 230 Lafitte
1%
Haute-Garonne 1 201 Lafitte-Vigordane
1%
Aude 250 La Force
1%
Aveyron 1 108 La Fouillade
1%
Lot 129 Lagardelle
1%
Haute-Garonne 3 231 Lagardelle-sur-Lèze
1%
Tarn 225 Lagardiolle
1%
Tarn 1789 Lagarrigue
1%
Hautes-Pyrénées 255 Lagrange
1%
Gers 562 Lagraulet-du-Gers
1%
Haute-Garonne 256 Lagraulet-Saint-Nicolas
1%
Haute-Garonne 196 Lahage
1%
Gers 180 Lahas
1%
Gers 230 Lahitte
1%
Hautes-Pyrénées 262 Lahitte-Toupière
1%
Ariège 381 L'Aiguillon
1%
Aude 54 Lairière
1%
Lozère 116 Lajo
1%
Gers 131 Lalanne
1%
Hautes-Pyrénées 100 Lalanne
1%
Gers 148 Lalanne-Arqué
1%
Hautes-Pyrénées 118 Lalanne-Trie
1%
Pyrénées-Orientales 66 L'Albère
1%
Aude 81 La Louvière-Lauragais
1%
Lot 710 Lamagdelaine
1%
Haute-Garonne 1 200 La Magdelaine-sur-Tarn
1%
Tarn-et-Garonne 1198 Lamagistère
1%
Lozère 133 La Malène
1%
Pyrénées-Orientales 55 Lamanère
1%
Hautes-Pyrénées 867 Lamarque-Pontacq
1%
Hautes-Pyrénées 54 Lamarque-Rustaing
1%
Haute-Garonne 1 558 Lamasquère
1%
Tarn 499 Lamillarié
1%
Hautes-Pyrénées 30 Lançon
1%
Haute-Garonne 1 018 Landorthe
1%
Aude 60 Lanet
1%
Gers 521 Lannepax
1%
Ariège 55 Lanoux
1%
Hautes-Pyrénées 181 Lansac
1%
Pyrénées-Orientales 91 Lansac
1%
Gard 339 Lanuéjols
1%
Lozère 352 Lanuéjols
1%
Aveyron 726 Lanuéjouls
1%
Lozère 77 La Panouse
1%
Aveyron 124 Lapanouse-de-Cernon
1%
Ariège 20 Lapège
1%
Ariège 119 Lapenne
1%
Hautes-Pyrénées 91 Lapeyre
1%
Aude 177 La Pomarède
1%
Aude 108 Laprade
1%
Hautes-Pyrénées 46 Laran
1%
Ariège 61 Larbont
1%
Ariège 48 Larcat
1%
Aude 1 243 La Redorte
1%
Haute-Garonne 161 Laréole
1%
Ariège 20 Larnat
1%
Gers 555 La Romieu
1%
Aveyron 770 La Rouquette
1%
Tarn-et-Garonne 694 Larrazet
1%
Gers 211 Larressingle
1%
Aude 783 Lasbordes
1%
Hautes-Pyrénées 312 Lascazères
1%
Aveyron 626 La Selve
1%
Aude 95 La Serpent
1%
Tarn 569 Lasgraisses
1%
Hautes-Pyrénées 37 Lassales
1%
Ariège 91 Lassur
1%
Aude 155 Lastours
1%
Aude 24 La Tourette-Cabardès
1%
Haute-Garonne 395 Latrape
1%
Lot 411 Latronquière
1%
Haute-Garonne 1 323 Launac
1%
Aude 393 Laurabuc
1%
Aude 181 Laurac
1%
Aude 608 Lauraguel
1%
Hérault 1 774 Laurens
1%
Hérault 627 Lauret
1%
Haute-Garonne 1 653 Lauzerville
1%
Gers 365 Lavardens
1%
Tarn-et-Garonne 1633 Lavit
1%
Haute-Garonne 317 Layrac-sur-Tarn
1%
Hautes-Pyrénées 245 Layrisse
1%
Haute-Garonne 619 Le Born
1%
Lozère 153 Le Born
1%
Lozère 221 Le Buisson
1%
Haute-Garonne 943 Le Burgaud
1%
Ariège 275 Le Carlaret
1%
Tarn-et-Garonne 132 Le Causé
1%
Aveyron 274 Le Cayrol
1%
Aude 28 Le Clat
1%
Lozère 681 Le Collet-de-Dèze
1%
Gard 456 Lecques
1%
Hérault 57 Le Cros
1%
Haute-Garonne 284 Lécussan
1%
Gard 1 658 Lédenon
1%
Aveyron 638 Lédergues
1%
Gard 1 502 Lédignan
1%
Haute-Garonne 312 Le Faget
1%
Tarn 422 Le Fraysse
1%
Haute-Garonne 103 Le Fréchet
1%
Tarn 1282 Le Garric
1%
Haute-Garonne 443 Le Grès
1%
Gers 1170 Le Houga
1%
Gard 759 Le Martinet
1%
Tarn 889 Lempaut
1%
Aveyron 528 Le Nayrac
1%
Tarn-et-Garonne 1276 Léojac
1%
Ariège 476 Le Peyrat
1%
Gard 467 Le Pin
1%
Lozère 174 Le Pompidou
1%
Hérault 2 099 Le Pouget
1%
Hérault 954 Le Poujol-sur-Orb
1%
Ariège 30 Le Puch
1%
Ariège 15 Lercoul
1%
Tarn 101 Le Riols
1%
Tarn-et-Garonne 580 Les Barthes
1%
Lozère 143 Les Bondons
1%
Aude 269 Les Brunels
1%
Tarn 382 Les Cammazes
1%
Pyrénées-Orientales 233 Les Cluses
1%
Aveyron 180 Les Costes-Gozon
1%
Ariège 81 Lescousse
1%
Tarn 771 Lescout
1%
Ariège 247 Les Issards
1%
Gard 2 095 Les Mages
1%
Aude 302 Les Martys
1%
Lozère 329 Les Monts-Verts
1%
Hérault 128 Le Soulié
1%
Ariège 233 Lesparrou
1%
Aude 134 Lespinassière
1%
Gard 287 Les Plans
1%
Hérault 305 Les Plans
1%
Gard 239 Les Plantiers
1%
Pyrénées-Orientales 141 Lesquerde
1%
Lozère 166 Les Salelles
1%
Gard 2 455 Les Salles-du-Gardon
1%
Haute-Garonne 435 Lestelle-de-Saint-Martory
1%
Haute-Garonne 377 Les Tourreilles
1%
Aveyron 448 Lestrade-et-Thouels
1%
Gard 153 L'Estréchure
1%
Aveyron 344 Le Truel
1%
Tarn 227 Le Verdier
1%
Aveyron 510 Le Vibal
1%
Lot 970 Le Vignon-en-Quercy
1%
Tarn 91 Le Vintrou
1%
Ariège 105 Leychert
1%
Lot 927 Leyme
1%
Gard 1 557 Lézan
1%
Hautes-Pyrénées 76 Lhez
1%
Tarn-et-Garonne 1606 L'Honor-de-Cos
1%
Hautes-Pyrénées 199 Liac
1%
Gers 761 Lias
1%
Gers 199 Lias-d'Armagnac
1%
Hautes-Pyrénées 74 Lies
1%
Ariège 183 Lieurac
1%
Hérault 1 411 Lieuran-lès-Béziers
1%
Ariège 121 Limbrassac
1%
Lot 807 Limogne-en-Quercy
1%
Aude 131 Limousis
1%
Gard 327 Liouc
1%
Gard 920 Lirac
1%
Lot 713 Livernon
1%
Tarn 238 Livers-Cazelles
1%
Aveyron 1 123 Livinhac-le-Haut
1%
Pyrénées-Orientales 317 Llauro
1%
Pyrénées-Orientales 2 140 Llupia
1%
Haute-Garonne 295 Lodes
1%
Tarn 1106 Lombers
1%
Hautes-Pyrénées 90 Lombrès
1%
Hautes-Pyrénées 210 Lortet
1%
Pyrénées-Orientales 976 Los Masos
1%
Hautes-Pyrénées 435 Loubajac
1%
Ariège 24 Loubaut
1%
Tarn 88 Loubers
1%
Ariège 358 Loubières
1%
Lot 505 Loubressac
1%
Hautes-Pyrénées 256 Loucrup
1%
Hautes-Pyrénées 49 Loudervielle
1%
Haute-Garonne 199 Loudet
1%
Hautes-Pyrénées 1 106 Louey
1%
Ariège 93 Ludiès
1%
Hautes-Pyrénées 163 Lugagnan
1%
Aveyron 351 Lugan
1%
Tarn 420 Lugan
1%
Aveyron 439 Lunac
1%
Gers 310 Lupiac
1%
Hautes-Pyrénées 422 Luquet
1%
Haute-Garonne 47 Luscan
1%
Gard 517 Lussan
1%
Gers 236 Lussan
1%
Haute-Garonne 340 Lux
1%
Lot 1771 Luzech
1%
Ariège 246 Madière
1%
Aude 537 Magrie
1%
Tarn 131 Magrin
1%
Aude 577 Mailhac
1%
Tarn 315 Mailhoc
1%
Tarn-et-Garonne 1227 Malause
1%
Ariège 43 Malegoude
1%
Aveyron 936 Maleville
1%
Ariège 79 Malléon
1%
Aude 426 Malras
1%
Aude 863 Malves-en-Minervois
1%
Aude 365 Malviès
1%
Gers 775 Manciet
1%
Aveyron 841 Manhac
1%
Ariège 119 Manses
1%
Pyrénées-Orientales 33 Mantet
1%
Lozère 46 Marchastel
1%
Lot 193 Marcilhac-sur-Célé
1%
Aude 1 309 Marcorignan
1%
Haute-Garonne 951 Marquefave
1%
Aude 82 Marquein
1%
Gers 470 Marsan
1%
Gers 446 Marsolan
1%
Aveyron 975 Martiel
1%
Gard 269 Maruéjols-lès-Gardon
1%
Tarn 312 Marzens
1%
Gers 62 Mascaras
1%
Hautes-Pyrénées 368 Mascaras
1%
Tarn 351 Massaguel
1%
Lozère 936 Massegros Causses Gorges
1%
Gard 669 Massillargues-Attuech
1%
Hérault 2 376 Maureilhan
1%
Haute-Garonne 322 Mauremont
1%
Gers 305 Maurens
1%
Haute-Garonne 208 Maurens
1%
Tarn 144 Maurens-Scopont
1%
Gers 142 Mauroux
1%
Lot 525 Mauroux
1%
Aveyron 629 Mayran
1%
Aude 84 Mayreville
1%
Hautes-Pyrénées 110 Mazerolles
1%
Aude 148 Mazerolles-du-Razès
1%
Aude 26 Mazuby
1%
Haute-Garonne 90 Melles
1%
Haute-Garonne 788 Menville
1%
Ariège 101 Méras
1%
Ariège 351 Mercenac
1%
Haute-Garonne 491 Mérenvielle
1%
Aude 32 Mérial
1%
Ariège 112 Mérigon
1%
Haute-Garonne 290 Mervilla
1%
Gard 2 572 Meynes
1%
Lot 258 Meyronne
1%
Tarn 524 Mézens
1%
Aude 98 Mézerville
1%
Gard 626 Mialet
1%
Lot 451 Miers
1%
Tarn 237 Milhars
1%
Tarn 1038 Mirandol-Bourgnounac
1%
Aude 46 Miraval-Cabardès
1%
Aude 752 Mirepeisset
1%
Aude 58 Missègre
1%
Aude 245 Molandier
1%
Pyrénées-Orientales 248 Molitg-les-Bains
1%
Aude 141 Molleville
1%
Hautes-Pyrénées 731 Momères
1%
Tarn-et-Garonne 652 Monbéqui
1%
Gers 416 Monbrun
1%
Haute-Garonne 36 Moncaup
1%
Haute-Garonne 911 Mondavezan
1%
Haute-Garonne 219 Mondouzil
1%
Ariège 29 Monesple
1%
Tarn 1376 Monestiés
1%
Gers 509 Monfort
1%
Hautes-Pyrénées 408 Monléon-Magnoac
1%
Gard 774 Monoblet
1%
Ariège 79 Montagagne
1%
Aveyron 141 Montagnol
1%
Haute-Garonne 1 897 Montaigut-sur-Save
1%
Ariège 17 Montaillou
1%
Tarn-et-Garonne 94 Montaïn
1%
Pyrénées-Orientales 155 Montalba-le-Château
1%
Tarn-et-Garonne 653 Montalzat
1%
Ariège 216 Montardit
1%
Gard 1 388 Montaren-et-Saint-Médiers
1%
Aude 81 Montauriol
1%
Pyrénées-Orientales 251 Montauriol
1%
Tarn 62 Montauriol
1%
Aude 556 Montazels
1%
Aveyron 1 417 Montbazens
1%
Haute-Garonne 3 099 Montberon
1%
Pyrénées-Orientales 177 Montbolo
1%
Lot 343 Montcabrier
1%
Tarn 326 Montcabrier
1%
Gard 181 Montclus
1%
Tarn 616 Montdragon
1%
Pyrénées-Orientales 1 612 Montescot
1%
Haute-Garonne 460 Montespan
1%
Gers 570 Montesquiou
1%
Aveyron 218 Montézic
1%
Gard 1 517 Montfaucon
1%
Lot 592 Montfaucon
1%
Aude 625 Montferrand
1%
Pyrénées-Orientales 206 Montferrer
1%
Ariège 120 Montgauch
1%
Haute-Garonne 525 Montgeard
1%
Tarn 276 Montgey
1%
Aude 38 Monthaut
1%
Aude 69 Montirat
1%
Tarn 260 Montirat
1%
Aveyron 426 Montjaux
1%
Ariège 1 010 Montjoie-en-Couserans
1%
Haute-Garonne 1 299 Montjoire
1%
Aude 320 Montmaur
1%
Pyrénées-Orientales 331 Montner
1%
Hérault 221 Montouliers
1%
Hautes-Pyrénées 248 Montoussé
1%
Tarn 198 Montpinier
1%
Haute-Garonne 371 Montpitol
1%
Tarn-et-Garonne 1172 Montricoux
1%
Lozère 1180 Montrodat
1%
Aveyron 1 717 Montrozier
1%
Haute-Garonne 454 Montsaunès
1%
Lozère 1236 Monts-de-Randon
1%
Aude 621 Montséret
1%
Ariège 107 Montseron
1%
Tarn 241 Montvalen
1%
Aveyron 556 Morlhon-le-Haut
1%
Pyrénées-Orientales 316 Mosset
1%
Aveyron 320 Mostuéjouls
1%
Hérault 853 Moulès-et-Baucels
1%
Ariège 240 Moulin-Neuf
1%
Aveyron 549 Mouret
1%
Hérault 204 Mourèze
1%
Haute-Garonne 80 Mourvilles-Basses
1%
Haute-Garonne 166 Mourvilles-Hautes
1%
Gard 1 563 Moussac
1%
Aude 1 003 Moussoulens
1%
Haute-Garonne 126 Moustajon
1%
Aude 109 Mouthoumet
1%
Aude 707 Moux
1%
Tarn 241 Mouzieys-Panens
1%
Tarn 521 Mouzieys-Teulet
1%
Aveyron 1 076 Moyrazès
1%
Hérault 2 894 Mudaison
1%
Hautes-Pyrénées 77 Mun
1%
Hérault 352 Murles
1%
Aveyron 113 Murols
1%
Pyrénées-Orientales 76 Nahuja
1%
Ariège 119 Nalzen
1%
Aveyron 588 Nauviale
1%
Tarn 689 Navès
1%
Hérault 1 512 Nébian
1%
Aude 261 Nébias
1%
Pyrénées-Orientales 1 343 Néfiach
1%
Gard 751 Ners
1%
Ariège 63 Nescus
1%
Hautes-Pyrénées 203 Nestier
1%
Hautes-Pyrénées 94 Neuilh
1%
Aude 1 277 Névian
1%
Hérault 1 762 Nézignan-l'Évêque
1%
Hautes-Pyrénées 210 Nistos
1%
Haute-Garonne 96 Nizan-Gesse
1%
Gers 138 Nizas
1%
Hérault 665 Nizas
1%
Tarn 843 Noailhac
1%
Tarn 211 Noailles
1%
Pyrénées-Orientales 60 Nohèdes
1%
Tarn-et-Garonne 1385 Nohic
1%
Pyrénées-Orientales 152 Nyer
1%
Hérault 518 Octon
1%
Haute-Garonne 908 Odars
1%
Hautes-Pyrénées 183 Oléac-Debat
1%
Hautes-Pyrénées 112 Oléac-Dessus
1%
Hautes-Pyrénées 222 Omex
1%
Tarn 331 Orban
1%
Gers 874 Ordan-Larroque
1%
Hautes-Pyrénées 515 Ordizan
1%
Pyrénées-Orientales 26 Oreilla
1%
Ariège 185 Orgibet
1%
Tarn-et-Garonne 1721 Orgueil
1%
Hautes-Pyrénées 251 Orignac
1%
Hautes-Pyrénées 1 929 Orleix
1%
Aude 1 113 Ornaisons
1%
Hautes-Pyrénées 101 Oroix
1%
Gard 1 194 Orsan
1%
Pyrénées-Orientales 1 798 Ortaffa
1%
Hautes-Pyrénées 233 Ossen
1%
Hérault 263 Oupia
1%
Hautes-Pyrénées 48 Ourde
1%
Hautes-Pyrénées 1 215 Oursbelille
1%
Hautes-Pyrénées 206 Ouzous
1%
Hautes-Pyrénées 243 Ozon
1%
Aude 140 Padern
1%
Hautes-Pyrénées 83 Pailhac
1%
Aude 32 Palairac
1%
Aude 2 496 Palaja
1%
Tarn 444 Palleville
1%
Aveyron 1 028 Palmas d'Aveyron
1%
Gers 285 Panassac
1%
Aude 698 Paraza
1%
Hérault 173 Pardailhan
1%
Pyrénées-Orientales 1 039 Passa
1%
Haute-Garonne 1 241 Paulhac
1%
Lozère 97 Paulhac-en-Margeride
1%
Aveyron 371 Paulhe
1%
Tarn 524 Paulinet
1%
Lot 650 Payrac
1%
Aude 525 Paziols
1%
Hérault 56 Pégairolles-de-Buèges
1%
Hérault 154 Pégairolles-de-l'Escalette
1%
Haute-Garonne 520 Pelleport
1%
Lozère 232 Pelouse
1%
Aude 2 714 Pennautier
1%
Aude 1 087 Pépieux
1%
Ariège 194 Péreille
1%
Hérault 1 100 Péret
1%
Gers 673 Pessan
1%
Aude 1 241 Pexiora
1%
Aude 53 Peyrefitte-du-Razès
1%
Aude 78 Peyrefitte-sur-l'Hers
1%
Aveyron 73 Peyreleau
1%
Aude 466 Peyrens
1%
Pyrénées-Orientales 1 690 Peyrestortes
1%
Tarn 569 Peyrole
1%
Aude 87 Peyrolles
1%
Gard 33 Peyrolles
1%
Hautes-Pyrénées 274 Peyrouse
1%
Gers 150 Peyrusse-Grande
1%
Aveyron 210 Peyrusse-le-Roc
1%
Gers 110 Peyrusse-Massas
1%
Gers 65 Peyrusse-Vieille
1%
Haute-Garonne 619 Peyssies
1%
Aude 1 584 Pezens
1%
Aveyron 284 Pierrefiche
1%
Lozère 162 Pierrefiche
1%
Hérault 296 Pierrerue
1%
Aude 968 Pieusse
1%
Hautes-Pyrénées 445 Pinas
1%
Lot 771 Pinsac
1%
Tarn-et-Garonne 459 Piquecos
1%
Gers 100 Pis
1%
Pyrénées-Orientales 55 Planès
1%
Pyrénées-Orientales 93 Planèzes
1%
Aude 120 Plavilla
1%
Hérault 535 Poilhes
1%
Haute-Garonne 857 Pointis-de-Rivière
1%
Haute-Garonne 934 Pointis-Inard
1%
Gers 276 Polastron
1%
Haute-Garonne 53 Polastron
1%
Aude 920 Pomas
1%
Aveyron 120 Pomayrols
1%
Hérault 2 148 Pomérols
1%
Gard 56 Pommiers
1%
Aude 56 Pomy
1%
Haute-Garonne 600 Ponlat-Taillebourg
1%
Gard 371 Ponteils-et-Brésis
1%
Haute-Garonne 79 Poubeau
1%
Haute-Garonne 956 Poucharramet
1%
Hautes-Pyrénées 830 Poueyferré
1%
Tarn 488 Poulan-Pouzois
1%
Hautes-Pyrénées 1 108 Pouzac
1%
Haute-Garonne 83 Pouze
1%
Gard 744 Pouzilhac
1%
Hérault 1 190 Pouzolles
1%
Hérault 957 Pouzols
1%
Aude 576 Pouzols-Minervois
1%
Aude 148 Pradelles-Cabardès
1%
Ariège 45 Pradettes
1%
Ariège 121 Pradières
1%
Aveyron 354 Pradinas
1%
Tarn 91 Pratviel
1%
Ariège 368 Prayols
1%
Gers 163 Préchac
1%
Hautes-Pyrénées 240 Préchac
1%
Gers 192 Préchac-sur-Adour
1%
Gers 1222 Preignan
1%
Aude 625 Preixan
1%
Hérault 493 Prémian
1%
Haute-Garonne 723 Préserville
1%
Lozère 263 Prévenchères
1%
Lozère 255 Prinsuéjols-Malbouzon
1%
Aveyron 324 Privezac
1%
Pyrénées-Orientales 105 Prugnanes
1%
Aveyron 282 Pruines
1%
Haute-Garonne 149 Prunet
1%
Pyrénées-Orientales 47 Prunet-et-Belpuig
1%
Hérault 504 Puéchabon
1%
Aude 1 186 Puichéric
1%
Aude 263 Puilaurens
1%
Hérault 1 196 Puimisson
1%
Hérault 1 350 Puissalicon
1%
Hérault 3 020 Puisserguier
1%
Gard 3 908 Pujaut
1%
Tarn 646 Puybegon
1%
Tarn 212 Puycalvel
1%
Hautes-Pyrénées 231 Puydarrieux
1%
Tarn-et-Garonne 57 Puygaillard-de-Lomagne
1%
Tarn-et-Garonne 378 Puygaillard-de-Quercy
1%
Tarn-et-Garonne 682 Puylaroque
1%
Haute-Garonne 297 Puymaurin
1%
Pyrénées-Orientales 59 Puyvalador
1%
Aveyron 852 Quins
1%
Aude 51 Quirbajou
1%
Pyrénées-Orientales 89 Rabouillet
1%
Pyrénées-Orientales 23 Railleu
1%
Pyrénées-Orientales 161 Rasiguères
1%
Tarn 232 Rayssac
1%
Gers 282 Réans
1%
Haute-Garonne 475 Rebigue
1%
Aveyron 270 Rebourguil
1%
Lozère 166 Recoules-d'Aubrac
1%
Lozère 101 Recoules-de-Fumas
1%
Ariège 85 Régat
1%
Gers 246 Réjaumont
1%
Hautes-Pyrénées 150 Réjaumont
1%
Haute-Garonne 543 Renneville
1%
Hérault 2 302 Restinclières
1%
Pyrénées-Orientales 1 244 Reynès
1%
Aude 310 Ricaud
1%
Hautes-Pyrénées 65 Ricaud
1%
Ariège 720 Rieucros
1%
Pyrénées-Orientales 703 Rigarda
1%
Lozère 606 Rimeize
1%
Hérault 721 Riols
1%
Aude 212 Rivel
1%
Ariège 160 Rivèrenert
1%
Lozère 235 Rocles
1%
Aveyron 1 071 Rodelle
1%
Aude 107 Rodome
1%
Gers 209 Roquebrune
1%
Aude 291 Roquefeuil
1%
Hérault 212 Roqueredonde
1%
Haute-Garonne 763 Roquesérière
1%
Tarn 723 Rosières
1%
Tarn 385 Rouairoux
1%
Aude 503 Roubia
1%
Aude 508 Roullens
1%
Ariège 165 Roumengoux
1%
Haute-Garonne 250 Roumens
1%
Lozère 123 Rousses
1%
Aude 238 Routier
1%
Ariège 90 Rouze
1%
Ariège 391 Sabarat
1%
Gard 1 600 Sabran
1%
Hautes-Pyrénées 84 Sacoué
1%
Pyrénées-Orientales 399 Sahorre
1%
Haute-Garonne 807 Saiguède
1%
Hautes-Pyrénées 171 Sailhan
1%
Tarn 285 Saint-Agnan
1%
Tarn 181 Saint-Amancet
1%
Haute-Garonne 129 Saint-Araille
1%
Pyrénées-Orientales 104 Saint-Arnac
1%
Gers 129 Saint-Arroman
1%
Hautes-Pyrénées 98 Saint-Arroman
1%
Haute-Garonne 62 Saint-Aventin
1%
Tarn 273 Saint-Avit
1%
Gers 97 Saint-Avit-Frandat
1%
Ariège 59 Saint-Bauzeil
1%
Gard 668 Saint-Bauzély
1%
Lozère 601 Saint-Bauzile
1%
Aveyron 87 Saint-Beaulize
1%
Tarn-et-Garonne 107 Saint-Beauzeil
1%
Gard 287 Saint-Bénézet
1%
Gers 143 Saint-Caprais
1%
Lot 85 Saint-Caprais
1%
Gard 389 Saint-Césaire-de-Gauzignan
1%
Gers 62 Saint-Christaud
1%
Haute-Garonne 237 Saint-Christaud
1%
Tarn 213 Saint-Cirgue
1%
Aude 381 Saint-Couat-d'Aude
1%
Aude 40 Saint-Couat-du-Razès
1%
Gers 85 Saint-Créac
1%
Hautes-Pyrénées 102 Saint-Créac
1%
Gers 287 Saint-Cricq
1%
Gard 461 Saint-Dézéry
1%
Gard 1 085 Saint-Dionisy
1%
Gard 1 742 Sainte-Anastasie
1%
Aude 118 Sainte-Camelle
1%
Gers 539 Sainte-Christie
1%
Gers 377 Sainte-Christie-d'Armagnac
1%
Gers 219 Sainte-Dode
1%
Gers 115 Sainte-Gemme
1%
Tarn 872 Sainte-Gemme
1%
Tarn-et-Garonne 122 Sainte-Juliette
1%
Aveyron 624 Sainte-Juliette-sur-Viaur
1%
Pyrénées-Orientales 123 Sainte-Léocadie
1%
Haute-Garonne 258 Sainte-Livrade
1%
Aude 536 Sainte-Valière
1%
Aude 110 Saint-Ferriol
1%
Haute-Garonne 214 Saint-Frajou
1%
Aude 236 Saint-Frichoux
1%
Aude 116 Saint-Gaudéric
1%
Tarn 906 Saint-Gauzens
1%
Tarn 280 Saint-Genest-de-Contest
1%
Gers 504 Saint-Germé
1%
Gers 213 Saint-Germier
1%
Haute-Garonne 118 Saint-Germier
1%
Tarn 157 Saint-Germier
1%
Gard 1 994 Saint-Gervasy
1%
Lot 909 Saint-Géry-Vers
1%
Hérault 265 Saint-Guiraud
1%
Aveyron 178 Saint-Igest
1%
Haute-Garonne 229 Saint-Ignan
1%
Aveyron 308 Saint-Izaire
1%
Hautes-Pyrénées 121 Saint-Lanne
1%
Aveyron 425 Saint-Léons
1%
Hautes-Pyrénées 434 Saint-Lézer
1%
Tarn 1195 Saint-Lieux-lès-Lavaur
1%
Gard 1 629 Saint-Mamert-du-Gard
1%
Pyrénées-Orientales 70 Saint-Marsal
1%
Gers 308 Saint-Mont
1%
Tarn-et-Garonne 1921 Saint-Nauphary
1%
Aude 866 Saint-Papoul
1%
Hérault 2 378 Saint-Pargoire
1%
Aveyron 401 Saint-Parthem
1%
Hautes-Pyrénées 149 Saint-Pastous
1%
Aude 204 Saint-Paulet
1%
Gard 1 858 Saint-Paulet-de-Caisson
1%
Haute-Garonne 393 Saint-Plancard
1%
Aude 141 Saint-Polycarpe
1%
Tarn-et-Garonne 1362 Saint-Porquier
1%
Lot 345 Saint-Projet
1%
Tarn-et-Garonne 281 Saint-Projet
1%
Gers 588 Saint-Puy
1%
Ariège 370 Saint-Quirc
1%
Haute-Garonne 431 Saint-Rustice
1%
Tarn 71 Saint-Salvi-de-Carcavès
1%
Tarn 518 Saint-Salvy-de-la-Balme
1%
Aveyron 530 Saint-Santin
1%
Tarn-et-Garonne 1151 Saint-Sardos
1%
Gers 349 Saint-Sauvy
1%
Hérault 973 Saint-Sériès
1%
Gard 1 115 Saint-Siffret
1%
Lot 485 Saint-Sozy
1%
Gard 548 Saint-Théodorit
1%
Tarn 221 Saint-Urcisse
1%
Hautes-Pyrénées 243 Saléchan
1%
Haute-Garonne 338 Saleich
1%
Hautes-Pyrénées 89 Saligos
1%
Gard 3 648 Salindres
1%
Aveyron 1 005 Salles-Curan
1%
Aveyron 762 Salmiech
1%
Ariège 48 Salsein
1%
Aude 378 Salsigne
1%
Aude 69 Salvezines
1%
Lot 1205 Salviac
1%
Aude 20 Salza
1%
Haute-Garonne 245 Sana
1%
Gard 813 Sanilhac-Sagriès
1%
Pyrénées-Orientales 27 Sansa
1%
Aveyron 643 Sanvensa
1%
Gers 862 Saramon
1%
Hautes-Pyrénées 106 Sarp
1%
Gers 361 Sarrant
1%
Hautes-Pyrénées 273 Sarriac-Bigorre
1%
Hautes-Pyrénées 541 Sarrouilles
1%
Hautes-Pyrénées 72 Sassis
1%
Hérault 1 018 Saturargues
1%
Haute-Garonne 2 324 Saubens
1%
Aveyron 169 Sauclières
1%
Gard 289 Saumane
1%
Haute-Garonne 211 Saussens
1%
Hérault 985 Saussines
1%
Ariège 123 Sautel
1%
Pyrénées-Orientales 98 Sauto
1%
Haute-Garonne 249 Saux-et-Pomarède
1%
Gard 802 Sauzet
1%
Lot 536 Sauzet
1%
Tarn-et-Garonne 820 Savenès
1%
Gard 2 104 Saze
1%
Hautes-Pyrénées 152 Sazos
1%
Aveyron 529 Sébrazac
1%
Gers 1151 Ségoufielle
1%
Ariège 188 Ségura
1%
Hautes-Pyrénées 259 Ségus
1%
Hautes-Pyrénées 88 Seich
1%
Haute-Garonne 209 Seilhan
1%
Gers 1099 Seissan
1%
Tarn 2009 Sémalens
1%
Hautes-Pyrénées 291 Sénac
1%
Gard 241 Sénéchas
1%
Aveyron 424 Sénergues
1%
Tarn 1124 Senouillac
1%
Tarn-et-Garonne 2248 Septfonds
1%
Pyrénées-Orientales 228 Serdinya
1%
Tarn 495 Sérénac
1%
Gard 1 794 Sernhac
1%
Hautes-Pyrénées 331 Séron
1%
Pyrénées-Orientales 235 Serralongue
1%
Hautes-Pyrénées 109 Sers
1%
Lozère 248 Serverette
1%
Tarn 594 Serviès
1%
Aude 198 Serviès-en-Val
1%
Gard 165 Seynes
1%
Haute-Garonne 128 Seyre
1%
Hautes-Pyrénées 462 Siarrouy
1%
Ariège 101 Sieuras
1%
Haute-Garonne 47 Signac
1%
Ariège 96 Siguer
1%
Gers 701 Simorre
1%
Hautes-Pyrénées 287 Siradan
1%
Hérault 746 Siran
1%
Haute-Garonne 21 Sode
1%
Gers 493 Solomiac
1%
Aveyron 519 Sonnac
1%
Aude 133 Sonnac-sur-l'Hers
1%
Ariège 83 Sorgeat
1%
Hautes-Pyrénées 99 Sost
1%
Hérault 943 Soubès
1%
Haute-Garonne 520 Soueich
1%
Aude 124 Sougraigne
1%
Aude 359 Souilhanels
1%
Aude 333 Souilhe
1%
Aveyron 298 Soulages-Bonneval
1%
Aude 128 Soulatgé
1%
Hautes-Pyrénées 289 Soulom
1%
Aude 234 Soupex
1%
Lot 1333 Sousceyrac-en-Quercy
1%
Gard 121 Soustelle
1%
Gard 908 Souvignargues
1%
Gard 1 291 Sumène
1%
Ariège 319 Surba
1%
Ariège 17 Suzan
1%
Aveyron 114 Sylvanès
1%
Pyrénées-Orientales 105 Taillet
1%
Tarn 522 Taïx
1%
Aude 467 Talairan
1%
Haute-Garonne 579 Tarabel
1%
Pyrénées-Orientales 44 Tarerach
1%
Pyrénées-Orientales 195 Targassonne
1%
Pyrénées-Orientales 59 Taulis
1%
Ariège 207 Taurignan-Vieux
1%
Pyrénées-Orientales 326 Taurinya
1%
Aveyron 523 Taussac
1%
Hérault 459 Taussac-la-Billière
1%
Aveyron 185 Tayrac
1%
Tarn 1067 Técou
1%
Ariège 156 Teilhet
1%
Tarn 445 Teillet
1%
Pyrénées-Orientales 782 Terrats
1%
Tarn 477 Teulat
1%
Hautes-Pyrénées 91 Thèbe
1%
Hautes-Pyrénées 230 Thermes-Magnoac
1%
Aveyron 391 Thérondels
1%
Gard 1 053 Théziers
1%
Haute-Garonne 1 141 Thil
1%
Gard 603 Thoiras-Corbès
1%
Ariège 44 Thouars-sur-Arize
1%
Hautes-Pyrénées 18 Thuy
1%
Hautes-Pyrénées 330 Tibiran-Jaunac
1%
Ariège 21 Tignac
1%
Hautes-Pyrénées 225 Tilhouse
1%
Tarn 96 Tonnac
1%
Pyrénées-Orientales 184 Tordères
1%
Gard 947 Tornac
1%
Hautes-Pyrénées 547 Tostat
1%
Haute-Garonne 241 Touille
1%
Gers 294 Toujouse
1%
Aveyron 745 Toulonjac
1%
Hérault 1 829 Tourbes
1%
Gers 179 Tournan
1%
Aveyron 424 Tournemire
1%
Aude 268 Tournissan
1%
Aude 489 Tourouzelle
1%
Aude 130 Tourreilles
1%
Ariège 158 Tourtouse
1%
Ariège 262 Tourtrol
1%
Haute-Garonne 402 Toutens
1%
Hautes-Pyrénées 35 Tramezaïgues
1%
Aude 598 Trausse
1%
Tarn 406 Trébas
1%
Aude 255 Treilles
1%
Aveyron 476 Trémouilles
1%
Ariège 121 Trémoulet
1%
Gard 1 803 Tresques
1%
Pyrénées-Orientales 1 155 Tresserre
1%
Gard 110 Trèves
1%
Pyrénées-Orientales 174 Trévillach
1%
Hautes-Pyrénées 425 Tuzaguet
1%
Hautes-Pyrénées 274 Uglas
1%
Ariège 126 Unac
1%
Ariège 114 Unzent
1%
Haute-Garonne 118 Urau
1%
Pyrénées-Orientales 47 Urbanya
1%
Ariège 28 Urs
1%
Hérault 438 Usclas-d'Hérault
1%
Hérault 241 Usclas-du-Bosc
1%
Hautes-Pyrénées 104 Uzer
1%
Gard 141 Vabres
1%
Aveyron 1 219 Vabres-l'Abbaye
1%
Haute-Garonne 1 334 Vacquiers
1%
Hérault 2 647 Vailhauquès
1%
Tarn-et-Garonne 940 Vaïssac
1%
Aveyron 1 595 Valady
1%
Haute-Garonne 144 Valcabrère
1%
Pyrénées-Orientales 35 Valcebollère
1%
Gard 1 418 Val-d'Aigoual
1%
Tarn 827 Valderiès
1%
Tarn 874 Valdurenque
1%
Haute-Garonne 878 Valentine
1%
Hérault 2 107 Valergues
1%
Hérault 784 Valflaunès
1%
Gard 1 376 Vallabrègues
1%
Haute-Garonne 517 Vallègue
1%
Gard 135 Vallérargues
1%
Haute-Garonne 441 Vallesvilles
1%
Pyrénées-Orientales 34 Valmanya
1%
Hérault 1 645 Valros
1%
Lot 350 Varaire
1%
Haute-Garonne 267 Varennes
1%
Tarn-et-Garonne 645 Varennes
1%
Haute-Garonne 384 Vaudreuille
1%
Ariège 32 Vaychis
1%
Tarn-et-Garonne 760 Vazerac
1%
Ariège 121 Vèbre
1%
Lozère 219 Vebron
1%
Hérault 1 151 Vendémian
1%
Haute-Garonne 290 Vendine
1%
Gard 1 264 Vénéjan
1%
Lozère 260 Ventalon en Cévennes
1%
Tarn 1023 Verdalle
1%
Gard 597 Verfeuil
1%
Ariège 29 Vernaux
1%
Hérault 91 Verreries-de-Moussans
1%
Aveyron 378 Verrières
1%
Aveyron 416 Versols-et-Lapeyre
1%
Aude 489 Verzeille
1%
Gard 1 342 Vestric-et-Candiac
1%
Aveyron 136 Veyreau
1%
Aveyron 649 Vézins-de-Lévézou
1%
Lozère 438 Vialas
1%
Tarn 533 Viane
1%
Hautes-Pyrénées 81 Vidou
1%
Gers 516 Viella
1%
Hautes-Pyrénées 83 Viella
1%
Hautes-Pyrénées 94 Vier-Bordes
1%
Hérault 269 Vieussan
1%
Hautes-Pyrénées 19 Viey
1%
Hautes-Pyrénées 143 Viger
1%
Hautes-Pyrénées 201 Vignec
1%
Aude 970 Villalier
1%
Aude 500 Villardonnel
1%
Haute-Garonne 796 Villariès
1%
Aude 257 Villarzel-Cabardès
1%
Aude 98 Villarzel-du-Razès
1%
Aude 1 212 Villasavary
1%
Haute-Garonne 1 094 Villate
1%
Haute-Garonne 1 599 Villaudric
1%
Tarn-et-Garonne 1356 Villebrumier
1%
Aude 554 Villedaigne
1%
Aude 345 Villedubert
1%
Aude 156 Villefloure
1%
Hautes-Pyrénées 74 Villefranque
1%
Aude 1 658 Villegailhenc
1%
Aude 1 196 Villegly
1%
Tarn-et-Garonne 810 Villemade
1%
Aude 247 Villemagne
1%
Hérault 421 Villemagne-l'Argentière
1%
Haute-Garonne 1 090 Villematier
1%
Pyrénées-Orientales 1 323 Villemolaque
1%
Hérault 67 Villeneuvette
1%
Aude 1 260 Villepinte
1%
Aude 157 Villerouge-Termenès
1%
Lot 396 Villesèque
1%
Aude 370 Villesèque-des-Corbières
1%
Aude 899 Villesèquelande
1%
Hérault 1 628 Villetelle
1%
Tarn 151 Vindrac-Alayrac
1%
Pyrénées-Orientales 549 Vingrau
1%
Tarn 251 Virac
1%
Lot 340 Vire-sur-Lot
1%
Hautes-Pyrénées 34 Viscos
1%
Ariège 153 Viviès
1%
Aveyron 1 227 Viviez
1%
Tarn-et-Garonne 602 Albefeuille-Lagarde
0%
Tarn 66 Amarens
0%
Haute-Garonne 62 Ambax
0%
Tarn-et-Garonne 242 Angeville
0%
Gers 76 Ansan
0%
Gers 132 Arblade-le-Bas
0%
Gers 330 Arblade-le-Haut
0%
Gers 222 Ardizas
0%
Gers 72 Armentieux
0%
Gers 93 Armous-et-Cau
0%
Gers 87 Arrouède
0%
Tarn-et-Garonne 134 Asques
0%
Gard 318 Aubussargues
0%
Gers 120 Augnax
0%
Gers 90 Aujan-Mournède
0%
Lot 374 Aujols
0%
Gers 678 Auradé
0%
Gers 214 Aurimont
0%
Gers 71 Aussos
0%
Gers 75 Avensac
0%
Gers 179 Avéron-Bergelle
0%
Gers 95 Avezan
0%
Gers 156 Ayguetinte
0%
Lot 556 Aynac
0%
Gers 159 Ayzieu
0%
Gers 111 Bajonnette
0%
Lot 384 Baladou
0%
Tarn-et-Garonne 40 Balignac
0%
Lot 146 Bannes
0%
Gers 105 Barcugnan
0%
Tarn-et-Garonne 238 Bardigues
0%
Lot 702 Barguelonne-en-Quercy
0%
Gers 171 Bascous
0%
Lozère 66 Bassurels
0%
Gers 108 Bazian
0%
Gers 59 Bazugues
0%
Haute-Garonne 186 Beauteville
0%
Gers 121 Beccas
0%
Gers 134 Bédéchan
0%
Lot 207 Bélaye
0%
Lot 1201 Bellefont-La Rauze
0%
Gers 292 Béraut
0%
Gers 418 Berdoues
0%
Lot 130 Berganty
0%
Gers 192 Bernède
0%
Lot 74 Bessonies
0%
Hautes-Pyrénées 46 Betbèze
0%
Gers 91 Betcave-Aguin
0%
Gers 72 Bétous
0%
Gers 98 Betplan
0%
Hautes-Pyrénées 60 Bettes
0%
Gers 114 Bézéril
0%
Haute-Garonne 41 Bezins-Garraux
0%
Gers 135 Bezolles
0%
Gers 188 Bézues-Bajon
0%
Gers 375 Biran
0%
Gers 126 Bivès
0%
Gers 44 Blanquefort
0%
Lot 133 Blars
0%
Lozère 261 Blavignac
0%
Gers 129 Blaziert
0%
Gers 36 Blousson-Sérian
0%
Haute-Garonne 68 Boissède
0%
Gers 126 Bonas
0%
Hautes-Pyrénées 71 Bonnemazon
0%
Gard 80 Bonnevaux
0%
Gers 210 Boucagnères
0%
Haute-Garonne 147 Boudrac
0%
Gers 187 Boulaur
0%
Gers 170 Bourrouillan
0%
Lot 93 Bouziès
0%
Haute-Garonne 86 Bouzin
0%
Gers 163 Bouzon-Gellenave
0%
Gard 168 Bragassargues
0%
Haute-Garonne 317 Bragayrac
0%
Hautes-Pyrénées 30 Bramevaque
0%
Aveyron 295 Brandonnet
0%
Hérault 56 Brenas
0%
Lot 204 Brengues
0%
Gers 254 Brugnens
0%
Gers 71 Cadeillan
0%
Lot 161 Cadrieu
0%
Lot 599 Caillac
0%
Gers 172 Caillavet
0%
Lot 457 Calamane
0%
Gers 52 Callian
0%
Lot 228 Calvignac
0%
Lot 136 Cambayrac
0%
Lot 361 Cambes
0%
Lot 254 Camboulit
0%
Lot 434 Camburat
0%
Hérault 724 Campagnan
0%
Lot 387 Caniac-du-Causse
0%
Haute-Garonne 231 Caragoudes
0%
Lot 107 Carayac
0%
Haute-Garonne 265 Cardeilhac
0%
Hérault 120 Carlencas-et-Levas
0%
Lot 223 Carlucet
0%
Haute-Garonne 241 Castelbiague
0%
Lot 427 Castelfranc
0%
Haute-Garonne 58 Castelgaillard
0%
Aveyron 113 Castelmary
0%
Gers 123 Castelnavet
0%
Hautes-Pyrénées 243 Castelvieilh
0%
Gers 52 Castéron
0%
Haute-Garonne 107 Casties-Labrande
0%
Gers 101 Catonvielle
0%
Gers 440 Caupenne-d'Armagnac
0%
Gard 26 Causse-Bégon
0%
Hérault 164 Caussiniojouls
0%
Haute-Garonne 85 Cazac
0%
Lot 173 Cénevières
0%
Gers 229 Céran
0%
Haute-Garonne 158 Cessales
0%
Hérault 426 Cesseras
0%
Lot 174 Cézac
0%
Gers 211 Cézan
0%
Haute-Garonne 250 Charlas
0%
Lozère 78 Chastanier
0%
Lozère 84 Chauchailles
0%
Lozère 289 Chaudeyrac
0%
Lozère 62 Chaulhac
0%
Gers 171 Chélan
0%
Lozère 63 Cheylard-l'Évêque
0%
Haute-Garonne 220 Ciadoux
0%
Lot 619 Cieurac
0%
Gard 669 Collorgues
0%
Tarn 182 Combefa
0%
Tarn-et-Garonne 268 Comberouger
0%
Lot 305 Concorès
0%
Lot 410 Concots
0%
Lot 388 Condat
0%
Gard 108 Conqueyrac
0%
Lot 353 Cornac
0%
Gers 158 Corneillan
0%
Haute-Garonne 95 Coueilles
0%
Haute-Garonne 412 Couladère
0%
Hérault 365 Coulobres
0%
Gers 200 Couloumé-Mondebat
0%
Haute-Garonne 229 Couret
0%
Gers 396 Courrensan
0%
Tarn 79 Courris
0%
Gers 48 Courties
0%
Tarn-et-Garonne 119 Coutures
0%
Lot 96 Couzou
0%
Gers 258 Crastes
0%
Gers 91 Cravencères
0%
Lot 802 Crayssac
0%
Lot 77 Crégols
0%
Lot 368 Cremps
0%
Gard 465 Crespian
0%
Lot 310 Creysse
0%
Gard 708 Cruviers-Lascours
0%
Lozère 47 Cubiérettes
0%
Gers 124 Cuélas
0%
Haute-Garonne 174 Cuguron
0%
Lozère 193 Cultures
0%
Tarn-et-Garonne 51 Cumont
0%
Lot 240 Cuzac
0%
Lot 646 Cuzance
0%
Hautes-Pyrénées 50 Devèze
0%
Lot 156 Durbans
0%
Gers 499 Endoufielle
0%
Lot 212 Escamps
0%
Aveyron 242 Escandolières
0%
Haute-Garonne 232 Escanecrabe
0%
Tarn-et-Garonne 291 Escazeaux
0%
Lozère 420 Esclanèdes
0%
Gers 342 Esclassan-Labastide
0%
Lot 218 Esclauzels
0%
Hautes-Pyrénées 34 Esconnets
0%
Gers 568 Escornebœuf
0%
Haute-Garonne 79 Escoulis
0%
Lot 86 Espagnac-Sainte-Eulalie
0%
Tarn-et-Garonne 384 Espalais
0%
Gers 186 Espaon
0%
Tarn-et-Garonne 256 Esparsac
0%
Gers 129 Espas
0%
Hautes-Pyrénées 42 Espèche
0%
Lot 275 Espédaillac
0%
Tarn 164 Espérausses
0%
Lot 95 Espeyroux
0%
Hautes-Pyrénées 25 Espieilh
0%
Gers 162 Estampes
0%
Hautes-Pyrénées 74 Estampures
0%
Gers 209 Estipouy
0%
Gers 131 Estramiac
0%
Lot 309 Fajoles
0%
Tarn-et-Garonne 105 Fajolles
0%
Tarn-et-Garonne 293 Faudoas
0%
Tarn-et-Garonne 186 Fauroux
0%
Tarn 132 Faussergues
0%
Lot 706 Faycelles
0%
Lot 470 Felzins
0%
Tarn-et-Garonne 151 Féneyrols
0%
Gers 143 Flamarens
0%
Lot 88 Flaujac-Gare
0%
Lot 798 Flaujac-Poujols
0%
Gard 352 Flaux
0%
Lot 175 Floressas
0%
Haute-Garonne 115 Folcarde
0%
Lozère 235 Fontans
0%
Gard 250 Fontarèches
0%
Haute-Garonne 100 Fougaron
0%
Lot 175 Fourmagnac
0%
Hérault 249 Fouzilhon
0%
Hérault 188 Fozières
0%
Tarn 92 Fraissines
0%
Haute-Garonne 174 Francarville
0%
Lot 255 Francoulès
0%
Haute-Garonne 331 Franquevielle
0%
Tarn 84 Frausseilles
0%
Lot 304 Frayssinet
0%
Lot 370 Frayssinet-le-Gélat
0%
Lot 160 Frayssinhes
0%
Hautes-Pyrénées 47 Fréchède
0%
Hautes-Pyrénées 31 Fréchendets
0%
Gers 349 Frégouville
0%
Gard 159 Fressac
0%
Lot 72 Frontenac
0%
Gers 135 Fustérouau
0%
Haute-Garonne 79 Fustignac
0%
Lozère 161 Gabrias
0%
Gard 275 Gailhan
0%
Gers 183 Galiax
0%
Tarn-et-Garonne 126 Gariès
0%
Gers 150 Garravet
0%
Tarn-et-Garonne 404 Gasques
0%
Lozère 52 Gatuzières
0%
Gers 108 Gaudonville
0%
Gers 116 Gaujan
0%
Gers 139 Gavarret-sur-Aulouste
0%
Gers 253 Gazaupouy
0%
Gers 70 Gazax-et-Baccarisse
0%
Lot 304 Gigouzac
0%
Gers 276 Gimbrède
0%
Tarn-et-Garonne 195 Ginals
0%
Lot 348 Gindou
0%
Lot 141 Ginouillac
0%
Lot 100 Gintrac
0%
Lot 357 Girac
0%
Gers 97 Giscaro
0%
Lot 296 Glanes
0%
Tarn-et-Garonne 69 Glatens
0%
Tarn-et-Garonne 37 Goas
0%
Hautes-Pyrénées 29 Gonez
0%
Lot 334 Gorses
0%
Haute-Garonne 41 Goudex
0%
Tarn-et-Garonne 959 Goudourville
0%
Lot 218 Goujounac
0%
Haute-Garonne 185 Goutevernisse
0%
Gers 214 Goutz
0%
Gers 62 Goux
0%
Haute-Garonne 81 Gouzens
0%
Hérault 574 Graissessac
0%
Lozère 62 Grandvals
0%
Lot 294 Gréalou
0%
Lot 231 Grézels
0%
Hautes-Pyrénées 96 Hauban
0%
Gers 157 Haulies
0%
Hautes-Pyrénées 60 Hautaget
0%
Gers 215 Idrac-Respaillès
0%
Lot 516 Issendolus
0%
Lot 272 Issepts
0%
Gard 313 Issirac
0%
Gers 88 Izotges
0%
Hérault 266 Joncels
0%
Tarn 99 Jouqueviel
0%
Gers 226 Juilles
0%
Lozère 48 Julianges
0%
Gers 112 Justian
0%
Haute-Garonne 67 Juzes
0%
Gers 142 Labarthète
0%
Hautes-Pyrénées 231 Labassère
0%
Lot 202 Labathude
0%
Gers 293 Labéjan
0%
Hautes-Pyrénées 84 Laborde
0%
Tarn 165 Laboulbène
0%
Gers 216 Labrihe
0%
Gard 223 La Cadière-et-Cambo
0%
Hautes-Pyrénées 247 Lacassagne
0%
Lozère 369 Lachamp-Ribennes
0%
Gers 222 Ladevèze-Rivière
0%
Gers 214 Ladevèze-Ville
0%
Lot 90 Ladirat
0%
Hérault 110 Lagamas
0%
Gers 78 Lagardère
0%
Haute-Garonne 563 Lagrâce-Dieu
0%
Gers 247 Laguian-Mazous
0%
Haute-Garonne 62 Lahitère
0%
Hérault 522 La Livinière
0%
Haute-Garonne 135 Lalouret-Laffiteau
0%
Gers 79 Lamaguère
0%
Gers 126 Lamazère
0%
Hautes-Pyrénées 150 Laméac
0%
Gard 138 Lamelouze
0%
Tarn 56 Lamontélarié
0%
Hautes-Pyrénées 144 Lanespède
0%
Gers 106 Lannemaignan
0%
Gers 224 Lannux
0%
Lot 575 Lanzac
0%
Tarn 94 Laparrouquial
0%
Tarn-et-Garonne 290 Lapenche
0%
Haute-Garonne 63 Lapeyrère
0%
Lot 352 Laramière
0%
Haute-Garonne 185 Larcan
0%
Gers 237 Larée
0%
Lot 136 Larnagol
0%
Gard 635 La Rouvière
0%
Hautes-Pyrénées 382 Larreule
0%
Gers 198 Lartigue
0%
Gers 413 La Sauvetat
0%
Tarn 258 La Sauzière-Saint-Jean
0%
Tarn 88 Lasfaillades
0%
Hautes-Pyrénées 343 Laslades
0%
Gers 356 Lasséran
0%
Gers 184 Lasserrade
0%
Gers 337 Lasseube-Propre
0%
Aveyron 315 Lassouts
0%
Lozère 95 La Tieule
0%
Haute-Garonne 313 Latoue
0%
Lot 237 Latouille-Lentillac
0%
Hérault 1 324 La Tour-sur-Orb
0%
Lozère 101 Laubert
0%
Gers 286 Laujuzan
0%
Gers 249 Lauraët
0%
Lot 245 Lauresses
0%
Hérault 202 Lauroux
0%
Haute-Garonne 260 Lautignac
0%
Lot 209 Lauzès
0%
Hérault 195 La Vacquerie-et-Saint-Martin-de-Castries
0%
Tarn-et-Garonne 216 Lavaurette
0%
Gers 104 Laveraët
0%
Lot 253 Lavercantière
0%
Lot 481 Lavergne
0%
Gard 350 La Vernarède
0%
Gers 224 Laymont
0%
Lot 137 Le Bastit
0%
Gers 342 Leboulin
0%
Lot 124 Le Bouyssou
0%
Gers 240 Le Brouilh-Monbert
0%
Haute-Garonne 463 Le Cabanial
0%
Haute-Garonne 476 Le Cuing
0%
Tarn 156 Lédas-et-Penthiès
0%
Tarn 114 Le Dourn
0%
Gard 234 Le Garn
0%
Gers 278 Lelin-Lapujolle
0%
Tarn 256 Le Masnau-Massuguiès
0%
Lot 1081 Le Montat
0%
Lot 624 Lendou-en-Quercy
0%
Lot 110 Lentillac-du-Causse
0%
Lot 190 Lentillac-Saint-Blaise
0%
Lot 213 Léobard
0%
Tarn 60 Le Rialet
0%
Aveyron 342 Les Albres
0%
Lozère 425 Les Bessons
0%
Haute-Garonne 73 Lescuns
0%
Hautes-Pyrénées 162 Lescurry
0%
Lozère 99 Les Hermaux
0%
Aude 56 Les Ilhes
0%
Lot 259 Les Junies
0%
Lozère 151 Les Laubies
0%
Lot 310 Les Pechs du Vers
0%
Haute-Garonne 85 Lespiteau
0%
Hautes-Pyrénées 207 Lespouey
0%
Haute-Garonne 86 Lespugue
0%
Lozère 98 Les Salces
0%
Hérault 663 Le Triadou
0%
Hérault 151 Liausson
0%
Hautes-Pyrénées 136 Libaros
0%
Haute-Garonne 127 Lieoux
0%
Gers 209 Ligardes
0%
Aude 43 Lignairolles
0%
Haute-Garonne 129 Lilhac
0%
Lot 234 Linac
0%
Tarn-et-Garonne 537 Lizac
0%
Hautes-Pyrénées 112 Lizos
0%
Gard 263 Logrian-Florian
0%
Hautes-Pyrénées 36 Lomné
0%
Gers 156 Loubersan
0%
Gers 105 Loudébat
0%
Hautes-Pyrénées 198 Louit
0%
Gers 162 Lourties-Monbrun
0%
Gers 60 Louslitges
0%
Gers 70 Loussous-Débat
0%
Hautes-Pyrénées 61 Lubret-Saint-Luc
0%
Hautes-Pyrénées 105 Luby-Betmont
0%
Lot 127 Lugagnac
0%
Lot 607 Lunan
0%
Lot 93 Lunegarde
0%
Gers 135 Luppé-Violles
0%
Hautes-Pyrénées 97 Lustar
0%
Hautes-Pyrénées 214 Lutilhous
0%
Gers 232 Magnan
0%
Gers 59 Magnas
0%
Gers 223 Maignaut-Tauzia
0%
Haute-Garonne 35 Mailholas
0%
Gers 100 Malabat
0%
Gard 120 Malons-et-Elze
0%
Haute-Garonne 108 Malvezie
0%
Gers 83 Manas-Bastanous
0%
Haute-Garonne 378 Mancioux
0%
Gard 379 Mandagout
0%
Gers 90 Manent-Montané
0%
Hautes-Pyrénées 40 Mansan
0%
Gers 60 Mansempuy
0%
Gers 44 Mansencôme
0%
Tarn-et-Garonne 306 Mansonville
0%
Gers 428 Marambat
0%
Gers 43 Maravat
0%
Gers 341 Marestaing
0%
Hérault 736 Margon
0%
Gers 154 Margouët-Meymes
0%
Gers 58 Marguestau
0%
Haute-Garonne 135 Marliac
0%
Lot 346 Marminiac
0%
Tarn 80 Marnaves
0%
Hautes-Pyrénées 86 Marquerie
0%
Hautes-Pyrénées 65 Marsas
0%
Haute-Garonne 130 Marsoulas
0%
Gard 437 Martignargues
0%
Haute-Garonne 66 Martisserre
0%
Aveyron 219 Martrin
0%
Haute-Garonne 185 Mascarville
0%
Lot 358 Masclat
0%
Haute-Garonne 98 Massabrac
0%
Tarn 113 Massals
0%
Gard 207 Massanes
0%
Tarn-et-Garonne 144 Maubec
0%
Gers 159 Maulichères
0%
Tarn-et-Garonne 49 Maumusson
0%
Gers 148 Maumusson-Laguian
0%
Gers 199 Maupas
0%
Haute-Garonne 205 Mauran
0%
Haute-Garonne 500 Mauressac
0%
Gard 171 Mauressargues
0%
Haute-Garonne 305 Maureville
0%
Haute-Garonne 214 Mauvaisin
0%
Lot 292 Maxou
0%
Lot 259 Mayrac
0%
Haute-Garonne 27 Mayrègne
0%
Lot 488 Mayrinhac-Lentour
0%
Aude 40 Mayronnes
0%
Hautes-Pyrénées 14 Mazouau
0%
Lot 125 Mechmont
0%
Gers 76 Meilhan
0%
Aveyron 62 Mélagues
0%
Aveyron 122 Meljac
0%
Hérault 52 Mérifons
0%
Hautes-Pyrénées 232 Mérilheu
0%
Tarn-et-Garonne 203 Merles
0%
Gard 787 Meyrannes
0%
Lot 193 Milhac
0%
Haute-Garonne 179 Milhas
0%
Tarn 97 Milhavet
0%
Hautes-Pyrénées 98 Mingot
0%
Tarn 106 Miolles
0%
Gers 535 Miradoux
0%
Haute-Garonne 61 Mirambeau
0%
Gers 62 Mirannes
0%
Tarn 99 Missècle
0%
Haute-Garonne 166 Molas
0%
Lozère 97 Molezon
0%
Gers 381 Monblanc
0%
Gers 125 Moncassin
0%
Gers 144 Moncorneil-Grazan
0%
Haute-Garonne 81 Mondilhan
0%
Haute-Garonne 51 Monestrol
0%
Hautes-Pyrénées 203 Monfaucon
0%
Gers 109 Monferran-Plavès
0%
Gers 813 Monferran-Savès
0%
Gers 89 Mongausy
0%
Gers 288 Monguilhem
0%
Gers 162 Monlaur-Bernet
0%
Gers 164 Monlezun
0%
Gers 194 Monlezun-d'Armagnac
0%
Hautes-Pyrénées 109 Monlong
0%
Gers 41 Monpardiac
0%
Gers 68 Montadet
0%
Tarn-et-Garonne 194 Montagudet
0%
Gers 114 Montamat
0%
Lot 92 Montamel
0%
Tarn-et-Garonne 174 Montbarla
0%
Haute-Garonne 199 Montberaud
0%
Haute-Garonne 215 Montbernard
0%
Lot 257 Montcléra
0%
Gard 188 Montdardier
0%
Lot 557 Montdoumerc
0%
Tarn 410 Montdurausse
0%
Gers 700 Montestruc-sur-Gers
0%
Lot 214 Montet-et-Bouxal
0%
Tarn-et-Garonne 108 Montfermier
0%
Aveyron 128 Montfranc
0%
Haute-Garonne 169 Montgazin
0%
Lot 320 Montgesty
0%
Aude 45 Montgradail
0%
Haute-Garonne 111 Montgras
0%
Gers 80 Monties
0%
Gard 563 Montignargues
0%
Gers 140 Montiron
0%
Aude 83 Montjardin
0%
Lot 118 Montlauzun
0%
Haute-Garonne 197 Montmaurin
0%
Gard 487 Montmirat
0%
Haute-Garonne 129 Montoussin
0%
Tarn 35 Montrosier
0%
Aveyron 326 Montsalès
0%
Hautes-Pyrénées 73 Montsérié
0%
Lot 302 Montvalent
0%
Aude 234 Monze
0%
Gers 112 Mormès
0%
Gers 389 Mouchan
0%
Gers 76 Mouchès
0%
Tarn-et-Garonne 90 Mouillac
0%
Tarn 254 Moularès
0%
Tarn 215 Moulayrès
0%
Hautes-Pyrénées 212 Moulédous
0%
Gard 648 Moulézan
0%
Hautes-Pyrénées 44 Moumoulous
0%
Aveyron 186 Mounes-Prohencoux
0%
Gers 72 Mourède
0%
Tarn 122 Mouzens
0%
Aveyron 211 Murasson
0%
Lot 161 Nadaillac-de-Rouge
0%
Lot 71 Nadillac
0%
Hérault 1 023 Neffiès
0%
Haute-Garonne 52 Nénigan
0%
Lozère 94 Noalhac
0%
Gers 394 Noilhan
0%
Haute-Garonne 389 Noueilles
0%
Gers 381 Nougaroulet
0%
Hautes-Pyrénées 230 Nouilhan
0%
Gers 102 Noulens
0%
Lot 354 Nuzéjouls
0%
Hérault 170 Olmet-et-Villecun
0%
Aveyron 189 Ols-et-Rinhodes
0%
Gers 278 Orbessan
0%
Hautes-Pyrénées 29 Organ
0%
Hautes-Pyrénées 110 Orieux
0%
Hautes-Pyrénées 361 Orincles
0%
Gers 213 Ornézan
0%
Lot 71 Orniac
0%
Aude 117 Orsans
0%
Gard 438 Orthoux-Sérignac-Quilhan
0%
Hautes-Pyrénées 91 Osmets
0%
Hautes-Pyrénées 151 Oueilloux
0%
Hautes-Pyrénées 43 Ourdis-Cotdoussan
0%
Hautes-Pyrénées 14 Ourdon
0%
Hautes-Pyrénées 35 Ousté
0%
Tarn 166 Padiès
0%
Haute-Garonne 814 Palaminy
0%
Lozère 184 Palhers
0%
Gers 62 Pallanne
0%
Gers 425 Panjas
0%
Hautes-Pyrénées 76 Paréac
0%
Gard 684 Parignargues
0%
Lot 383 Parnac
0%
Gers 606 Pauilhac
0%
Aude 374 Pauligne
0%
Lot 653 Payrignac
0%
Haute-Garonne 86 Payssous
0%
Gers 104 Pébées
0%
Tarn 188 Péchaudier
0%
Haute-Garonne 263 Péguilhan
0%
Gers 111 Pellefigue
0%
Gers 111 Perchède
0%
Gers 335 Pergain-Taillac
0%
Lot 427 Pern-Lhospitalet
0%
Tarn-et-Garonne 172 Perville
0%
Lot 190 Pescadoires
0%
Gers 138 Pessoulens
0%
Hautes-Pyrénées 170 Peyraube
0%
Gers 72 Peyrecave
0%
Tarn 77 Peyregoux
0%
Gard 275 Peyremale
0%
Hautes-Pyrénées 63 Peyret-Saint-André
0%
Hautes-Pyrénées 21 Peyriguère
0%
Lot 344 Peyrilles
0%
Haute-Garonne 77 Peyrissas
0%
Haute-Garonne 80 Peyrouzet
0%
Hautes-Pyrénées 104 Peyrun
0%
Hérault 237 Pézènes-les-Mines
0%
Lozère 186 Pied-de-Borne
0%
Hautes-Pyrénées 22 Pintac
0%
Haute-Garonne 94 Plagne
0%
Haute-Garonne 318 Plagnole
0%
Aude 117 Plaigne
0%
Lot 544 Planioles
0%
Gers 157 Plieux
0%
Lot 192 Pomarède
0%
Tarn-et-Garonne 561 Pommevic
0%
Gers 208 Pompiac
0%
Gers 101 Ponsampère
0%
Gers 76 Ponsan-Soubiran
0%
Lot 180 Pontcirq
0%
Hérault 355 Popian
0%
Gard 369 Potelières
0%
Tarn 266 Poudis
0%
Gard 256 Pougnadoresse
0%
Hérault 181 Poujols
0%
Hautes-Pyrénées 154 Poumarous
0%
Tarn-et-Garonne 87 Poupas
0%
Lozère 126 Pourcharesses
0%
Aveyron 212 Pousthomy
0%
Gers 126 Pouydraguin
0%
Gers 148 Pouylebon
0%
Pyrénées-Orientales 78 Prats-de-Sournia
0%
Lot 230 Prendeignes
0%
Gers 120 Préneron
0%
Aveyron 288 Prévinquières
0%
Gers 182 Projan
0%
Lot 220 Promilhanes
0%
Haute-Garonne 69 Proupiary
0%
Lot 729 Prudhomat
0%
Lozère 229 Prunières
0%
Tarn 104 Puéchoursi
0%
Gard 47 Puechredon
0%
Aude 155 Puginier
0%
Hérault 638 Puilacher
0%
Hautes-Pyrénées 158 Puntous
0%
Lot 1003 Puybrun
0%
Gers 436 Puycasquier
0%
Tarn-et-Garonne 757 Puycornet
0%
Haute-Garonne 555 Puydaniel
0%
Lot 89 Puyjourdes
0%
Tarn-et-Garonne 333 Puylagarde
0%
Gers 159 Puylausic
0%
Gers 73 Puységur
0%
Haute-Garonne 135 Puysségur
0%
Aude 48 Quintillan
0%
Gers 179 Ramouzens
0%
Lot 100 Rampoux
0%
Haute-Garonne 34 Razecueillé
0%
Gers 249 Razengues
0%
Hautes-Pyrénées 203 Recurt
0%
Haute-Garonne 137 Régades
0%
Lot 171 Reilhac
0%
Lot 148 Reilhaguet
0%
Gard 26 Revens
0%
Tarn-et-Garonne 879 Reyniès
0%
Lot 363 Reyrevignes
0%
Aude 109 Ribouisse
0%
Gers 49 Ricourt
0%
Haute-Garonne 58 Rieucazé
0%
Haute-Garonne 137 Rieumajou
0%
Hérault 82 Rieussec
0%
Gers 168 Riguepeu
0%
Haute-Garonne 52 Riolas
0%
Gard 837 Robiac-Rochessadoule
0%
Gard 250 Rochegude
0%
Gard 99 Rogues
0%
Hérault 21 Romiguières
0%
Tarn-et-Garonne 401 Roquecor
0%
Gard 265 Roquedur
0%
Aude 77 Roquefère
0%
Gers 568 Roquelaure
0%
Gers 99 Roquelaure-Saint-Aubin
0%
Gers 30 Roquepine
0%
Hérault 102 Roquessels
0%
Tarn 132 Roquevidal
0%
Hérault 264 Rosis
0%
Haute-Garonne 288 Rouède
0%
Hérault 68 Rouet
0%
Lot 189 Rouffilhac
0%
Tarn 88 Roussayrolles
0%
Aveyron 631 Roussennac
0%
Gers 113 Rozès
0%
Lot 182 Rudelle
0%
Lot 192 Rueyres
0%
Aude 509 Rustiques
0%
Lot 92 Sabadel-Latronquière
0%
Lot 86 Sabadel-Lauzès
0%
Gers 151 Sabaillan
0%
Hautes-Pyrénées 148 Sabalos
0%
Hautes-Pyrénées 33 Sabarros
0%
Gers 131 Sabazan
0%
Haute-Garonne 327 Sabonnères
0%
Haute-Garonne 20 Saccourvielle
0%
Gers 84 Sadeillan
0%
Hautes-Pyrénées 196 Sadournin
0%
Lot 75 Saignes
0%
Lot 149 Saillac
0%
Gers 139 Saint-Arailles
0%
Tarn-et-Garonne 146 Saint-Arroumex
0%
Gers 146 Saint-Aunix-Lengros
0%
Gard 68 Saint-Bresson
0%
Lot 122 Saint-Bressou
0%
Haute-Garonne 436 Saint-Cézert
0%
Lot 181 Saint-Chamarand
0%
Lot 136 Saint-Chels
0%
Lot 326 Saint-Cirgues
0%
Tarn-et-Garonne 138 Saint-Cirice
0%
Gers 91 Sainte-Aurence-Cazaux
0%
Lozère 60 Saint-Frézal-d'Albuges
0%
Gers 143 Saint-Griède
0%
Gers 104 Saint-Loube
0%
Haute-Garonne 362 Saint-Marcet
0%
Gers 242 Saint-Mézard
0%
Gers 88 Saint-Ost
0%
Lot 209 Saint-Perdoux
0%
Gers 161 Saint-Soulan
0%
Haute-Garonne 116 Sajas
0%
Hérault 328 Salasc
0%
Gard 202 Salazac
0%
Haute-Garonne 60 Salerm
0%
Gard 553 Salinelles
0%
Aveyron 439 Salles-Courbatiès
0%
Haute-Garonne 130 Saman
0%
Gers 81 Samaran
0%
Haute-Garonne 111 Samouillan
0%
Hautes-Pyrénées 26 Samuran
0%
Hautes-Pyrénées 100 Sanous
0%
Gers 97 Sansan
0%
Gard 352 Sardan
0%
Hautes-Pyrénées 159 Sariac-Magnoac
0%
Hautes-Pyrénées 78 Sarlabous
0%
Hautes-Pyrénées 259 Sarniguet
0%
Gers 224 Sarragachies
0%
Gers 88 Sarraguzan
0%
Haute-Garonne 78 Sarrecave
0%
Haute-Garonne 91 Sarremezan
0%
Aveyron 124 Saujac
0%
Lot 117 Sauliac-sur-Célé
0%
Tarn 622 Saussenac
0%
Hérault 429 Sauteyrargues
0%
Gers 107 Sauviac
0%
Gers 67 Sauvimont
0%
Haute-Garonne 185 Savarthès
0%
Haute-Garonne 222 Savères
0%
Gard 239 Savignargues
0%
Gers 42 Scieurac-et-Flourès
0%
Gers 65 Séailles
0%
Haute-Garonne 63 Sédeilhac
0%
Hautes-Pyrénées 81 Ségalas
0%
Gers 226 Ségos
0%
Haute-Garonne 331 Ségreville
0%
Aude 29 Seignalens
0%
Gers 58 Sembouès
0%
Gers 58 Sémézies-Cachan
0%
Gers 304 Sempesserre
0%
Lot 130 Sénaillac-Latronquière
0%
Lot 139 Sénaillac-Lauzès
0%
Haute-Garonne 118 Sénarens
0%
Tarn 36 Senaux
0%
Haute-Garonne 219 Sengouagnet
0%
Lot 142 Séniergues
0%
Hautes-Pyrénées 77 Sentous
0%
Haute-Garonne 207 Sepx
0%
Gers 42 Sérempuy
0%
Gard 207 Servas
0%
Gard 629 Serviers-et-Labaume
0%
Tarn 270 Sieurac
0%
Hautes-Pyrénées 136 Sinzos
0%
Gers 96 Sion
0%
Gers 163 Sirac
0%
Hautes-Pyrénées 61 Sireix
0%
Tarn-et-Garonne 203 Sistels
0%
Hautes-Pyrénées 198 Sombrun
0%
Lot 91 Sonac
0%
Gers 210 Sorbets
0%
Hérault 40 Sorbs
0%
Hautes-Pyrénées 46 Soréac
0%
Lot 635 Soturac
0%
Pyrénées-Orientales 34 Souanyas
0%
Hautes-Pyrénées 174 Soublecause
0%
Lot 103 Soucirac
0%
Gard 266 Soudorgues
0%
Lot 135 Soulomès
0%
Hérault 221 Soumont
0%
Hautes-Pyrénées 300 Souyeaux
0%
Lot 270 Strenquels
0%
Gers 108 Tachoires
0%
Hautes-Pyrénées 136 Tajan
0%
Hautes-Pyrénées 76 Talazac
0%
Hautes-Pyrénées 270 Tarasteix
0%
Gers 162 Tarsac
0%
Gers 245 Tasque
0%
Aude 110 Taurize
0%
Gers 63 Taybosc
0%
Gers 370 Terraube
0%
Haute-Garonne 139 Terrebasse
0%
Aude 15 Terroles
0%
Lot 174 Terrou
0%
Lot 164 Teyssieu
0%
Tarn 381 Teyssode
0%
Gard 52 Tharaux
0%
Lot 294 Thédirac
0%
Lot 485 Thégra
0%
Lot 242 Thémines
0%
Lot 177 Théminettes
0%
Gers 258 Thoux
0%
Gers 152 Tieste-Uragnoux
0%
Gers 280 Tillac
0%
Gers 86 Tirent-Pontéjac
0%
Tarn-et-Garonne 335 Touffailles
0%
Gers 507 Touget
0%
Gers 134 Tourdun
0%
Gers 261 Tournecoupe
0%
Hautes-Pyrénées 78 Tournous-Darré
0%
Hautes-Pyrénées 83 Tournous-Devant
0%
Gers 106 Tourrenquets
0%
Lot 369 Touzac
0%
Aude 28 Trassanel
0%
Gers 70 Traversères
0%
Tarn 57 Tréban
0%
Tarn-et-Garonne 229 Tréjouls
0%
Lozère 90 Trélans
0%
Lot 812 Trespoux-Rassiels
0%
Hérault 684 Tressan
0%
Tarn 195 Trévien
0%
Aude 106 Tréville
0%
Aude 105 Tréziers
0%
Pyrénées-Orientales 76 Trilla
0%
Gers 169 Troncens
0%
Hautes-Pyrénées 75 Troubat
0%
Hautes-Pyrénées 107 Trouley-Labarthe
0%
Gers 55 Tudelle
0%
Hautes-Pyrénées 86 Ugnouas
0%
Gers 273 Urdens
0%
Gers 238 Urgosse
0%
Lot 207 Uzech
0%
Hérault 741 Vacquières
0%
Hérault 145 Vailhan
0%
Aveyron 636 Vailhourles
0%
Aude 167 Val de Lambronne
0%
Tarn-et-Garonne 247 Valeilles
0%
Gard 415 Vallabrix
0%
Gard 632 Valliguières
0%
Hérault 48 Valmascle
0%
Aude 24 Valmigère
0%
Aveyron 206 Valzergues
0%
Aveyron 490 Vaureilles
0%
Lot 332 Vaylats
0%
Tarn 151 Veilhes
0%
Hérault 97 Vélieux
0%
Aude 32 Véraza
0%
Gers 309 Vergoignan
0%
Tarn-et-Garonne 552 Verlhac-Tescou
0%
Gers 120 Verlus
0%
Lot 337 Viazac
0%
Lot 187 Vidaillac
0%
Hautes-Pyrénées 230 Vidouze
0%
Haute-Garonne 358 Vieillevigne
0%
Hautes-Pyrénées 49 Vieuzos
0%
Haute-Garonne 146 Vignaux
0%
Aude 105 Vignevieille
0%
Tarn-et-Garonne 129 Vigueron
0%
Aude 137 Villanière
0%
Aude 56 Villardebelle
0%
Aude 64 Villautou
0%
Aude 139 Villebazy
0%
Hautes-Pyrénées 110 Villembits
0%
Aude 381 Villesiscle
0%
Hérault 182 Villespassans
0%
Aude 408 Villespy
0%
Aude 34 Villetritouls
0%
Aveyron 251 Vimenet
0%
Gers 101 Viozan
0%
Hautes-Pyrénées 368 Visker
0%
Gard 67 Vissec
0%
Tarn 358 Viterbe
0%
Aucun quiz correspondant
Distribution des résultats
% des personnes avec chaque résultat
Percentile par nombre de réponses
Votre historique - résultats
Vous n’avez pas pris ce quiz depuis la dernière actualisation